{"text_format":"3","workbook":"xlsx","n_sheets":6,"sheets":["PLANILHA ORCAMENTARIA","RESUMO","COMPOSICOES","CRONOGRAMA","BDI","ENCARGOS SOCIAIS"],"not_rendered":{"images":7,"defined_names":6},"read":"whole","date_system":"1900"}

{"sheet":"PLANILHA ORCAMENTARIA","index":0,"n_rows":114,"n_cols":10,"rows_kept":114,"merged":[[0,0,0,9],[1,0,2,0],[1,1,2,1],[1,2,2,2],[1,3,2,3],[1,4,2,4],[1,5,2,5],[1,6,1,7],[1,8,1,9],[3,1,3,7],[6,1,6,7],[7,1,7,7],[11,1,11,7],[20,1,20,7],[25,1,25,7],[44,1,44,7],[48,1,48,7],[50,1,50,7],[51,1,51,7],[55,1,55,7],[64,1,64,7],[73,1,73,7],[77,1,77,7],[81,1,81,7],[83,1,83,7],[84,1,84,7],[90,1,90,7],[98,1,98,7],[100,1,100,7],[106,1,106,7],[110,7,110,8],[111,7,111,8],[112,7,112,8],[113,7,113,8]]}
[]
["ITEM","CÓDIGO","DESCRIÇÃO","FONTE","UNID","QUANTIDADE","PREÇO UNITÁRIO R$",null,"PREÇO TOTAL R$"]
[{"$nulls":6},"SEM BDI","COM BDI","SEM BDI","COM BDI"]
["1","SERVIÇOS PRELIMINARES - GLOBAL",{"$nulls":6},{"v":9408.47,"d":"9,408.47"},{"v":11561.74,"d":"11,561.74"}]
["1.1","103689","FORNECIMENTO E INSTALAÇÃO DE PLACA DE OBRA COM CHAPA GALVANIZADA E ESTRUTURA DE MADEIRA. AF_03/2022_PS","SINAPI","M2",{"v":6,"d":"6.00"},457.78,562.52,{"v":2746.68,"d":"2,746.68"},{"v":3375.12,"d":"3,375.12"}]
["1.2","260","Revisão em cobertura com telha cerâmica tipo canal, 1ª, com reposição de 10% do material - R!","Composições Próprias","m2",135.54,49.15,{"v":60.4,"d":"60.40"},{"v":6661.79,"d":"6,661.79"},{"v":8186.62,"d":"8,186.62"}]
["2","REFORMA - WCS ACESSÍVEIS",{"$nulls":6},{"v":18320.61,"d":"18,320.61"},{"v":22512.28,"d":"22,512.28"}]
["2.1","RETIRADAS E DEMOLIÇÕES",{"$nulls":6},209.88,257.95]
["2.1.1","97622","DEMOLIÇÃO DE ALVENARIA DE BLOCO FURADO, DE FORMA MANUAL, SEM REAPROVEITAMENTO. AF_09/2023","SINAPI","M3",1.49,56.33,69.22,83.93,103.14]
["2.1.2","97644","REMOÇÃO DE PORTAS, DE FORMA MANUAL, SEM REAPROVEITAMENTO. AF_09/2023","SINAPI","M2",5.04,9.47,11.64,47.73,58.67]
["2.1.3","97634","DEMOLIÇÃO DE REVESTIMENTO CERÂMICO, DE FORMA MECANIZADA COM MARTELETE, SEM REAPROVEITAMENTO. AF_09/2023","SINAPI","M2",13.08,5.98,7.35,78.22,96.14]
["2.2","ALVENARIA E REVESTIMENTOS GERAIS",{"$nulls":6},{"v":7440.93,"d":"7,440.93"},{"v":9143.38,"d":"9,143.38"}]
["2.2.1","103329","ALVENARIA DE VEDAÇÃO DE BLOCOS CERÂMICOS FURADOS NA HORIZONTAL DE 9X19X19 CM (ESPESSURA 9 CM) E ARGAMASSA DE ASSENTAMENTO COM PREPARO MANUAL. AF_12/2021","SINAPI","M2",10.35,92.35,113.48,955.82,{"v":1174.52,"d":"1,174.52"}]
["2.2.2","105023","VERGA MOLDADA IN LOCO EM CONCRETO, ESPESSURA DE *15* CM. AF_03/2024","SINAPI","M",{"v":6.5,"d":"6.50"},60.72,74.61,394.68,484.97]
["2.2.3","105031","CONTRAVERGA MOLDADA IN LOCO COM UTILIZAÇÃO DE BLOCOS CANALETA, ESPESSURA DE *15* CM. AF_03/2024","SINAPI","M",{"v":2.2,"d":"2.20"},47.68,58.59,{"v":104.9,"d":"104.90"},{"v":128.9,"d":"128.90"}]
["2.2.4","87879","CHAPISCO APLICADO EM ALVENARIAS E ESTRUTURAS DE CONCRETO INTERNAS, COM COLHER DE PEDREIRO. ARGAMASSA TRAÇO 1:3 COM PREPARO EM BETONEIRA 400L. AF_06/2014","SINAPI","M2",{"v":20.7,"d":"20.70"},{"v":4.3,"d":"4.30"},5.28,89.01,{"v":109.3,"d":"109.30"}]
["2.2.5","87547","MASSA ÚNICA, PARA RECEBIMENTO DE PINTURA, EM ARGAMASSA TRAÇO 1:2:8, PREPARO MECÂNICO COM BETONEIRA 400L, APLICADA MANUALMENTE EM FACES INTERNAS DE PAREDES, ESPESSURA DE 10MM, COM EXECUÇÃO DE TALISCAS. AF_06/2014","SINAPI","M2",{"v":20.7,"d":"20.70"},25.43,31.25,{"v":526.4,"d":"526.40"},646.88]
["2.2.6","104611","REVESTIMENTO CERÂMICO PARA PAREDES INTERNAS COM PLACAS TIPO ESMALTADA DE DIMENSÕES 60X60 CM APLICADAS NA ALTURA INTEIRA DAS PAREDES. AF_02/2023_PE","SINAPI","M2",37.28,107.74,132.39,{"v":4016.55,"d":"4,016.55"},{"v":4935.5,"d":"4,935.50"}]
["2.2.7","S02266","Soleira em granito cinza andorinha, l = 15 cm, e = 2 cm","ORSE","m",4.18,90.82,{"v":111.6,"d":"111.60"},379.63,466.49]
["2.2.8","87257","REVESTIMENTO CERÂMICO PARA PISO COM PLACAS TIPO ESMALTADA DE DIMENSÕES 60X60 CM APLICADA EM AMBIENTES DE ÁREA MAIOR QUE 10 M2. AF_02/2023_PE","SINAPI","M2",13.08,74.46,{"v":91.5,"d":"91.50"},973.94,{"v":1196.82,"d":"1,196.82"}]
["2.3","INSTALAÇÕES ELÉTRICAS",{"$nulls":6},{"v":539.9,"d":"539.90"},663.23]
["2.3.1","91953","INTERRUPTOR SIMPLES (1 MÓDULO), 10A/250V, INCLUINDO SUPORTE E PLACA - FORNECIMENTO E INSTALAÇÃO. AF_12/2015","SINAPI","UN",{"v":3,"d":"3.00"},28.19,34.64,84.57,103.92]
["2.3.2","93653","DISJUNTOR MONOPOLAR TIPO DIN, CORRENTE NOMINAL DE 10A - FORNECIMENTO E INSTALAÇÃO. AF_10/2020","SINAPI","UN",{"v":1,"d":"1.00"},10.16,12.48,10.16,12.48]
["2.3.3","91926","CABO DE COBRE FLEXÍVEL ISOLADO, 2,5 MM², ANTI-CHAMA 450/750 V, PARA CIRCUITOS TERMINAIS - FORNECIMENTO E INSTALAÇÃO. AF_12/2015","SINAPI","M",{"v":45,"d":"45.00"},4.65,5.71,209.25,256.95]
["2.3.4","60126","PLAFON PLAFON 25W LED SOBREPOR BRANCO NEUTRO","Composições Próprias","UND",{"v":4,"d":"4.00"},58.98,72.47,235.92,289.88]
["2.4","INSTALAÇÕES HIDROSSANITÁRIAS, LOUÇAS E METAIS",{"$nulls":6},{"v":6074.02,"d":"6,074.02"},{"v":7463.82,"d":"7,463.82"}]
["2.4.1","89356","TUBO, PVC, SOLDÁVEL, DN 25MM, INSTALADO EM RAMAL OU SUB- RAMAL DE ÁGUA - FORNECIMENTO E INSTALAÇÃO. AF_06/2022","SINAPI","M",{"v":12,"d":"12.00"},22.54,{"v":27.7,"d":"27.70"},270.48,{"v":332.4,"d":"332.40"}]
["2.4.2","89395","TE, PVC, SOLDÁVEL, DN 25MM, INSTALADO EM RAMAL OU SUB- RAMAL DE ÁGUA - FORNECIMENTO E INSTALAÇÃO. AF_06/2022","SINAPI","UN",{"v":2,"d":"2.00"},12.11,14.88,24.22,29.76]
["2.4.3","90373","JOELHO 90 GRAUS COM BUCHA DE LATÃO, PVC, SOLDÁVEL, DN 25MM, X 1/2 INSTALADO EM RAMAL OU SUB-RAMAL DE ÁGUA - FORNECIMENTO E INSTALAÇÃO. AF_06/2022","SINAPI","UN",{"v":2,"d":"2.00"},12.18,14.97,24.36,29.94]
["2.4.4","89489","CURVA 90 GRAUS, PVC, SOLDÁVEL, DN 25MM, INSTALADO EM PRUMADA DE ÁGUA - FORNECIMENTO E INSTALAÇÃO. AF_06/2022","SINAPI","UN",{"v":4,"d":"4.00"},7.05,8.66,{"v":28.2,"d":"28.20"},34.64]
["2.4.5","89728","CURVA CURTA 90 GRAUS, PVC, SERIE NORMAL, ESGOTO PREDIAL, DN 40 MM, JUNTA SOLDÁVEL, FORNECIDO E INSTALADO EM RAMAL DE DESCARGA OU RAMAL DE ESGOTO SANITÁRIO.","SINAPI","UN",{"v":4,"d":"4.00"},12.17,14.95,48.68,{"v":59.8,"d":"59.80"}]
["2.4.6","89748","CURVA CURTA 90 GRAUS, PVC, SERIE NORMAL, ESGOTO PREDIAL, DN 100 MM, JUNTA ELÁSTICA, FORNECIDO E INSTALADO EM RAMAL DE DESCARGA OU RAMAL DE ESGOTO SANITÁRIO.","SINAPI","UN",{"v":4,"d":"4.00"},40.62,49.91,162.48,199.64]
["2.4.7","89500","CURVA 45 GRAUS, PVC, SOLDÁVEL, DN 40MM, INSTALADO EM PRUMADA DE ÁGUA - FORNECIMENTO E INSTALAÇÃO. AF_06/2022","SINAPI","UN",{"v":4,"d":"4.00"},11.64,{"v":14.3,"d":"14.30"},46.56,{"v":57.2,"d":"57.20"}]
["2.4.8","89746","JOELHO 45 GRAUS, PVC, SERIE NORMAL, ESGOTO PREDIAL, DN 100 MM, JUNTA ELÁSTICA, FORNECIDO E INSTALADO EM RAMAL DE DESCARGA OU RAMAL DE ESGOTO SANITÁRIO. AF_08/2022","SINAPI","UN",{"v":4,"d":"4.00"},{"v":27.1,"d":"27.10"},{"v":33.3,"d":"33.30"},{"v":108.4,"d":"108.40"},{"v":133.2,"d":"133.20"}]
["2.4.9","89731","JOELHO 90 GRAUS, PVC, SERIE NORMAL, ESGOTO PREDIAL, DN 50 MM, JUNTA ELÁSTICA, FORNECIDO E INSTALADO EM RAMAL DE DESCARGA OU RAMAL DE ESGOTO SANITÁRIO. AF_08/2022","SINAPI","UN",{"v":4,"d":"4.00"},14.39,17.68,57.56,70.72]
["2.4.10","89744","JOELHO 90 GRAUS, PVC, SERIE NORMAL, ESGOTO PREDIAL, DN 100 MM, JUNTA ELÁSTICA, FORNECIDO E INSTALADO EM RAMAL DE DESCARGA OU RAMAL DE ESGOTO SANITÁRIO. AF_08/2022","SINAPI","UN",{"v":4,"d":"4.00"},26.31,32.33,105.24,129.32]
["2.4.11","89785","JUNÇÃO SIMPLES, PVC, SERIE NORMAL, ESGOTO PREDIAL, DN 50 X 50 MM, JUNTA ELÁSTICA, FORNECIDO E INSTALADO EM RAMAL DE DESCARGA OU RAMAL DE ESGOTO SANITÁRIO. AF_08/2022","SINAPI","UN",{"v":2,"d":"2.00"},25.51,31.35,51.02,{"v":62.7,"d":"62.70"}]
["2.4.12","89753","LUVA SIMPLES, PVC, SERIE NORMAL, ESGOTO PREDIAL, DN 50 MM, JUNTA ELÁSTICA, FORNECIDO E INSTALADO EM RAMAL DE DESCARGA OU RAMAL DE ESGOTO SANITÁRIO. AF_08/2022","SINAPI","UN",{"v":2,"d":"2.00"},8.55,10.51,{"v":17.1,"d":"17.10"},21.02]
["2.4.13","89778","LUVA SIMPLES, PVC, SERIE NORMAL, ESGOTO PREDIAL, DN 100 MM, JUNTA ELÁSTICA, FORNECIDO E INSTALADO EM RAMAL DE DESCARGA OU RAMAL DE ESGOTO SANITÁRIO. AF_08/2022","SINAPI","UN",{"v":2,"d":"2.00"},{"v":15.8,"d":"15.80"},19.42,{"v":31.6,"d":"31.60"},38.84]
["2.4.14","89711","TUBO PVC, SERIE NORMAL, ESGOTO PREDIAL, DN 40 MM, FORNECIDO E INSTALADO EM RAMAL DE DESCARGA OU RAMAL DE ESGOTO SANITÁRIO. AF_08/2022","SINAPI","M",{"v":10,"d":"10.00"},20.57,25.28,{"v":205.7,"d":"205.70"},{"v":252.8,"d":"252.80"}]
["2.4.15","89714","TUBO PVC, SERIE NORMAL, ESGOTO PREDIAL, DN 100 MM, FORNECIDO E INSTALADO EM RAMAL DE DESCARGA OU RAMAL DE ESGOTO SANITÁRIO. AF_08/2022","SINAPI","M",{"v":10,"d":"10.00"},36.26,44.56,{"v":362.6,"d":"362.60"},{"v":445.6,"d":"445.60"}]
["2.4.16","95472","VASO SANITARIO SIFONADO CONVENCIONAL PARA PCD SEM FURO FRONTAL COM LOUÇA BRANCA SEM ASSENTO, INCLUSO CONJUNTO DE LIGAÇÃO PARA BACIA SANITÁRIA AJUSTÁVEL - FORNECIMENTO E INSTALAÇÃO. AF_01/2020","SINAPI","UN",{"v":2,"d":"2.00"},795.55,977.57,{"v":1591.1,"d":"1,591.10"},{"v":1955.14,"d":"1,955.14"}]
["2.4.17","86941","LAVATÓRIO LOUÇA BRANCA COM COLUNA, 45 X 55CM OU EQUIVALENTE, PADRÃO MÉDIO, INCLUSO SIFÃO TIPO GARRAFA, VÁLVULA E ENGATE FLEXÍVEL DE 40CM EM METAL CROMADO, COM TORNEIRA CROMADA DE MESA, PADRÃO MÉDIO - FORNECIMENTO EBAINRSRTAADLAEÇAÃPOO.IOAFR_E0T1A/,2E0M20ACO INOX POLIDO, COMPRIMENTO 80","SINAPI","UN",{"v":2,"d":"2.00"},826.46,{"v":1015.55,"d":"1,015.55"},{"v":1652.92,"d":"1,652.92"},{"v":2031.1,"d":"2,031.10"}]
["2.4.18","100868","CM, FIXADA NA PAREDE - FORNECIMENTO E INSTALAÇÃO.","SINAPI","UN",{"v":4,"d":"4.00"},321.45,{"v":395,"d":"395.00"},{"v":1285.8,"d":"1,285.80"},{"v":1580,"d":"1,580.00"}]
["2.5","ESQUADRIAS",{"$nulls":6},{"v":3459.17,"d":"3,459.17"},{"v":4250.64,"d":"4,250.64"}]
["2.5.1","90844","KIT DE PORTA DE MADEIRA PARA PINTURA, SEMI-OCA (LEVE OU MÉDIA), PADRÃO MÉDIO, 90X210CM, ESPESSURA DE 3,5CM, ITENS INCLUSOS: DOBRADIÇAS, MONTAGEM E INSTALAÇÃO DO BATENTE, FECHADURA COM EXECUÇÃO DO FURO - FORNECIMENTO E","SINAPI","UN",{"v":2,"d":"2.00"},{"v":1134.55,"d":"1,134.55"},{"v":1394.14,"d":"1,394.14"},{"v":2269.1,"d":"2,269.10"},{"v":2788.28,"d":"2,788.28"}]
["2.5.2","100874","PUXADOR PARA PCD, FIXADO NA PORTA - FORNECIMENTO E INSTALAÇÃO. AF_01/2020","SINAPI","UN",{"v":2,"d":"2.00"},290.42,356.87,580.84,713.74]
["2.5.3","94573","JANELA DE ALUMÍNIO DE CORRER COM 4 FOLHAS PARA VIDROS, COM VIDROS, BATENTE, ACABAMENTO COM ACETATO OU BRILHANTE E FERRAGENS. EXCLUSIVE ALIZAR E CONTRAMARCO. FORNECIMENTO E INSTALAÇÃO. AF_12/2019","SINAPI","M2",{"v":1.6,"d":"1.60"},380.77,467.89,609.23,748.62]
["2.6","FORRO",{"$nulls":6},596.71,733.26]
["2.6.1","96113","FORRO EM PLACAS DE GESSO, PARA AMBIENTES COMERCIAIS. AF_05/2017_P","SINAPI","M2",13.08,45.62,56.06,596.71,733.26]
["3","REFORMA - SALA DE EXPOSIÇÕES",{"$nulls":6},{"v":18597.65,"d":"18,597.65"},{"v":22852.79,"d":"22,852.79"}]
["3.1","RETIRADAS E DEMOLIÇÕES",{"$nulls":6},{"v":415.3,"d":"415.30"},510.41]
["3.1.1","97622","DEMOLIÇÃO DE ALVENARIA DE BLOCO FURADO, DE FORMA MANUAL, SEM REAPROVEITAMENTO. AF_09/2023","SINAPI","M3",2.24,56.33,69.22,126.18,155.05]
["3.1.2","97644","REMOÇÃO DE PORTAS, DE FORMA MANUAL, SEM REAPROVEITAMENTO. AF_09/2023","SINAPI","M2",8.17,9.47,11.64,77.37,{"v":95.1,"d":"95.10"}]
["3.1.3","97634","DEMOLIÇÃO DE REVESTIMENTO CERÂMICO, DE FORMA MECANIZADA COM MARTELETE, SEM REAPROVEITAMENTO.","SINAPI","M2",35.41,5.98,7.35,211.75,260.26]
["3.2","ESTRUTURA, ALVENARIA E REVESTIMENTOS GERAIS",{"$nulls":6},{"v":6988.11,"d":"6,988.11"},{"v":8587.09,"d":"8,587.09"}]
["3.2.1","95957_ATT","COMPOSIÇÃO REPRESENTATIVA) EXECUÇÃO DE ESTRUTURAS DE CONCRETO ARMADO, PARA EDIFICAÇÃO INSTITUCIONAL TÉRREA, FCK = 25 MPA.","Composições Próprias","M3",0.45,{"v":2952.79,"d":"2,952.79"},{"v":3628.39,"d":"3,628.39"},{"v":1328.76,"d":"1,328.76"},{"v":1632.78,"d":"1,632.78"}]
["3.2.2","105023","VERGA MOLDADA IN LOCO EM CONCRETO, ESPESSURA DE *15* CM. AF_03/2024","SINAPI","M",{"v":5.8,"d":"5.80"},60.72,74.61,352.18,432.74]
["3.2.3","105031","CONTRAVERGA MOLDADA IN LOCO COM UTILIZAÇÃO DE BLOCOS CANALETA, ESPESSURA DE *15* CM. AF_03/2024","SINAPI","M",{"v":2.2,"d":"2.20"},47.68,58.59,{"v":104.9,"d":"104.90"},{"v":128.9,"d":"128.90"}]
["3.2.4","87879","CHAPISCO APLICADO EM ALVENARIAS E ESTRUTURAS DE CONCRETO INTERNAS, COM COLHER DE PEDREIRO. ARGAMASSA TRAÇO 1:3 COM PREPARO EM BETONEIRA 400L. AF_06/2014","SINAPI","M2",2.43,{"v":4.3,"d":"4.30"},5.28,10.45,12.83]
["3.2.5","87547","MASSA ÚNICA, PARA RECEBIMENTO DE PINTURA, EM ARGAMASSA TRAÇO 1:2:8, PREPARO MECÂNICO COM BETONEIRA 400L, APLICADA MANUALMENTE EM FACES INTERNAS DE PAREDES, ESPESSURA DE 10MM, COM EXECUÇÃO DE TALISCAS. AF_06/2014","SINAPI","M2",2.43,25.43,31.25,61.79,75.94]
["3.2.6","104611","REVESTIMENTO CERÂMICO PARA PAREDES INTERNAS COM PLACAS TIPO ESMALTADA DE DIMENSÕES 60X60 CM APLICADAS NA ALTURA INTEIRA DAS PAREDES. AF_02/2023_PE","SINAPI","M2",18.08,107.74,132.39,{"v":1947.94,"d":"1,947.94"},{"v":2393.61,"d":"2,393.61"}]
["3.2.7","S02266","Soleira em granito cinza andorinha, l = 15 cm, e = 2 cm","ORSE","m",3.12,90.82,{"v":111.6,"d":"111.60"},283.36,348.19]
["3.2.8","87257","REVESTIMENTO CERÂMICO PARA PISO COM PLACAS TIPO ESMALTADA DE DIMENSÕES 60X60 CM APLICADA EM AMBIENTES DE ÁREA MAIOR QUE 10 M2. AF_02/2023_PE","SINAPI","M2",38.93,74.46,{"v":91.5,"d":"91.50"},{"v":2898.73,"d":"2,898.73"},{"v":3562.1,"d":"3,562.10"}]
["3.3","INSTALAÇÕES ELÉTRICAS",{"$nulls":6},{"v":1487.2,"d":"1,487.20"},{"v":1827.31,"d":"1,827.31"}]
["3.3.1","91953","INTERRUPTOR SIMPLES (1 MÓDULO), 10A/250V, INCLUINDO SUPORTE E PLACA - FORNECIMENTO E INSTALAÇÃO. AF_12/2015","SINAPI","UN",{"v":2,"d":"2.00"},28.19,34.64,56.38,69.28]
["3.3.2","92005","TOMADA MÉDIA DE EMBUTIR (2 MÓDULOS), 2P+T 20 A, INCLUINDO SUPORTE E PLACA - FORNECIMENTO E INSTALAÇÃO. AF_12/2015","SINAPI","UN",{"v":6,"d":"6.00"},57.06,70.12,342.36,420.72]
["3.3.3","91992","TOMADA ALTA DE EMBUTIR (1 MÓDULO), 2P+T 10 A, INCLUINDO SUPORTE E PLACA - FORNECIMENTO E INSTALAÇÃO. AF_12/2015","SINAPI","UN",{"v":3,"d":"3.00"},42.97,{"v":52.8,"d":"52.80"},128.91,{"v":158.4,"d":"158.40"}]
["3.3.4","92000","TOMADA BAIXA DE EMBUTIR (1 MÓDULO), 2P+T 10 A, INCLUINDO SUPORTE E PLACA - FORNECIMENTO E INSTALAÇÃO. AF_12/2015","SINAPI","UN",{"v":6,"d":"6.00"},29.54,{"v":36.3,"d":"36.30"},177.24,{"v":217.8,"d":"217.80"}]
["3.3.5","93653","DISJUNTOR MONOPOLAR TIPO DIN, CORRENTE NOMINAL DE 10A - FORNECIMENTO E INSTALAÇÃO. AF_10/2020","SINAPI","UN",{"v":3,"d":"3.00"},10.16,12.48,30.48,37.44]
["3.3.6","91926","CABO DE COBRE FLEXÍVEL ISOLADO, 2,5 MM², ANTI-CHAMA 450/750 V, PARA CIRCUITOS TERMINAIS - FORNECIMENTO E INSTALAÇÃO. AF_12/2015","SINAPI","M",{"v":45,"d":"45.00"},4.65,5.71,209.25,256.95]
["3.3.7","91928","CABO DE COBRE FLEXÍVEL ISOLADO, 4 MM², ANTI-CHAMA 450/750 V, PARA CIRCUITOS TERMINAIS - FORNECIMENTO E INSTALAÇÃO. AF_12/2015","SINAPI","M",{"v":30,"d":"30.00"},6.29,7.73,{"v":188.7,"d":"188.70"},{"v":231.9,"d":"231.90"}]
["3.3.8","60126","PLAFON PLAFON 25W LED SOBREPOR BRANCO NEUTRO","Composições Próprias","UND",{"v":6,"d":"6.00"},58.98,72.47,353.88,434.82]
["3.4","ESQUADRIAS",{"$nulls":6},{"v":3729.81,"d":"3,729.81"},{"v":4583.21,"d":"4,583.21"}]
["3.4.1","100702","PORTA DE CORRER DE ALUMÍNIO, COM DUAS FOLHAS PARA VIDRO, INCLUSO VIDRO LISO INCOLOR, FECHADURA E PUXADOR, SEM ALIZAR. AF_12/2019","SINAPI","M2",4.87,{"v":489.5,"d":"489.50"},{"v":601.5,"d":"601.50"},{"v":2383.87,"d":"2,383.87"},{"v":2929.31,"d":"2,929.31"}]
["3.4.2","90849","KIT DE PORTA DE MADEIRA PARA PINTURA, SEMI-OCA (LEVE OU MÉDIA), PADRÃO MÉDIO, 80X210CM, ESPESSURA DE 3,5CM, ITENS INCLUSOS: DOBRADIÇAS, MONTAGEM E INSTALAÇÃO DO BATENTE, SEM FECHADURA - FORNECIMENTO E INSTALAÇÃO. AF_12/2019","SINAPI","UN",{"v":1,"d":"1.00"},889.02,{"v":1092.43,"d":"1,092.43"},889.02,{"v":1092.43,"d":"1,092.43"}]
["3.4.3","94573","JANELA DE ALUMÍNIO DE CORRER COM 4 FOLHAS PARA VIDROS, COM VIDROS, BATENTE, ACABAMENTO COM ACETATO OU BRILHANTE E FERRAGENS. EXCLUSIVE ALIZAR E CONTRAMARCO. FORNECIMENTO E INSTALAÇÃO. AF_12/2019","SINAPI","M2",{"v":1.2,"d":"1.20"},380.77,467.89,456.92,561.47]
["3.5","COBERTURA",{"$nulls":6},{"v":4317.57,"d":"4,317.57"},{"v":5305.31,"d":"5,305.31"}]
["3.5.1","92543","TRAMA DE MADEIRA COMPOSTA POR TERÇAS PARA TELHADOS DE ATÉ 2 ÁGUAS PARA TELHA ONDULADA DE FIBROCIMENTO, METÁLICA, PLÁSTICA OU TERMOACÚSTICA, INCLUSO TRANSPORTE VERTICAL. AF_07/2019","SINAPI","M2",38.38,18.42,22.63,706.96,868.54]
["3.5.2","94210","TELHAMENTO COM TELHA ONDULADA DE FIBROCIMENTO E = 6 MM, COM RECOBRIMENTO LATERAL DE 1 1/4 DE ONDA PARA TELHADO COM INCLINAÇÃO MÁXIMA DE 10°, COM ATÉ 2 ÁGUAS, INCLUSO IÇAMENTO. AF_07/2019","SINAPI","M2",38.38,59.65,{"v":73.3,"d":"73.30"},{"v":2289.37,"d":"2,289.37"},{"v":2813.25,"d":"2,813.25"}]
["3.5.3","94229","CALHA EM CHAPA DE AÇO GALVANIZADO NÚMERO 24, DESENVOLVIMENTO DE 100 CM, INCLUSO TRANSPORTE VERTICAL. AF_07/2019","SINAPI","M",7.88,167.67,206.03,{"v":1321.24,"d":"1,321.24"},{"v":1623.52,"d":"1,623.52"}]
["3.6","FORRO",{"$nulls":6},{"v":1659.66,"d":"1,659.66"},{"v":2039.46,"d":"2,039.46"}]
["3.6.1","96113","FORRO EM PLACAS DE GESSO, PARA AMBIENTES COMERCIAIS. AF_05/2017_P","SINAPI","M2",36.38,45.62,56.06,{"v":1659.66,"d":"1,659.66"},{"v":2039.46,"d":"2,039.46"}]
["4","REFORMA E REVITALIZAÇÃO DAS FACHADAS",{"$nulls":6},{"v":34821.16,"d":"34,821.16"},{"v":42788.03,"d":"42,788.03"}]
["4.1","RETIRADAS E DEMOLIÇÕES",{"$nulls":6},380.28,467.35]
["4.1.1","97622","DEMOLIÇÃO DE ALVENARIA DE BLOCO FURADO, DE FORMA MANUAL, SEM REAPROVEITAMENTO. AF_09/2023","SINAPI","M3",0.09,56.33,69.22,5.07,6.23]
["4.1.2","22882","REMOCAO DE GRADE/GRADIL/ALAMBRADO FERRO PARAFUSADA S/REAPROV","Composições Próprias","M2",6.09,17.08,20.99,104.02,127.83]
["4.1.3","97634","DEMOLIÇÃO DE REVESTIMENTO CERÂMICO, DE FORMA MECANIZADA COM MARTELETE, SEM REAPROVEITAMENTO. AF_09/2023","SINAPI","M2",25.27,5.98,7.35,151.11,185.73]
["4.1.4","22749","RETIRADA CORRIMAO METALICO","Composições Próprias","M",{"v":4,"d":"4.00"},9.06,11.13,36.24,44.52]
["4.1.5","S03240","Demolição de piso de alta resistência","ORSE","m2",{"v":4,"d":"4.00"},20.96,25.76,83.84,103.04]
["4.2","ESTRUTURA, ALVENARIA, PISOS E REVESTIMENTOS GERAIS",{"$nulls":6},{"v":16649.63,"d":"16,649.63"},{"v":20459.1,"d":"20,459.10"}]
["4.2.1","95957_ATT.","(COMPOSIÇÃO REPRESENTATIVA) EXECUÇÃO DE ESTRUTURAS DE CONCRETO ARMADO, PARA EDIFICAÇÃO INSTITUCIONAL TÉRREA, FCK = 25 MPA.","Composições Próprias","M3",0.36,{"v":2952.79,"d":"2,952.79"},{"v":3628.39,"d":"3,628.39"},{"v":1063,"d":"1,063.00"},{"v":1306.22,"d":"1,306.22"}]
["4.2.2","103329","ALVENARIA DE VEDAÇÃO DE BLOCOS CERÂMICOS FURADOS NA HORIZONTAL DE 9X19X19 CM (ESPESSURA 9 CM) E ARGAMASSA DE ASSENTAMENTO COM PREPARO MANUAL. AF_12/2021","SINAPI","M2",13.25,92.35,113.48,{"v":1223.64,"d":"1,223.64"},{"v":1503.61,"d":"1,503.61"}]
["4.2.3","87879","CHAPISCO APLICADO EM ALVENARIAS E ESTRUTURAS DE CONCRETO INTERNAS, COM COLHER DE PEDREIRO. ARGAMASSA TRAÇO 1:3 COM PREPARO EM BETONEIRA 400L. AF_06/2014","SINAPI","M2",13.25,{"v":4.3,"d":"4.30"},5.28,56.98,69.96]
["4.2.4","87547","MASSA ÚNICA, PARA RECEBIMENTO DE PINTURA, EM ARGAMASSA TRAÇO 1:2:8, PREPARO MECÂNICO COM BETONEIRA 400L, APLICADA MANUALMENTE EM FACES INTERNAS DE PAREDES, ESPESSURA DE 10MM, COM EXECUÇÃO DE TALISCAS. AF_06/2014","SINAPI","M2",13.25,25.43,31.25,336.95,414.06]
["4.2.5","94990","EXECUÇÃO DE PASSEIO (CALÇADA) OU PISO DE CONCRETO COM CONCRETO MOLDADO IN LOCO, FEITO EM OBRA, ACABAMENTO CONVENCIONAL, NÃO ARMADO. AF_08/2022","SINAPI","M3",5.57,771.05,947.47,{"v":4294.75,"d":"4,294.75"},{"v":5277.41,"d":"5,277.41"}]
["4.2.6","001-PORCMA","ADAP 170195) PORCELANATO 90x90cm MARMORIZADO ACETINADO BORDA RETA EXTERNO 90x90cm MIRAGE INCESA - FORNECIMENTO E ASSENTAMENTO","Composições Próprias","M2",25.27,316.29,388.66,{"v":7992.65,"d":"7,992.65"},{"v":9821.44,"d":"9,821.44"}]
["4.2.7","REV30X90CM A","(ADAP120249) - REVESTIMENTO Portobello Decor Canela Ripado MATE 30x90 cm - FORNECIMENTO E ASSENTAMENTO","Composições Próprias","M2",8.75,192.19,236.16,{"v":1681.66,"d":"1,681.66"},{"v":2066.4,"d":"2,066.40"}]
["4.3","INSTALAÇÕES ELÉTRICAS",{"$nulls":6},281.97,346.47]
["4.3.1","60208.","PONTO DE LUZ-ARANDELA TUBULACAO EMB.CX/FIACAO","Composições Próprias","und",{"v":3,"d":"3.00"},93.99,115.49,281.97,346.47]
["4.4","DIVERSOS",{"$nulls":6},{"v":11228.87,"d":"11,228.87"},{"v":13798.19,"d":"13,798.19"}]
["4.4.1","S12043","Letra em aço inox escovado/polido 20 x 20cm - instalado","ORSE","un",{"v":50,"d":"50.00"},97.93,120.34,{"v":4896.5,"d":"4,896.50"},{"v":6017,"d":"6,017.00"}]
["4.4.2","S04716","Grade em metalon","ORSE","m2",{"v":12.6,"d":"12.60"},308.33,378.88,{"v":3884.96,"d":"3,884.96"},{"v":4773.89,"d":"4,773.89"}]
["4.4.3","2001004045.","PORTAO EM METALON - 1 FOLHA - PARA PEDESTRES, INCLUSIVE 2 BROCAS DE 25CM (0,80M), PINTURA EM FUNDO ANTICORROSIVO (2 DEMAOS) E ESMALTE EM 2 DEMAOS - ANEXO A-060 (S.C.)","Composições Próprias","M2",{"v":1.6,"d":"1.60"},{"v":658.3,"d":"658.30"},808.92,{"v":1053.28,"d":"1,053.28"},{"v":1294.27,"d":"1,294.27"}]
["4.4.4","99859","CORRIMÃO DUPLO, DIÂMETRO EXTERNO = 1 1/2\", EM AÇO INOX. AF_04/2019","SINAPI","M",{"v":13,"d":"13.00"},88.96,109.31,{"v":1156.48,"d":"1,156.48"},{"v":1421.03,"d":"1,421.03"}]
["4.4.5","98509","PLANTIO DE ARBUSTO OU CERCA VIVA. AF_07/2024","SINAPI","UN",{"v":5,"d":"5.00"},47.53,{"v":58.4,"d":"58.40"},237.65,{"v":292,"d":"292.00"}]
["4.5","PINTURA",{"$nulls":6},{"v":6280.41,"d":"6,280.41"},{"v":7716.92,"d":"7,716.92"}]
["4.5.1","88485","APLICAÇÃO DE FUNDO SELADOR ACRÍLICO EM PAREDES, UMA DEMÃO. AF_06/2014","SINAPI","M2",144.81,{"v":3.8,"d":"3.80"},4.67,550.28,676.26]
["4.5.2","96135","APLICAÇÃO MANUAL DE MASSA ACRÍLICA EM PAREDES EXTERNAS DE CASAS, DUAS DEMÃOS. AF_03/2024","SINAPI","M2",144.81,27.05,33.24,{"v":3917.11,"d":"3,917.11"},{"v":4813.48,"d":"4,813.48"}]
["4.5.3","88489","APLICAÇÃO MANUAL DE PINTURA COM TINTA LÁTEX ACRÍLICA EM PAREDES, DUAS DEMÃOS. AF_06/2014","SINAPI","M2",144.81,12.52,15.38,{"v":1813.02,"d":"1,813.02"},{"v":2227.18,"d":"2,227.18"}]
[{"$nulls":7},"VALOR BDI TOTAL:",null,{"v":18566.95,"d":"18,566.95"}]
[{"$nulls":7},"VALOR BDI:",null,{"v":18566.95,"d":"18,566.95"}]
[{"$nulls":7},"VALOR ORÇAMENTO:",null,{"v":81147.89,"d":"81,147.89"}]
[{"$nulls":7},"VALOR TOTAL:",null,{"v":99714.84,"d":"99,714.84"}]

{"sheet":"RESUMO","index":1,"n_rows":11,"n_cols":5,"rows_kept":11,"merged":[[0,0,2,4],[3,1,3,2],[4,1,4,2],[5,1,5,2],[6,1,6,2]]}
[]
[]
[]
["1","SERVIÇOS PRELIMINARES - GLOBAL",null,{"v":11561.74,"d":"11,561.74"},{"v":11.59480374235169,"d":"11.59"}]
["2","REFORMA - WCS ACESSÍVEIS",null,{"v":22512.28,"d":"22,512.28"},{"v":22.576659602522554,"d":"22.58"}]
["3","REFORMA - SALA DE EXPOSIÇÕES",null,{"v":22852.79,"d":"22,852.79"},{"v":22.918143377655724,"d":"22.92"}]
["4","REFORMA E REVITALIZAÇÃO DAS FACHADAS",null,{"v":42788.03,"d":"42,788.03"},{"v":42.910393277470035,"d":"42.91"}]
[null,null,"VALOR BDI TOTAL:",{"v":18566.95,"d":"18,566.95"},{"v":100,"d":"100.00"}]
[null,null,"VALOR BDI:",{"v":18566.95,"d":"18,566.95"}]
[null,null,"VALOR ORÇAMENTO:",{"v":81147.89,"d":"81,147.89"}]
[null,null,"VALOR TOTAL:",{"v":99714.84,"d":"99,714.84"}]

{"sheet":"COMPOSICOES","index":2,"n_rows":1201,"n_cols":7,"rows_kept":1201,"merged":[[0,0,0,6],[1,4,1,6],[2,0,2,6],[3,0,3,1],[8,4,8,5],[9,0,9,1],[12,4,12,5],[13,0,13,1],[15,4,15,5],[16,4,16,5],[17,4,17,5],[18,4,18,5],[19,4,19,5],[20,4,20,6],[21,0,21,6],[22,0,22,1],[24,4,24,5],[25,4,25,5],[26,4,26,5],[27,4,27,5],[28,4,28,5],[29,4,29,6],[30,0,30,6],[31,0,31,1],[34,4,34,5],[35,4,35,5],[36,4,36,5],[37,4,37,5],[38,4,38,5],[39,4,39,6],[40,0,40,6],[41,0,41,1],[44,4,44,5],[45,4,45,5],[46,4,46,5],[47,4,47,5],[48,4,48,5],[49,4,49,6],[50,0,50,6],[51,0,51,1],[54,4,54,5],[55,0,55,1],[58,4,58,5],[59,4,59,5],[60,4,60,5],[61,4,61,5],[62,4,62,5],[63,4,63,6],[64,0,64,6],[65,0,65,1],[69,4,69,5],[70,0,70,1],[73,4,73,5],[74,0,74,1],[76,4,76,5],[77,4,77,5],[78,4,78,5],[79,4,79,5],[80,4,80,5],[81,4,81,6],[82,0,82,6],[83,0,83,1],[87,4,87,5],[88,0,88,1],[91,4,91,5],[92,0,92,1],[96,4,96,5],[97,4,97,5],[98,4,98,5],[99,4,99,5],[100,4,100,5],[101,4,101,6],[102,0,102,6],[103,0,103,1],[105,4,105,5],[106,0,106,1],[109,4,109,5],[110,0,110,1],[114,4,114,5],[115,4,115,5],[116,4,116,5],[117,4,117,5],[118,4,118,5],[119,4,119,6],[120,0,120,6],[121,0,121,1],[124,4,124,5],[125,0,125,1],[127,4,127,5],[128,4,128,5],[129,4,129,5],[130,4,130,5],[131,4,131,5],[132,4,132,6],[133,0,133,6],[134,0,134,1],[137,4,137,5],[138,0,138,1],[140,4,140,5],[141,4,141,5],[142,4,142,5],[143,4,143,5],[144,4,144,5],[145,4,145,6],[146,0,146,6],[147,0,147,1],[151,4,151,5],[152,0,152,1],[155,4,155,5],[156,4,156,5],[157,4,157,5],[158,4,158,5],[159,4,159,5],[160,4,160,6],[161,0,161,6],[162,0,162,1],[164,4,164,5],[165,0,165,1],[167,4,167,5],[168,0,168,1],[170,4,170,5],[171,0,171,1],[173,4,173,5],[174,4,174,5],[175,4,175,5],[176,4,176,5],[177,4,177,5],[178,4,178,6],[179,0,179,6],[180,0,180,1],[184,4,184,5],[185,0,185,1],[188,4,188,5],[189,4,189,5],[190,4,190,5],[191,4,191,5],[192,4,192,5],[193,4,193,6],[194,0,194,6],[195,0,195,1],[198,4,198,5],[199,4,199,5],[200,4,200,5],[201,4,201,5],[202,4,202,5],[203,4,203,6],[204,0,204,6],[205,0,205,1],[208,4,208,5],[209,0,209,1],[212,4,212,5],[213,4,213,5],[214,4,214,5],[215,4,215,5],[216,4,216,5],[217,4,217,6],[218,0,218,6],[219,0,219,1],[222,4,222,5],[223,0,223,1],[226,4,226,5],[227,4,227,5],[228,4,228,5],[229,4,229,5],[230,4,230,5],[231,4,231,6],[232,0,232,6],[233,0,233,1],[235,4,235,5],[236,4,236,5],[237,4,237,5],[238,4,238,5],[239,4,239,5],[240,4,240,6],[241,0,241,6],[242,0,242,1],[245,4,245,5],[246,0,246,1],[249,4,249,5],[250,4,250,5],[251,4,251,5],[252,4,252,5],[253,4,253,5],[254,4,254,6],[255,0,255,6],[256,0,256,1],[261,4,261,5],[262,0,262,1],[265,4,265,5],[266,4,266,5],[267,4,267,5],[268,4,268,5],[269,4,269,5],[270,4,270,6],[271,0,271,6],[272,0,272,1],[277,4,277,5],[278,0,278,1],[281,4,281,5],[282,4,282,5],[283,4,283,5],[284,4,284,5],[285,4,285,5],[286,4,286,6],[287,0,287,6],[288,0,288,1],[293,4,293,5],[294,0,294,1],[297,4,297,5],[298,4,298,5],[299,4,299,5],[300,4,300,5],[301,4,301,5],[302,4,302,6],[303,0,303,6],[304,0,304,1],[309,4,309,5],[310,0,310,1],[313,4,313,5],[314,4,314,5],[315,4,315,5],[316,4,316,5],[317,4,317,5],[318,4,318,6],[319,0,319,6],[320,0,320,1],[324,4,324,5],[325,0,325,1],[328,4,328,5],[329,4,329,5],[330,4,330,5],[331,4,331,5],[332,4,332,5],[333,4,333,6],[334,0,334,6],[335,0,335,1],[340,4,340,5],[341,0,341,1],[344,4,344,5],[345,4,345,5],[346,4,346,5],[347,4,347,5],[348,4,348,5],[349,4,349,6],[350,0,350,6],[351,0,351,1],[355,4,355,5],[356,0,356,1],[359,4,359,5],[360,4,360,5],[361,4,361,5],[362,4,362,5],[363,4,363,5],[364,4,364,6],[365,0,365,6],[366,0,366,1],[370,4,370,5],[371,0,371,1],[374,4,374,5],[375,4,375,5],[376,4,376,5],[377,4,377,5],[378,4,378,5],[379,4,379,6],[380,0,380,6],[381,0,381,1],[385,4,385,5],[386,0,386,1],[389,4,389,5],[390,4,390,5],[391,4,391,5],[392,4,392,5],[393,4,393,5],[394,4,394,6],[395,0,395,6],[396,0,396,1],[400,4,400,5],[401,0,401,1],[404,4,404,5],[405,4,405,5],[406,4,406,5],[407,4,407,5],[408,4,408,5],[409,4,409,6],[410,0,410,6],[411,0,411,1],[416,4,416,5],[417,0,417,1],[420,4,420,5],[421,4,421,5],[422,4,422,5],[423,4,423,5],[424,4,424,5],[425,4,425,6],[426,0,426,6],[427,0,427,1],[432,4,432,5],[433,0,433,1],[436,4,436,5],[437,4,437,5],[438,4,438,5],[439,4,439,5],[440,4,440,5],[441,4,441,6],[442,0,442,6],[443,0,443,1],[446,4,446,5],[447,0,447,1],[450,4,450,5],[451,4,451,5],[452,4,452,5],[453,4,453,5],[454,4,454,5],[455,4,455,6],[456,0,456,6],[457,0,457,1],[460,4,460,5],[461,0,461,1],[464,4,464,5],[465,4,465,5],[466,4,466,5],[467,4,467,5],[468,4,468,5],[469,4,469,6],[470,0,470,6],[471,0,471,1],[473,4,473,5],[474,0,474,1],[476,4,476,5],[477,4,477,5],[478,4,478,5],[479,4,479,5],[480,4,480,5],[481,4,481,6],[482,0,482,6],[483,0,483,1],[489,4,489,5],[490,4,490,5],[491,4,491,5],[492,4,492,5],[493,4,493,5],[494,4,494,6],[495,0,495,6],[496,0,496,1],[499,4,499,5],[500,0,500,1],[503,4,503,5],[504,4,504,5],[505,4,505,5],[506,4,506,5],[507,4,507,5],[508,4,508,6],[509,0,509,6],[510,0,510,1],[515,4,515,5],[516,4,516,5],[517,4,517,5],[518,4,518,5],[519,4,519,5],[520,4,520,6],[521,0,521,6],[522,0,522,1],[525,4,525,5],[526,0,526,1],[529,4,529,5],[530,4,530,5],[531,4,531,5],[532,4,532,5],[533,4,533,5],[534,4,534,6],[535,0,535,6],[536,0,536,1],[540,4,540,5],[541,0,541,1],[544,4,544,5],[545,4,545,5],[546,4,546,5],[547,4,547,5],[548,4,548,5],[549,4,549,6],[550,0,550,6],[551,0,551,1],[557,4,557,5],[558,0,558,1],[561,4,561,5],[562,4,562,5],[563,4,563,5],[564,4,564,5],[565,4,565,5],[566,4,566,6],[567,0,567,6],[568,0,568,1],[571,4,571,5],[572,4,572,5],[573,4,573,5],[574,4,574,5],[575,4,575,5],[576,4,576,6],[577,0,577,6],[578,0,578,1],[581,4,581,5],[582,4,582,5],[583,4,583,5],[584,4,584,5],[585,4,585,5],[586,4,586,6],[587,0,587,6],[588,0,588,1],[591,4,591,5],[592,0,592,1],[595,4,595,5],[596,4,596,5],[597,4,597,5],[598,4,598,5],[599,4,599,5],[600,4,600,6],[601,0,601,6],[602,0,602,1],[604,4,604,5],[605,4,605,5],[606,4,606,5],[607,4,607,5],[608,4,608,5],[609,4,609,6],[610,0,610,6],[611,0,611,1],[615,4,615,5],[616,0,616,1],[619,4,619,5],[620,0,620,1],[624,4,624,5],[625,4,625,5],[626,4,626,5],[627,4,627,5],[628,4,628,5],[629,4,629,6],[630,0,630,6],[631,0,631,1],[633,4,633,5],[634,0,634,1],[637,4,637,5],[638,0,638,1],[642,4,642,5],[643,4,643,5],[644,4,644,5],[645,4,645,5],[646,4,646,5],[647,4,647,6],[648,0,648,6],[649,0,649,1],[652,4,652,5],[653,0,653,1],[655,4,655,5],[656,4,656,5],[657,4,657,5],[658,4,658,5],[659,4,659,5],[660,4,660,6],[661,0,661,6],[662,0,662,1],[665,4,665,5],[666,0,666,1],[668,4,668,5],[669,4,669,5],[670,4,670,5],[671,4,671,5],[672,4,672,5],[673,4,673,6],[674,0,674,6],[675,0,675,1],[679,4,679,5],[680,0,680,1],[683,4,683,5],[684,4,684,5],[685,4,685,5],[686,4,686,5],[687,4,687,5],[688,4,688,6],[689,0,689,6],[690,0,690,1],[692,4,692,5],[693,0,693,1],[695,4,695,5],[696,0,696,1],[698,4,698,5],[699,0,699,1],[701,4,701,5],[702,4,702,5],[703,4,703,5],[704,4,704,5],[705,4,705,5],[706,4,706,6],[707,0,707,6],[708,0,708,1],[712,4,712,5],[713,0,713,1],[716,4,716,5],[717,4,717,5],[718,4,718,5],[719,4,719,5],[720,4,720,5],[721,4,721,6],[722,0,722,6],[723,0,723,1],[726,4,726,5],[727,4,727,5],[728,4,728,5],[729,4,729,5],[730,4,730,5],[731,4,731,6],[732,0,732,6],[733,0,733,1],[736,4,736,5],[737,4,737,5],[738,4,738,5],[739,4,739,5],[740,4,740,5],[741,4,741,6],[742,0,742,6],[743,0,743,1],[746,4,746,5],[747,4,747,5],[748,4,748,5],[749,4,749,5],[750,4,750,5],[751,4,751,6],[752,0,752,6],[753,0,753,1],[756,4,756,5],[757,4,757,5],[758,4,758,5],[759,4,759,5],[760,4,760,5],[761,4,761,6],[762,0,762,6],[763,0,763,1],[766,4,766,5],[767,0,767,1],[770,4,770,5],[771,4,771,5],[772,4,772,5],[773,4,773,5],[774,4,774,5],[775,4,775,6],[776,0,776,6],[777,0,777,1],[780,4,780,5],[781,0,781,1],[784,4,784,5],[785,4,785,5],[786,4,786,5],[787,4,787,5],[788,4,788,5],[789,4,789,6],[790,0,790,6],[791,0,791,1],[794,4,794,5],[795,0,795,1],[798,4,798,5],[799,4,799,5],[800,4,800,5],[801,4,801,5],[802,4,802,5],[803,4,803,6],[804,0,804,6],[805,0,805,1],[807,4,807,5],[808,4,808,5],[809,4,809,5],[810,4,810,5],[811,4,811,5],[812,4,812,6],[813,0,813,6],[814,0,814,1],[819,4,819,5],[820,0,820,1],[823,4,823,5],[824,4,824,5],[825,4,825,5],[826,4,826,5],[827,4,827,5],[828,4,828,6],[829,0,829,6],[830,0,830,1],[834,4,834,5],[835,4,835,5],[836,4,836,5],[837,4,837,5],[838,4,838,5],[839,4,839,6],[840,0,840,6],[841,0,841,1],[845,4,845,5],[846,0,846,1],[849,4,849,5],[850,4,850,5],[851,4,851,5],[852,4,852,5],[853,4,853,5],[854,4,854,6],[855,0,855,6],[856,0,856,1],[859,4,859,5],[860,0,860,1],[863,4,863,5],[864,0,864,1],[867,4,867,5],[868,4,868,5],[869,4,869,5],[870,4,870,5],[871,4,871,5],[872,4,872,6],[873,0,873,6],[874,0,874,1],[877,4,877,5],[878,0,878,1],[882,4,882,5],[883,0,883,1],[886,4,886,5],[887,4,887,5],[888,4,888,5],[889,4,889,5],[890,4,890,5],[891,4,891,6],[892,0,892,6],[893,0,893,1],[896,4,896,5],[897,0,897,1],[903,4,903,5],[904,0,904,1],[907,4,907,5],[908,4,908,5],[909,4,909,5],[910,4,910,5],[911,4,911,5],[912,4,912,6],[913,0,913,6],[914,0,914,1],[920,4,920,5],[921,0,921,1],[924,4,924,5],[925,4,925,5],[926,4,926,5],[927,4,927,5],[928,4,928,5],[929,4,929,6],[930,0,930,6],[931,0,931,1],[934,4,934,5],[935,4,935,5],[936,4,936,5],[937,4,937,5],[938,4,938,5],[939,4,939,6],[940,0,940,6],[941,0,941,1],[943,4,943,5],[944,4,944,5],[945,4,945,5],[946,4,946,5],[947,4,947,5],[948,4,948,6],[949,0,949,6],[950,0,950,1],[953,4,953,5],[954,0,954,1],[957,4,957,5],[958,4,958,5],[959,4,959,5],[960,4,960,5],[961,4,961,5],[962,4,962,6],[963,0,963,6],[964,0,964,1],[966,4,966,5],[967,4,967,5],[968,4,968,5],[969,4,969,5],[970,4,970,5],[971,4,971,6],[972,0,972,6],[973,0,973,1],[976,4,976,5],[977,0,977,1],[980,4,980,5],[981,4,981,5],[982,4,982,5],[983,4,983,5],[984,4,984,5],[985,4,985,6],[986,0,986,6],[987,0,987,1],[989,4,989,5],[990,4,990,5],[991,4,991,5],[992,4,992,5],[993,4,993,5],[994,4,994,6],[995,0,995,6],[996,0,996,1],[1000,4,1000,5],[1001,0,1001,1],[1004,4,1004,5],[1005,0,1005,1],[1007,4,1007,5],[1008,4,1008,5],[1009,4,1009,5],[1010,4,1010,5],[1011,4,1011,5],[1012,4,1012,6],[1013,0,1013,6],[1014,0,1014,1],[1017,4,1017,5],[1018,0,1018,1],[1020,4,1020,5],[1021,4,1021,5],[1022,4,1022,5],[1023,4,1023,5],[1024,4,1024,5],[1025,4,1025,6],[1026,0,1026,6],[1027,0,1027,1],[1030,4,1030,5],[1031,0,1031,1],[1033,4,1033,5],[1034,4,1034,5],[1035,4,1035,5],[1036,4,1036,5],[1037,4,1037,5],[1038,4,1038,6],[1039,0,1039,6],[1040,0,1040,1],[1045,4,1045,5],[1046,0,1046,1],[1050,4,1050,5],[1051,0,1051,1],[1053,4,1053,5],[1054,4,1054,5],[1055,4,1055,5],[1056,4,1056,5],[1057,4,1057,5],[1058,4,1058,6],[1059,0,1059,6],[1060,0,1060,1],[1062,4,1062,5],[1063,4,1063,5],[1064,4,1064,5],[1065,4,1065,5],[1066,4,1066,5],[1067,4,1067,6],[1068,0,1068,6],[1069,0,1069,1],[1071,4,1071,5],[1072,4,1072,5],[1073,4,1073,5],[1074,4,1074,5],[1075,4,1075,5],[1076,4,1076,6],[1077,0,1077,6],[1078,0,1078,1],[1080,4,1080,5],[1081,4,1081,5],[1082,4,1082,5],[1083,4,1083,5],[1084,4,1084,5],[1085,4,1085,6],[1086,0,1086,6],[1087,0,1087,1],[1089,4,1089,5],[1090,0,1090,1],[1092,4,1092,5],[1093,0,1093,1],[1095,4,1095,5],[1096,4,1096,5],[1097,4,1097,5],[1098,4,1098,5],[1099,4,1099,5],[1100,4,1100,6],[1101,0,1101,6],[1102,0,1102,1],[1105,4,1105,5],[1106,0,1106,1],[1108,4,1108,5],[1109,0,1109,1],[1112,4,1112,5],[1113,0,1113,1],[1115,4,1115,5],[1116,4,1116,5],[1117,4,1117,5],[1118,4,1118,5],[1119,4,1119,5],[1120,4,1120,6],[1121,0,1121,6],[1122,0,1122,1],[1124,4,1124,5],[1125,4,1125,5],[1126,4,1126,5],[1127,4,1127,5],[1128,4,1128,5],[1129,4,1129,6],[1130,0,1130,6],[1131,0,1131,1],[1134,4,1134,5],[1135,0,1135,1],[1139,4,1139,5],[1140,0,1140,1],[1143,4,1143,5],[1144,4,1144,5],[1145,4,1145,5],[1146,4,1146,5],[1147,4,1147,5],[1148,4,1148,6],[1149,0,1149,6],[1150,0,1150,1],[1152,4,1152,5],[1153,0,1153,1],[1156,4,1156,5],[1157,4,1157,5],[1158,4,1158,5],[1159,4,1159,5],[1160,4,1160,5],[1161,4,1161,6],[1162,0,1162,6],[1163,0,1163,1],[1165,4,1165,5],[1166,0,1166,1],[1169,4,1169,5],[1170,4,1170,5],[1171,4,1171,5],[1172,4,1172,5],[1173,4,1173,5],[1174,4,1174,6],[1175,0,1175,6],[1176,0,1176,1],[1179,4,1179,5],[1180,0,1180,1],[1183,4,1183,5],[1184,4,1184,5],[1185,4,1185,5],[1186,4,1186,5],[1187,4,1187,5],[1188,4,1188,6],[1189,0,1189,6],[1190,0,1190,1],[1192,4,1192,5],[1193,0,1193,1],[1196,4,1196,5],[1197,4,1197,5],[1198,4,1198,5],[1199,4,1199,5],[1200,4,1200,5]]}
[]
[]
["1.1. 103689 FORNECIMENTO E INSTALAÇÃO DE PLACA DE OBRA COM CHAPA GALVANIZADA E ESTRUTURA DE MADEIRA. AF_03/2022_PS (M2)"]
["Material",null,"FONTE","UNID","COEFICIENTE","PREÇO UNITÁRIO","TOTAL"]
["00004813","PLACA DE OBRA (PARA CONSTRUCAO CIVIL) EM CHAPA GALVANIZADA *N. 22*, ADESIVADA, DE *2,4 X 1,2* M (SEM POSTES PARA FIXACAO)","SINAPI","M2",{"v":1,"d":"1.00000000"},{"v":392.4,"d":"392.40"},{"v":392.4,"d":"392.40"}]
["00005065","PREGO DE ACO POLIDO COM CABECA 10 X 10 (7/8 X 17)","SINAPI","KG",{"v":0.0113,"d":"0.01130000"},39.86,0.45]
["00005069","PREGO DE ACO POLIDO COM CABECA 17 X 27 (2 1/2 X 11)","SINAPI","KG",{"v":0.0132,"d":"0.01320000"},21.36,0.28]
["00004509","SARRAFO *2,5 X 10* CM EM PINUS, MISTA OU EQUIVALENTE DA REGIAO - BRUTA","SINAPI","M",{"v":3.2083,"d":"3.20830000"},5.86,{"v":18.8,"d":"18.80"}]
[{"$nulls":4},"TOTAL Material:",null,411.93]
["Mão de Obra com Encargos Complementares",null,"FONTE","UNID","COEFICIENTE","PREÇO UNITÁRIO","TOTAL"]
["88262","CARPINTEIRO DE FORMAS COM ENCARGOS COMPLEMENTARES","SINAPI","H",{"v":0.3729,"d":"0.37290000"},26.48,9.87]
["88316","SERVENTE COM ENCARGOS COMPLEMENTARES","SINAPI","H",{"v":1.1186,"d":"1.11860000"},21.32,23.84]
[{"$nulls":4},"TOTAL Mão de Obra com Encargos Complementares:",null,33.71]
["Serviço",null,"FONTE","UNID","COEFICIENTE","PREÇO UNITÁRIO","TOTAL"]
["102234","PINTURA IMUNIZANTE PARA MADEIRA, 2 DEMÃOS. AF_01/2021","SINAPI","M2",{"v":0.5,"d":"0.50000000"},24.28,12.14]
[{"$nulls":4},"TOTAL Serviço:",null,12.14]
[{"$nulls":4},"VALOR:",null,457.78]
[{"$nulls":4},"VALOR ENCARGOS*:",null,"INCLUSO"]
[{"$nulls":4},"VALOR BDI (22.88%):",null,104.74]
[{"$nulls":4},"VALOR COM BDI:",null,562.52]
[]
["1.2. 260 Revisão em cobertura com telha cerâmica tipo canal, 1ª, com reposição de 10% do material - R! (m2)"]
["Material",null,"FONTE","UNID","COEFICIENTE","PREÇO UNITÁRIO","TOTAL"]
["0260","Revisão em cobertura com telha cerâmica tipo canal, 1ª, com reposição de 10% do material - R!","Composições ","M2",{"v":1,"d":"1.00000000"},49.15,49.15]
[{"$nulls":4},"TOTAL Material:",null,49.15]
[{"$nulls":4},"VALOR:",null,49.15]
[{"$nulls":4},"VALOR ENCARGOS*:",null,"INCLUSO"]
[{"$nulls":4},"VALOR BDI (22.88%):",null,11.25]
[{"$nulls":4},"VALOR COM BDI:",null,{"v":60.4,"d":"60.40"}]
[]
["2.1.1. 97622 DEMOLIÇÃO DE ALVENARIA DE BLOCO FURADO, DE FORMA MANUAL, SEM REAPROVEITAMENTO. AF_09/2023 (M3)"]
["Mão de Obra com Encargos Complementares",null,"FONTE","UNID","COEFICIENTE","PREÇO UNITÁRIO","TOTAL"]
["88309","PEDREIRO COM ENCARGOS COMPLEMENTARES","SINAPI","H",{"v":0.3541,"d":"0.35410000"},{"v":26.9,"d":"26.90"},9.52]
["88316","SERVENTE COM ENCARGOS COMPLEMENTARES","SINAPI","H",{"v":2.1957,"d":"2.19570000"},21.32,46.81]
[{"$nulls":4},"TOTAL Mão de Obra com Encargos Complementares:",null,56.33]
[{"$nulls":4},"VALOR:",null,56.33]
[{"$nulls":4},"VALOR ENCARGOS*:",null,"INCLUSO"]
[{"$nulls":4},"VALOR BDI (22.88%):",null,12.89]
[{"$nulls":4},"VALOR COM BDI:",null,69.22]
[]
["2.1.2. 97644 REMOÇÃO DE PORTAS, DE FORMA MANUAL, SEM REAPROVEITAMENTO. AF_09/2023 (M2)"]
["Mão de Obra com Encargos Complementares",null,"FONTE","UNID","COEFICIENTE","PREÇO UNITÁRIO","TOTAL"]
["88309","PEDREIRO COM ENCARGOS COMPLEMENTARES","SINAPI","H",{"v":0.1087,"d":"0.10870000"},{"v":26.9,"d":"26.90"},2.92]
["88316","SERVENTE COM ENCARGOS COMPLEMENTARES","SINAPI","H",{"v":0.3075,"d":"0.30750000"},21.32,6.55]
[{"$nulls":4},"TOTAL Mão de Obra com Encargos Complementares:",null,9.47]
[{"$nulls":4},"VALOR:",null,9.47]
[{"$nulls":4},"VALOR ENCARGOS*:",null,"INCLUSO"]
[{"$nulls":4},"VALOR BDI (22.88%):",null,2.17]
[{"$nulls":4},"VALOR COM BDI:",null,11.64]
[]
["2.1.3. 97634 DEMOLIÇÃO DE REVESTIMENTO CERÂMICO, DE FORMA MECANIZADA COM MARTELETE, SEM REAPROVEITAMENTO. AF_09/2023 (M2)"]
["Equipamento Custo Horário",null,"FONTE","UNID","COEFICIENTE","PREÇO UNITÁRIO","TOTAL"]
["102274","MARTELO DEMOLIDOR ELÉTRICO, COM POTÊNCIA DE 2.000 W, 1.000 IMPACTOS POR MINUTO, PESO DE 30 KG - CHI DIURNO. AF_01/2021","SINAPI","CHI",{"v":0.0603,"d":"0.06030000"},18.92,1.14]
["102275","MARTELO DEMOLIDOR ELÉTRICO, COM POTÊNCIA DE 2.000 W, 1.000 IMPACTOS POR MINUTO, PESO DE 30 KG - CHP DIURNO. AF_01/2021","SINAPI","CHP",{"v":0.0788,"d":"0.07880000"},{"v":21.3,"d":"21.30"},1.67]
[{"$nulls":4},"TOTAL Equipamento Custo Horário:",null,2.81]
["Mão de Obra com Encargos Complementares",null,"FONTE","UNID","COEFICIENTE","PREÇO UNITÁRIO","TOTAL"]
["88256","AZULEJISTA OU LADRILHEIRO COM ENCARGOS COMPLEMENTARES","SINAPI","H",{"v":0.0323,"d":"0.03230000"},26.77,0.86]
["88316","SERVENTE COM ENCARGOS COMPLEMENTARES","SINAPI","H",{"v":0.1085,"d":"0.10850000"},21.32,2.31]
[{"$nulls":4},"TOTAL Mão de Obra com Encargos Complementares:",null,3.17]
[{"$nulls":4},"VALOR:",null,5.98]
[{"$nulls":4},"VALOR ENCARGOS*:",null,"INCLUSO"]
[{"$nulls":4},"VALOR BDI (22.88%):",null,1.37]
[{"$nulls":4},"VALOR COM BDI:",null,7.35]
[]
["2.2.1. 103329 ALVENARIA DE VEDAÇÃO DE BLOCOS CERÂMICOS FURADOS NA HORIZONTAL DE 9X19X19 CM (ESPESSURA 9 CM) E ARGAMASSA DE ASSENTAMENTO COM PREPARO MANUAL. AF_12/2021 (M2)"]
["Material",null,"FONTE","UNID","COEFICIENTE","PREÇO UNITÁRIO","TOTAL"]
["00007271","BLOCO CERAMICO / TIJOLO VAZADO PARA ALVENARIA DE VEDACAO, 8 FUROS NA HORIZONTAL DE 9 X 19 X 19 CM (L X A X C)","SINAPI","UN",{"v":28.31,"d":"28.31000000"},0.86,24.34]
["00037395","PINO DE ACO COM FURO, HASTE = 27 MM (ACAO DIRETA)","SINAPI","CENTO",{"v":0.005,"d":"0.00500000"},41.13,{"v":0.2,"d":"0.20"}]
["00034557","TELA DE ACO SOLDADA GALVANIZADA/ZINCADA PARA ALVENARIA, FIO D = *1,20 A 1,70* MM, MALHA 15 X 15 MM, (C X L) *50 X 7,5* CM","SINAPI","M",{"v":0.42,"d":"0.42000000"},1.92,{"v":0.8,"d":"0.80"}]
[{"$nulls":4},"TOTAL Material:",null,25.34]
["Mão de Obra com Encargos Complementares",null,"FONTE","UNID","COEFICIENTE","PREÇO UNITÁRIO","TOTAL"]
["88309","PEDREIRO COM ENCARGOS COMPLEMENTARES","SINAPI","H",{"v":1.61,"d":"1.61000000"},{"v":26.9,"d":"26.90"},{"v":43.3,"d":"43.30"}]
["88316","SERVENTE COM ENCARGOS COMPLEMENTARES","SINAPI","H",{"v":0.805,"d":"0.80500000"},21.32,17.16]
[{"$nulls":4},"TOTAL Mão de Obra com Encargos Complementares:",null,60.46]
["Serviço",null,"FONTE","UNID","COEFICIENTE","PREÇO UNITÁRIO","TOTAL"]
["87369","ARGAMASSA TRAÇO 1:2:8 (EM VOLUME DE CIMENTO, CAL E AREIA MÉDIA ÚMIDA) PARA EMBOÇO/MASSA ÚNICA/ASSENTAMENTO DE ALVENARIA DE VEDAÇÃO, PREPARO MANUAL. AF_08/2019","SINAPI","M3",{"v":0.0091,"d":"0.00910000"},720.31,6.55]
[{"$nulls":4},"TOTAL Serviço:",null,6.55]
[{"$nulls":4},"VALOR:",null,92.35]
[{"$nulls":4},"VALOR ENCARGOS*:",null,"INCLUSO"]
[{"$nulls":4},"VALOR BDI (22.88%):",null,21.13]
[{"$nulls":4},"VALOR COM BDI:",null,113.48]
[]
["2.2.2. 105023 VERGA MOLDADA IN LOCO EM CONCRETO, ESPESSURA DE *15* CM. AF_03/2024 (M)"]
["Material",null,"FONTE","UNID","COEFICIENTE","PREÇO UNITÁRIO","TOTAL"]
["00002692","DESMOLDANTE PROTETOR PARA FORMAS DE MADEIRA, DE BASE OLEOSA EMULSIONADA EM AGUA","SINAPI","L",{"v":0.009,"d":"0.00900000"},8.48,0.07]
["00039017","ESPACADOR / DISTANCIADOR CIRCULAR COM ENTRADA LATERAL, EM PLASTICO, PARA VERGALHAO *4,2 A 12,5* MM, COBRIMENTO 20 MM","SINAPI","UN",{"v":6,"d":"6.00000000"},0.22,1.32]
["00004491","PONTALETE *7,5 X 7,5* CM EM PINUS, MISTA OU EQUIVALENTE DA REGIAO - BRUTA","SINAPI","M",{"v":0.203,"d":"0.20300000"},11.54,2.34]
[{"$nulls":4},"TOTAL Material:",null,3.73]
["Mão de Obra com Encargos Complementares",null,"FONTE","UNID","COEFICIENTE","PREÇO UNITÁRIO","TOTAL"]
["88309","PEDREIRO COM ENCARGOS COMPLEMENTARES","SINAPI","H",{"v":0.501,"d":"0.50100000"},{"v":26.9,"d":"26.90"},13.47]
["88316","SERVENTE COM ENCARGOS COMPLEMENTARES","SINAPI","H",{"v":0.251,"d":"0.25100000"},21.32,5.35]
[{"$nulls":4},"TOTAL Mão de Obra com Encargos Complementares:",null,18.82]
["Serviço",null,"FONTE","UNID","COEFICIENTE","PREÇO UNITÁRIO","TOTAL"]
["94964","CONCRETO FCK = 20MPA, TRAÇO 1:2,7:3 (EM MASSA SECA DE CIMENTO/ AREIA MÉDIA/ BRITA 1) - PREPARO MECÂNICO COM BETONEIRA 400 L. AF_05/2021","SINAPI","M3",{"v":0.032,"d":"0.03200000"},{"v":479.3,"d":"479.30"},15.33]
["92802","CORTE E DOBRA DE AÇO CA-50, DIÂMETRO DE 8,0 MM. AF_06/2022","SINAPI","KG",{"v":0.79,"d":"0.79000000"},8.54,6.74]
["92270","FABRICAÇÃO DE FÔRMA PARA VIGAS, COM MADEIRA SERRADA, E = 25 MM. AF_09/2020","SINAPI","M2",{"v":0.104,"d":"0.10400000"},154.88,{"v":16.1,"d":"16.10"}]
[{"$nulls":4},"TOTAL Serviço:",null,38.17]
[{"$nulls":4},"VALOR:",null,60.72]
[{"$nulls":4},"VALOR ENCARGOS*:",null,"INCLUSO"]
[{"$nulls":4},"VALOR BDI (22.88%):",null,13.89]
[{"$nulls":4},"VALOR COM BDI:",null,74.61]
[]
["2.2.3. 105031 CONTRAVERGA MOLDADA IN LOCO COM UTILIZAÇÃO DE BLOCOS CANALETA, ESPESSURA DE *15* CM. AF_03/2024 (M)"]
["Material",null,"FONTE","UNID","COEFICIENTE","PREÇO UNITÁRIO","TOTAL"]
["00000659","CANALETA DE CONCRETO 14 X 19 X 19 CM (CLASSE C - NBR 6136)","SINAPI","UN",{"v":5.34,"d":"5.34000000"},3.31,17.67]
[{"$nulls":4},"TOTAL Material:",null,17.67]
["Mão de Obra com Encargos Complementares",null,"FONTE","UNID","COEFICIENTE","PREÇO UNITÁRIO","TOTAL"]
["88309","PEDREIRO COM ENCARGOS COMPLEMENTARES","SINAPI","H",{"v":0.111,"d":"0.11100000"},{"v":26.9,"d":"26.90"},2.98]
["88316","SERVENTE COM ENCARGOS COMPLEMENTARES","SINAPI","H",{"v":0.056,"d":"0.05600000"},21.32,1.19]
[{"$nulls":4},"TOTAL Mão de Obra com Encargos Complementares:",null,4.17]
["Serviço",null,"FONTE","UNID","COEFICIENTE","PREÇO UNITÁRIO","TOTAL"]
["87294","ARGAMASSA TRAÇO 1:2:9 (EM VOLUME DE CIMENTO, CAL E AREIA MÉDIA ÚMIDA) PARA EMBOÇO/MASSA ÚNICA/ASSENTAMENTO DE ALVENARIA DE VEDAÇÃO, PREPARO MECÂNICO COM BETONEIRA 600 L. AF_08/2019","SINAPI","M3",{"v":0.0015,"d":"0.00150000"},556.31,0.83]
["92802","CORTE E DOBRA DE AÇO CA-50, DIÂMETRO DE 8,0 MM. AF_06/2022","SINAPI","KG",{"v":0.79,"d":"0.79000000"},8.54,6.74]
["89994","GRAUTEAMENTO DE CINTA INTERMEDIÁRIA OU DE CONTRAVERGA EM ALVENARIA ESTRUTURAL. AF_09/2021","SINAPI","M3",{"v":0.021,"d":"0.02100000"},870.12,18.27]
[{"$nulls":4},"TOTAL Serviço:",null,25.84]
[{"$nulls":4},"VALOR:",null,47.68]
[{"$nulls":4},"VALOR ENCARGOS*:",null,"INCLUSO"]
[{"$nulls":4},"VALOR BDI (22.88%):",null,10.91]
[{"$nulls":4},"VALOR COM BDI:",null,58.59]
[]
["2.2.4. 87879 CHAPISCO APLICADO EM ALVENARIAS E ESTRUTURAS DE CONCRETO INTERNAS, COM COLHER DE PEDREIRO. ARGAMASSA TRAÇO 1:3 COM PREPARO EM BETONEIRA 400L. AF_06/2014 (M2)"]
["Mão de Obra com Encargos Complementares",null,"FONTE","UNID","COEFICIENTE","PREÇO UNITÁRIO","TOTAL"]
["88309","PEDREIRO COM ENCARGOS COMPLEMENTARES","SINAPI","H",{"v":0.0681,"d":"0.06810000"},{"v":26.9,"d":"26.90"},1.83]
["88316","SERVENTE COM ENCARGOS COMPLEMENTARES","SINAPI","H",{"v":0.0255,"d":"0.02550000"},21.32,0.54]
[{"$nulls":4},"TOTAL Mão de Obra com Encargos Complementares:",null,2.37]
["Serviço",null,"FONTE","UNID","COEFICIENTE","PREÇO UNITÁRIO","TOTAL"]
["87313","ARGAMASSA TRAÇO 1:3 (EM VOLUME DE CIMENTO E AREIA GROSSA ÚMIDA) PARA CHAPISCO CONVENCIONAL, PREPARO MECÂNICO COM BETONEIRA 400 L. AF_08/2019","SINAPI","M3",{"v":0.0037,"d":"0.00370000"},522.14,1.93]
[{"$nulls":4},"TOTAL Serviço:",null,1.93]
[{"$nulls":4},"VALOR:",null,{"v":4.3,"d":"4.30"}]
[{"$nulls":4},"VALOR ENCARGOS*:",null,"INCLUSO"]
[{"$nulls":4},"VALOR BDI (22.88%):",null,0.98]
[{"$nulls":4},"VALOR COM BDI:",null,5.28]
[]
["2.2.5. 87547 MASSA ÚNICA, PARA RECEBIMENTO DE PINTURA, EM ARGAMASSA TRAÇO 1:2:8, PREPARO MECÂNICO COM BETONEIRA 400L, APLICADA MANUALMENTE EM FACES INTERNAS DE PAREDES, ESPESSURA DE 10MM, COM EXECUÇÃO DE TALISCAS. AF_06/2014 (M2)"]
["Mão de Obra com Encargos Complementares",null,"FONTE","UNID","COEFICIENTE","PREÇO UNITÁRIO","TOTAL"]
["88309","PEDREIRO COM ENCARGOS COMPLEMENTARES","SINAPI","H",{"v":0.3789,"d":"0.37890000"},{"v":26.9,"d":"26.90"},10.19]
["88316","SERVENTE COM ENCARGOS COMPLEMENTARES","SINAPI","H",{"v":0.1894,"d":"0.18940000"},21.32,4.03]
[{"$nulls":4},"TOTAL Mão de Obra com Encargos Complementares:",null,14.22]
["Serviço",null,"FONTE","UNID","COEFICIENTE","PREÇO UNITÁRIO","TOTAL"]
["87292","ARGAMASSA TRAÇO 1:2:8 (EM VOLUME DE CIMENTO, CAL E AREIA MÉDIA ÚMIDA) PARA EMBOÇO/MASSA ÚNICA/ASSENTAMENTO DE ALVENARIA DE VEDAÇÃO, PREPARO MECÂNICO COM BETONEIRA 400 L. AF_08/2019","SINAPI","M3",{"v":0.0194,"d":"0.01940000"},577.98,11.21]
[{"$nulls":4},"TOTAL Serviço:",null,11.21]
[{"$nulls":4},"VALOR:",null,25.43]
[{"$nulls":4},"VALOR ENCARGOS*:",null,"INCLUSO"]
[{"$nulls":4},"VALOR BDI (22.88%):",null,5.82]
[{"$nulls":4},"VALOR COM BDI:",null,31.25]
[]
["2.2.6. 104611 REVESTIMENTO CERÂMICO PARA PAREDES INTERNAS COM PLACAS TIPO ESMALTADA DE DIMENSÕES 60X60 CM APLICADAS NA ALTURA INTEIRA DAS PAREDES. AF_02/2023_PE (M2)"]
["Material",null,"FONTE","UNID","COEFICIENTE","PREÇO UNITÁRIO","TOTAL"]
["00001381","ARGAMASSA COLANTE AC I PARA CERAMICAS","SINAPI","KG",{"v":6.85,"d":"6.85000000"},0.84,5.75]
["00034357","REJUNTE CIMENTICIO, QUALQUER COR","SINAPI","KG",{"v":0.141,"d":"0.14100000"},4.95,0.69]
["00010515","REVESTIMENTO EM CERAMICA ESMALTADA, FORMATO MAIOR A 2025 CM2","SINAPI","M2",{"v":1.0864,"d":"1.08640000"},68.62,74.54]
[{"$nulls":4},"TOTAL Material:",null,80.98]
["Mão de Obra com Encargos Complementares",null,"FONTE","UNID","COEFICIENTE","PREÇO UNITÁRIO","TOTAL"]
["88256","AZULEJISTA OU LADRILHEIRO COM ENCARGOS COMPLEMENTARES","SINAPI","H",{"v":0.7407,"d":"0.74070000"},26.77,19.82]
["88316","SERVENTE COM ENCARGOS COMPLEMENTARES","SINAPI","H",{"v":0.3259,"d":"0.32590000"},21.32,6.94]
[{"$nulls":4},"TOTAL Mão de Obra com Encargos Complementares:",null,26.76]
[{"$nulls":4},"VALOR:",null,107.74]
[{"$nulls":4},"VALOR ENCARGOS*:",null,"INCLUSO"]
[{"$nulls":4},"VALOR BDI (22.88%):",null,24.65]
[{"$nulls":4},"VALOR COM BDI:",null,132.39]
[]
["2.2.7. S02266 Soleira em granito cinza andorinha, l = 15 cm, e = 2 cm (m)"]
["Encargos Complementares",null,"FONTE","UNID","COEFICIENTE","PREÇO UNITÁRIO","TOTAL"]
["S10550","Encargos Complementares - Pedreiro","ORSE","h",{"v":0.6,"d":"0.60000000"},3.87,2.32]
[{"$nulls":4},"TOTAL Encargos Complementares:",null,2.32]
["Material",null,"FONTE","UNID","COEFICIENTE","PREÇO UNITÁRIO","TOTAL"]
["I02030","Soleira granito polido cinza andorinha 15 x 2cm","ORSE","m",{"v":1,"d":"1.00000000"},75.44,75.44]
[{"$nulls":4},"TOTAL Material:",null,75.44]
["Mão de Obra",null,"FONTE","UNID","COEFICIENTE","PREÇO UNITÁRIO","TOTAL"]
["I04750S","Pedreiro (horista)","ORSE","h",{"v":0.6,"d":"0.60000000"},20.44,12.26]
[{"$nulls":4},"TOTAL Mão de Obra:",null,12.26]
["Serviço",null,"FONTE","UNID","COEFICIENTE","PREÇO UNITÁRIO","TOTAL"]
["S01906","Argamassa cimento e areia traço t-4 (1:5) - 1 saco cimento 50kg / 5 padiolas areia dim. 0,35z0,45x0,23m - Confecção mecânica e transporte","ORSE","m3",{"v":0.002,"d":"0.00200000"},402.14,{"v":0.8,"d":"0.80"}]
[{"$nulls":4},"TOTAL Serviço:",null,{"v":0.8,"d":"0.80"}]
[{"$nulls":4},"VALOR:",null,90.82]
[{"$nulls":4},"VALOR ENCARGOS*:",null,"INCLUSO"]
[{"$nulls":4},"VALOR BDI (22.88%):",null,20.78]
[{"$nulls":4},"VALOR COM BDI:",null,{"v":111.6,"d":"111.60"}]
[]
["2.2.8. 87257 REVESTIMENTO CERÂMICO PARA PISO COM PLACAS TIPO ESMALTADA DE DIMENSÕES 60X60 CM APLICADA EM AMBIENTES DE ÁREA MAIOR QUE 10 M2. AF_02/2023_PE (M2)"]
["Material",null,"FONTE","UNID","COEFICIENTE","PREÇO UNITÁRIO","TOTAL"]
["00001381","ARGAMASSA COLANTE AC I PARA CERAMICAS","SINAPI","KG",{"v":9.13,"d":"9.13000000"},0.84,7.66]
["00001292","PISO EM CERAMICA ESMALTADA, COR LISA, PEI MAIOR OU IGUAL A 4, FORMATO MAIOR QUE 2025 CM2","SINAPI","M2",{"v":1.0691,"d":"1.06910000"},{"v":51.9,"d":"51.90"},55.48]
["00034357","REJUNTE CIMENTICIO, QUALQUER COR","SINAPI","KG",{"v":0.141,"d":"0.14100000"},4.95,0.69]
[{"$nulls":4},"TOTAL Material:",null,63.83]
["Mão de Obra com Encargos Complementares",null,"FONTE","UNID","COEFICIENTE","PREÇO UNITÁRIO","TOTAL"]
["88256","AZULEJISTA OU LADRILHEIRO COM ENCARGOS COMPLEMENTARES","SINAPI","H",{"v":0.2892,"d":"0.28920000"},26.77,7.74]
["88316","SERVENTE COM ENCARGOS COMPLEMENTARES","SINAPI","H",{"v":0.1356,"d":"0.13560000"},21.32,2.89]
[{"$nulls":4},"TOTAL Mão de Obra com Encargos Complementares:",null,10.63]
[{"$nulls":4},"VALOR:",null,74.46]
[{"$nulls":4},"VALOR ENCARGOS*:",null,"INCLUSO"]
[{"$nulls":4},"VALOR BDI (22.88%):",null,17.04]
[{"$nulls":4},"VALOR COM BDI:",null,{"v":91.5,"d":"91.50"}]
[]
["2.3.1. 91953 INTERRUPTOR SIMPLES (1 MÓDULO), 10A/250V, INCLUINDO SUPORTE E PLACA - FORNECIMENTO E INSTALAÇÃO. AF_12/2015 (UN)"]
["Serviço",null,"FONTE","UNID","COEFICIENTE","PREÇO UNITÁRIO","TOTAL"]
["91952","INTERRUPTOR SIMPLES (1 MÓDULO), 10A/250V, SEM SUPORTE E SEM PLACA - FORNECIMENTO E INSTALAÇÃO. AF_03/2023","SINAPI","UN",{"v":1,"d":"1.00000000"},{"v":17.8,"d":"17.80"},{"v":17.8,"d":"17.80"}]
["91946","SUPORTE PARAFUSADO COM PLACA DE ENCAIXE 4\" X 2\" MÉDIO (1,30 M DO PISO) PARA PONTO ELÉTRICO - FORNECIMENTO E INSTALAÇÃO. AF_03/2023","SINAPI","UN",{"v":1,"d":"1.00000000"},10.39,10.39]
[{"$nulls":4},"TOTAL Serviço:",null,28.19]
[{"$nulls":4},"VALOR:",null,28.19]
[{"$nulls":4},"VALOR ENCARGOS*:",null,"INCLUSO"]
[{"$nulls":4},"VALOR BDI (22.88%):",null,6.45]
[{"$nulls":4},"VALOR COM BDI:",null,34.64]
[]
["2.3.2. 93653 DISJUNTOR MONOPOLAR TIPO DIN, CORRENTE NOMINAL DE 10A - FORNECIMENTO E INSTALAÇÃO. AF_10/2020 (UN)"]
["Material",null,"FONTE","UNID","COEFICIENTE","PREÇO UNITÁRIO","TOTAL"]
["00034653","DISJUNTOR TERMOMAGNETICO PARA TRILHO DIN (IEC), MONOPOLAR, 6 - 32 A","SINAPI","UN",{"v":1,"d":"1.00000000"},7.49,7.49]
["00001570","TERMINAL A COMPRESSAO EM COBRE ESTANHADO PARA CABO 2,5 MM2, 1 FURO E 1 COMPRESSAO, PARA PARAFUSO DE FIXACAO M5","SINAPI","UN",{"v":1,"d":"1.00000000"},0.91,0.91]
[{"$nulls":4},"TOTAL Material:",null,{"v":8.4,"d":"8.40"}]
["Mão de Obra com Encargos Complementares",null,"FONTE","UNID","COEFICIENTE","PREÇO UNITÁRIO","TOTAL"]
["88247","AUXILIAR DE ELETRICISTA COM ENCARGOS COMPLEMENTARES","SINAPI","H",{"v":0.035428,"d":"0.03542800"},22.63,{"v":0.8,"d":"0.80"}]
["88264","ELETRICISTA COM ENCARGOS COMPLEMENTARES","SINAPI","H",{"v":0.035428,"d":"0.03542800"},27.27,0.96]
[{"$nulls":4},"TOTAL Mão de Obra com Encargos Complementares:",null,1.76]
[{"$nulls":4},"VALOR:",null,10.16]
[{"$nulls":4},"VALOR ENCARGOS*:",null,"INCLUSO"]
[{"$nulls":4},"VALOR BDI (22.88%):",null,2.32]
[{"$nulls":4},"VALOR COM BDI:",null,12.48]
[]
["2.3.3. 91926 CABO DE COBRE FLEXÍVEL ISOLADO, 2,5 MM², ANTI-CHAMA 450/750 V, PARA CIRCUITOS TERMINAIS - FORNECIMENTO E INSTALAÇÃO. AF_12/2015 (M)"]
["Material",null,"FONTE","UNID","COEFICIENTE","PREÇO UNITÁRIO","TOTAL"]
["00001014","CABO DE COBRE, FLEXIVEL, CLASSE 4 OU 5, ISOLACAO EM PVC/A, ANTICHAMA BWF-B, 1 CONDUTOR, 450/750 V, SECAO NOMINAL 2,5 MM2","SINAPI","M",{"v":1.2434,"d":"1.24340000"},2.57,3.19]
["00021127","FITA ISOLANTE ADESIVA ANTICHAMA, USO ATE 750 V, EM ROLO DE 19 MM X 5 M","SINAPI","UN",{"v":0.0094,"d":"0.00940000"},3.15,0.02]
[{"$nulls":4},"TOTAL Material:",null,3.21]
["Mão de Obra com Encargos Complementares",null,"FONTE","UNID","COEFICIENTE","PREÇO UNITÁRIO","TOTAL"]
["88247","AUXILIAR DE ELETRICISTA COM ENCARGOS COMPLEMENTARES","SINAPI","H",{"v":0.029,"d":"0.02900000"},22.63,0.65]
["88264","ELETRICISTA COM ENCARGOS COMPLEMENTARES","SINAPI","H",{"v":0.029,"d":"0.02900000"},27.27,0.79]
[{"$nulls":4},"TOTAL Mão de Obra com Encargos Complementares:",null,1.44]
[{"$nulls":4},"VALOR:",null,4.65]
[{"$nulls":4},"VALOR ENCARGOS*:",null,"INCLUSO"]
[{"$nulls":4},"VALOR BDI (22.88%):",null,1.06]
[{"$nulls":4},"VALOR COM BDI:",null,5.71]
[]
["2.3.4. 60126 PLAFON PLAFON 25W LED SOBREPOR BRANCO NEUTRO (UND)"]
["Material",null,"FONTE","UNID","COEFICIENTE","PREÇO UNITÁRIO","TOTAL"]
["60126.","PLAFON PLAFON 25W LED SOBREPOR BRANCO NEUTRO","Composições ","und",{"v":1,"d":"1.00000000"},58.98,58.98]
[{"$nulls":4},"TOTAL Material:",null,58.98]
[{"$nulls":4},"VALOR:",null,58.98]
[{"$nulls":4},"VALOR ENCARGOS*:",null,"INCLUSO"]
[{"$nulls":4},"VALOR BDI (22.88%):",null,13.49]
[{"$nulls":4},"VALOR COM BDI:",null,72.47]
[]
["2.4.1. 89356 TUBO, PVC, SOLDÁVEL, DN 25MM, INSTALADO EM RAMAL OU SUB- RAMAL DE ÁGUA - FORNECIMENTO E INSTALAÇÃO. AF_06/2022 (M)"]
["Material",null,"FONTE","UNID","COEFICIENTE","PREÇO UNITÁRIO","TOTAL"]
["00038383","LIXA D'AGUA EM FOLHA, COR PRETA, GRAO 100","SINAPI","UN",{"v":0.0886,"d":"0.08860000"},1.77,0.15]
["00009868","TUBO PVC, SOLDAVEL, DE 25 MM, AGUA FRIA (NBR-5648)","SINAPI","M",{"v":1.0493,"d":"1.04930000"},4.04,4.23]
[{"$nulls":4},"TOTAL Material:",null,4.38]
["Mão de Obra com Encargos Complementares",null,"FONTE","UNID","COEFICIENTE","PREÇO UNITÁRIO","TOTAL"]
["88248","AUXILIAR DE ENCANADOR OU BOMBEIRO HIDRÁULICO COM ENCARGOS COMPLEMENTARES","SINAPI","H",{"v":0.38,"d":"0.38000000"},21.62,8.21]
["88267","ENCANADOR OU BOMBEIRO HIDRÁULICO COM ENCARGOS COMPLEMENTARES","SINAPI","H",{"v":0.38,"d":"0.38000000"},26.19,9.95]
[{"$nulls":4},"TOTAL Mão de Obra com Encargos Complementares:",null,18.16]
[{"$nulls":4},"VALOR:",null,22.54]
[{"$nulls":4},"VALOR ENCARGOS*:",null,"INCLUSO"]
[{"$nulls":4},"VALOR BDI (22.88%):",null,5.16]
[{"$nulls":4},"VALOR COM BDI:",null,{"v":27.7,"d":"27.70"}]
[]
["2.4.2. 89395 TE, PVC, SOLDÁVEL, DN 25MM, INSTALADO EM RAMAL OU SUB- RAMAL DE ÁGUA - FORNECIMENTO E INSTALAÇÃO. AF_06/2022 (UN)"]
["Material",null,"FONTE","UNID","COEFICIENTE","PREÇO UNITÁRIO","TOTAL"]
["00000122","ADESIVO PLASTICO PARA PVC, FRASCO COM *850* GR","SINAPI","UN",{"v":0.0106,"d":"0.01060000"},49.06,0.52]
["00038383","LIXA D'AGUA EM FOLHA, COR PRETA, GRAO 100","SINAPI","UN",{"v":0.0507,"d":"0.05070000"},1.77,0.08]
["00020083","SOLUCAO PREPARADORA / LIMPADORA PARA PVC, FRASCO COM 1000 CM3","SINAPI","UN",{"v":0.012,"d":"0.01200000"},55.58,0.66]
["00007139","TE SOLDAVEL, PVC, 90 GRAUS, 25 MM, PARA AGUA FRIA PREDIAL (NBR 5648)","SINAPI","UN",{"v":1,"d":"1.00000000"},1.17,1.17]
[{"$nulls":4},"TOTAL Material:",null,2.43]
["Mão de Obra com Encargos Complementares",null,"FONTE","UNID","COEFICIENTE","PREÇO UNITÁRIO","TOTAL"]
["88248","AUXILIAR DE ENCANADOR OU BOMBEIRO HIDRÁULICO COM ENCARGOS COMPLEMENTARES","SINAPI","H",{"v":0.2026,"d":"0.20260000"},21.62,4.38]
["88267","ENCANADOR OU BOMBEIRO HIDRÁULICO COM ENCARGOS COMPLEMENTARES","SINAPI","H",{"v":0.2026,"d":"0.20260000"},26.19,{"v":5.3,"d":"5.30"}]
[{"$nulls":4},"TOTAL Mão de Obra com Encargos Complementares:",null,9.68]
[{"$nulls":4},"VALOR:",null,12.11]
[{"$nulls":4},"VALOR ENCARGOS*:",null,"INCLUSO"]
[{"$nulls":4},"VALOR BDI (22.88%):",null,2.77]
[{"$nulls":4},"VALOR COM BDI:",null,14.88]
[]
["2.4.3. 90373 JOELHO 90 GRAUS COM BUCHA DE LATÃO, PVC, SOLDÁVEL, DN 25MM, X 1/2 INSTALADO EM RAMAL OU SUB-RAMAL DE ÁGUA - FORNECIMENTO E INSTALAÇÃO. AF_06/2022 (UN)"]
["Material",null,"FONTE","UNID","COEFICIENTE","PREÇO UNITÁRIO","TOTAL"]
["00000122","ADESIVO PLASTICO PARA PVC, FRASCO COM *850* GR","SINAPI","UN",{"v":0.0059,"d":"0.00590000"},49.06,0.28]
["00020147","JOELHO PVC, SOLDAVEL, COM BUCHA DE LATAO, 90 GRAUS, 25 MM X 1/2\", PARA AGUA FRIA PREDIAL","SINAPI","UN",{"v":1,"d":"1.00000000"},5.21,5.21]
["00038383","LIXA D'AGUA EM FOLHA, COR PRETA, GRAO 100","SINAPI","UN",{"v":0.0315,"d":"0.03150000"},1.77,0.05]
["00020083","SOLUCAO PREPARADORA / LIMPADORA PARA PVC, FRASCO COM 1000 CM3","SINAPI","UN",{"v":0.007,"d":"0.00700000"},55.58,0.38]
[{"$nulls":4},"TOTAL Material:",null,5.92]
["Mão de Obra com Encargos Complementares",null,"FONTE","UNID","COEFICIENTE","PREÇO UNITÁRIO","TOTAL"]
["88248","AUXILIAR DE ENCANADOR OU BOMBEIRO HIDRÁULICO COM ENCARGOS COMPLEMENTARES","SINAPI","H",{"v":0.1312,"d":"0.13120000"},21.62,2.83]
["88267","ENCANADOR OU BOMBEIRO HIDRÁULICO COM ENCARGOS COMPLEMENTARES","SINAPI","H",{"v":0.1312,"d":"0.13120000"},26.19,3.43]
[{"$nulls":4},"TOTAL Mão de Obra com Encargos Complementares:",null,6.26]
[{"$nulls":4},"VALOR:",null,12.18]
[{"$nulls":4},"VALOR ENCARGOS*:",null,"INCLUSO"]
[{"$nulls":4},"VALOR BDI (22.88%):",null,2.79]
[{"$nulls":4},"VALOR COM BDI:",null,14.97]
[]
["2.4.4. 89489 CURVA 90 GRAUS, PVC, SOLDÁVEL, DN 25MM, INSTALADO EM PRUMADA DE ÁGUA - FORNECIMENTO E INSTALAÇÃO. AF_06/2022 (UN)"]
["Material",null,"FONTE","UNID","COEFICIENTE","PREÇO UNITÁRIO","TOTAL"]
["00000122","ADESIVO PLASTICO PARA PVC, FRASCO COM *850* GR","SINAPI","UN",{"v":0.0071,"d":"0.00710000"},49.06,0.34]
["00001956","CURVA DE PVC 90 GRAUS, SOLDAVEL, 25 MM, COR MARROM, PARA AGUA FRIA PREDIAL","SINAPI","UN",{"v":1,"d":"1.00000000"},{"v":2.9,"d":"2.90"},{"v":2.9,"d":"2.90"}]
["00038383","LIXA D'AGUA EM FOLHA, COR PRETA, GRAO 100","SINAPI","UN",{"v":0.0108,"d":"0.01080000"},1.77,0.01]
["00020083","SOLUCAO PREPARADORA / LIMPADORA PARA PVC, FRASCO COM 1000 CM3","SINAPI","UN",{"v":0.008,"d":"0.00800000"},55.58,0.44]
[{"$nulls":4},"TOTAL Material:",null,3.69]
["Mão de Obra com Encargos Complementares",null,"FONTE","UNID","COEFICIENTE","PREÇO UNITÁRIO","TOTAL"]
["88248","AUXILIAR DE ENCANADOR OU BOMBEIRO HIDRÁULICO COM ENCARGOS COMPLEMENTARES","SINAPI","H",{"v":0.0706,"d":"0.07060000"},21.62,1.52]
["88267","ENCANADOR OU BOMBEIRO HIDRÁULICO COM ENCARGOS COMPLEMENTARES","SINAPI","H",{"v":0.0706,"d":"0.07060000"},26.19,1.84]
[{"$nulls":4},"TOTAL Mão de Obra com Encargos Complementares:",null,3.36]
[{"$nulls":4},"VALOR:",null,7.05]
[{"$nulls":4},"VALOR ENCARGOS*:",null,"INCLUSO"]
[{"$nulls":4},"VALOR BDI (22.88%):",null,1.61]
[{"$nulls":4},"VALOR COM BDI:",null,8.66]
[]
["2.4.5. 89728 CURVA CURTA 90 GRAUS, PVC, SERIE NORMAL, ESGOTO PREDIAL, DN 40 MM, JUNTA SOLDÁVEL, FORNECIDO E INSTALADO EM RAMAL DE DESCARGA OU RAMAL DE ESGOTO SANITÁRIO. (UN)"]
["Material",null,"FONTE","UNID","COEFICIENTE","PREÇO UNITÁRIO","TOTAL"]
["00000122","ADESIVO PLASTICO PARA PVC, FRASCO COM *850* GR","SINAPI","UN",{"v":0.0099,"d":"0.00990000"},49.06,0.48]
["00001933","CURVA PVC CURTA 90 GRAUS, DN 40 MM, PARA ESGOTO PREDIAL","SINAPI","UN",{"v":1,"d":"1.00000000"},4.79,4.79]
["00038383","LIXA D'AGUA EM FOLHA, COR PRETA, GRAO 100","SINAPI","UN",{"v":0.0071,"d":"0.00710000"},1.77,0.01]
["00020083","SOLUCAO PREPARADORA / LIMPADORA PARA PVC, FRASCO COM 1000 CM3","SINAPI","UN",{"v":0.015,"d":"0.01500000"},55.58,0.83]
[{"$nulls":4},"TOTAL Material:",null,6.11]
["Mão de Obra com Encargos Complementares",null,"FONTE","UNID","COEFICIENTE","PREÇO UNITÁRIO","TOTAL"]
["88248","AUXILIAR DE ENCANADOR OU BOMBEIRO HIDRÁULICO COM ENCARGOS COMPLEMENTARES","SINAPI","H",{"v":0.127,"d":"0.12700000"},21.62,2.74]
["88267","ENCANADOR OU BOMBEIRO HIDRÁULICO COM ENCARGOS COMPLEMENTARES","SINAPI","H",{"v":0.127,"d":"0.12700000"},26.19,3.32]
[{"$nulls":4},"TOTAL Mão de Obra com Encargos Complementares:",null,6.06]
[{"$nulls":4},"VALOR:",null,12.17]
[{"$nulls":4},"VALOR ENCARGOS*:",null,"INCLUSO"]
[{"$nulls":4},"VALOR BDI (22.88%):",null,2.78]
[{"$nulls":4},"VALOR COM BDI:",null,14.95]
[]
["2.4.6. 89748 CURVA CURTA 90 GRAUS, PVC, SERIE NORMAL, ESGOTO PREDIAL, DN 100 MM, JUNTA ELÁSTICA, FORNECIDO E INSTALADO EM RAMAL DE DESCARGA OU RAMAL DE ESGOTO SANITÁRIO. (UN)"]
["Material",null,"FONTE","UNID","COEFICIENTE","PREÇO UNITÁRIO","TOTAL"]
["00000301","ANEL BORRACHA PARA TUBO ESGOTO PREDIAL, DN 100 MM (NBR 5688)","SINAPI","UN",{"v":2,"d":"2.00000000"},3.43,6.86]
["00001966","CURVA PVC CURTA 90 GRAUS, DN 100 MM, PARA ESGOTO PREDIAL","SINAPI","UN",{"v":1,"d":"1.00000000"},22.24,22.24]
["00020078","PASTA LUBRIFICANTE PARA TUBOS E CONEXOES COM JUNTA ELASTICA, EMBALAGEM DE *400* GR (USO EM PVC, ACO, POLIETILENO E OUTROS)","SINAPI","UN",{"v":0.115,"d":"0.11500000"},20.25,2.32]
[{"$nulls":4},"TOTAL Material:",null,31.42]
["Mão de Obra com Encargos Complementares",null,"FONTE","UNID","COEFICIENTE","PREÇO UNITÁRIO","TOTAL"]
["88248","AUXILIAR DE ENCANADOR OU BOMBEIRO HIDRÁULICO COM ENCARGOS COMPLEMENTARES","SINAPI","H",{"v":0.1926,"d":"0.19260000"},21.62,4.16]
["88267","ENCANADOR OU BOMBEIRO HIDRÁULICO COM ENCARGOS COMPLEMENTARES","SINAPI","H",{"v":0.1926,"d":"0.19260000"},26.19,5.04]
[{"$nulls":4},"TOTAL Mão de Obra com Encargos Complementares:",null,{"v":9.2,"d":"9.20"}]
[{"$nulls":4},"VALOR:",null,40.62]
[{"$nulls":4},"VALOR ENCARGOS*:",null,"INCLUSO"]
[{"$nulls":4},"VALOR BDI (22.88%):",null,9.29]
[{"$nulls":4},"VALOR COM BDI:",null,49.91]
[]
["2.4.7. 89500 CURVA 45 GRAUS, PVC, SOLDÁVEL, DN 40MM, INSTALADO EM PRUMADA DE ÁGUA - FORNECIMENTO E INSTALAÇÃO. AF_06/2022 (UN)"]
["Material",null,"FONTE","UNID","COEFICIENTE","PREÇO UNITÁRIO","TOTAL"]
["00000122","ADESIVO PLASTICO PARA PVC, FRASCO COM *850* GR","SINAPI","UN",{"v":0.0118,"d":"0.01180000"},49.06,0.57]
["00001929","CURVA DE PVC 45 GRAUS, SOLDAVEL, 40 MM, COR MARROM, PARA AGUA FRIA PREDIAL","SINAPI","UN",{"v":1,"d":"1.00000000"},5.28,5.28]
["00038383","LIXA D'AGUA EM FOLHA, COR PRETA, GRAO 100","SINAPI","UN",{"v":0.0157,"d":"0.01570000"},1.77,0.02]
["00020083","SOLUCAO PREPARADORA / LIMPADORA PARA PVC, FRASCO COM 1000 CM3","SINAPI","UN",{"v":0.014,"d":"0.01400000"},55.58,0.77]
[{"$nulls":4},"TOTAL Material:",null,6.64]
["Mão de Obra com Encargos Complementares",null,"FONTE","UNID","COEFICIENTE","PREÇO UNITÁRIO","TOTAL"]
["88248","AUXILIAR DE ENCANADOR OU BOMBEIRO HIDRÁULICO COM ENCARGOS COMPLEMENTARES","SINAPI","H",{"v":0.1047,"d":"0.10470000"},21.62,2.26]
["88267","ENCANADOR OU BOMBEIRO HIDRÁULICO COM ENCARGOS COMPLEMENTARES","SINAPI","H",{"v":0.1047,"d":"0.10470000"},26.19,2.74]
[{"$nulls":4},"TOTAL Mão de Obra com Encargos Complementares:",null,{"v":5,"d":"5.00"}]
[{"$nulls":4},"VALOR:",null,11.64]
[{"$nulls":4},"VALOR ENCARGOS*:",null,"INCLUSO"]
[{"$nulls":4},"VALOR BDI (22.88%):",null,2.66]
[{"$nulls":4},"VALOR COM BDI:",null,{"v":14.3,"d":"14.30"}]
[]
["2.4.8. 89746 JOELHO 45 GRAUS, PVC, SERIE NORMAL, ESGOTO PREDIAL, DN 100 MM, JUNTA ELÁSTICA, FORNECIDO E INSTALADO EM RAMAL DE DESCARGA OU RAMAL DE ESGOTO SANITÁRIO. AF_08/2022 (UN)"]
["Material",null,"FONTE","UNID","COEFICIENTE","PREÇO UNITÁRIO","TOTAL"]
["00000301","ANEL BORRACHA PARA TUBO ESGOTO PREDIAL, DN 100 MM (NBR 5688)","SINAPI","UN",{"v":2,"d":"2.00000000"},3.43,6.86]
["00003528","JOELHO PVC, SOLDAVEL, PB, 45 GRAUS, DN 100 MM, PARA ESGOTO PREDIAL","SINAPI","UN",{"v":1,"d":"1.00000000"},8.72,8.72]
["00020078","PASTA LUBRIFICANTE PARA TUBOS E CONEXOES COM JUNTA ELASTICA, EMBALAGEM DE *400* GR (USO EM PVC, ACO, POLIETILENO E OUTROS)","SINAPI","UN",{"v":0.115,"d":"0.11500000"},20.25,2.32]
[{"$nulls":4},"TOTAL Material:",null,{"v":17.9,"d":"17.90"}]
["Mão de Obra com Encargos Complementares",null,"FONTE","UNID","COEFICIENTE","PREÇO UNITÁRIO","TOTAL"]
["88248","AUXILIAR DE ENCANADOR OU BOMBEIRO HIDRÁULICO COM ENCARGOS COMPLEMENTARES","SINAPI","H",{"v":0.1926,"d":"0.19260000"},21.62,4.16]
["88267","ENCANADOR OU BOMBEIRO HIDRÁULICO COM ENCARGOS COMPLEMENTARES","SINAPI","H",{"v":0.1926,"d":"0.19260000"},26.19,5.04]
[{"$nulls":4},"TOTAL Mão de Obra com Encargos Complementares:",null,{"v":9.2,"d":"9.20"}]
[{"$nulls":4},"VALOR:",null,{"v":27.1,"d":"27.10"}]
[{"$nulls":4},"VALOR ENCARGOS*:",null,"INCLUSO"]
[{"$nulls":4},"VALOR BDI (22.88%):",null,{"v":6.2,"d":"6.20"}]
[{"$nulls":4},"VALOR COM BDI:",null,{"v":33.3,"d":"33.30"}]
[]
["2.4.9. 89731 JOELHO 90 GRAUS, PVC, SERIE NORMAL, ESGOTO PREDIAL, DN 50 MM, JUNTA ELÁSTICA, FORNECIDO E INSTALADO EM RAMAL DE DESCARGA OU RAMAL DE ESGOTO SANITÁRIO. AF_08/2022 (UN)"]
["Material",null,"FONTE","UNID","COEFICIENTE","PREÇO UNITÁRIO","TOTAL"]
["00000296","ANEL BORRACHA PARA TUBO ESGOTO PREDIAL, DN 50 MM (NBR 5688)","SINAPI","UN",{"v":2,"d":"2.00000000"},1.94,3.88]
["00003526","JOELHO PVC, SOLDAVEL, PB, 90 GRAUS, DN 50 MM, PARA ESGOTO PREDIAL","SINAPI","UN",{"v":1,"d":"1.00000000"},2.91,2.91]
["00020078","PASTA LUBRIFICANTE PARA TUBOS E CONEXOES COM JUNTA ELASTICA, EMBALAGEM DE *400* GR (USO EM PVC, ACO, POLIETILENO E OUTROS)","SINAPI","UN",{"v":0.05,"d":"0.05000000"},20.25,1.01]
[{"$nulls":4},"TOTAL Material:",null,{"v":7.8,"d":"7.80"}]
["Mão de Obra com Encargos Complementares",null,"FONTE","UNID","COEFICIENTE","PREÇO UNITÁRIO","TOTAL"]
["88248","AUXILIAR DE ENCANADOR OU BOMBEIRO HIDRÁULICO COM ENCARGOS COMPLEMENTARES","SINAPI","H",{"v":0.1379,"d":"0.13790000"},21.62,2.98]
["88267","ENCANADOR OU BOMBEIRO HIDRÁULICO COM ENCARGOS COMPLEMENTARES","SINAPI","H",{"v":0.1379,"d":"0.13790000"},26.19,3.61]
[{"$nulls":4},"TOTAL Mão de Obra com Encargos Complementares:",null,6.59]
[{"$nulls":4},"VALOR:",null,14.39]
[{"$nulls":4},"VALOR ENCARGOS*:",null,"INCLUSO"]
[{"$nulls":4},"VALOR BDI (22.88%):",null,3.29]
[{"$nulls":4},"VALOR COM BDI:",null,17.68]
[]
["2.4.10. 89744 JOELHO 90 GRAUS, PVC, SERIE NORMAL, ESGOTO PREDIAL, DN 100 MM, JUNTA ELÁSTICA, FORNECIDO E INSTALADO EM RAMAL DE DESCARGA OU RAMAL DE ESGOTO SANITÁRIO. AF_08/2022 (UN)"]
["Material",null,"FONTE","UNID","COEFICIENTE","PREÇO UNITÁRIO","TOTAL"]
["00000301","ANEL BORRACHA PARA TUBO ESGOTO PREDIAL, DN 100 MM (NBR 5688)","SINAPI","UN",{"v":2,"d":"2.00000000"},3.43,6.86]
["00003520","JOELHO PVC, SOLDAVEL, PB, 90 GRAUS, DN 100 MM, PARA ESGOTO PREDIAL","SINAPI","UN",{"v":1,"d":"1.00000000"},7.93,7.93]
["00020078","PASTA LUBRIFICANTE PARA TUBOS E CONEXOES COM JUNTA ELASTICA, EMBALAGEM DE *400* GR (USO EM PVC, ACO, POLIETILENO E OUTROS)","SINAPI","UN",{"v":0.115,"d":"0.11500000"},20.25,2.32]
[{"$nulls":4},"TOTAL Material:",null,17.11]
["Mão de Obra com Encargos Complementares",null,"FONTE","UNID","COEFICIENTE","PREÇO UNITÁRIO","TOTAL"]
["88248","AUXILIAR DE ENCANADOR OU BOMBEIRO HIDRÁULICO COM ENCARGOS COMPLEMENTARES","SINAPI","H",{"v":0.1926,"d":"0.19260000"},21.62,4.16]
["88267","ENCANADOR OU BOMBEIRO HIDRÁULICO COM ENCARGOS COMPLEMENTARES","SINAPI","H",{"v":0.1926,"d":"0.19260000"},26.19,5.04]
[{"$nulls":4},"TOTAL Mão de Obra com Encargos Complementares:",null,{"v":9.2,"d":"9.20"}]
[{"$nulls":4},"VALOR:",null,26.31]
[{"$nulls":4},"VALOR ENCARGOS*:",null,"INCLUSO"]
[{"$nulls":4},"VALOR BDI (22.88%):",null,6.02]
[{"$nulls":4},"VALOR COM BDI:",null,32.33]
[]
["2.4.11. 89785 JUNÇÃO SIMPLES, PVC, SERIE NORMAL, ESGOTO PREDIAL, DN 50 X 50 MM, JUNTA ELÁSTICA, FORNECIDO E INSTALADO EM RAMAL DE DESCARGA OU RAMAL DE ESGOTO SANITÁRIO. AF_08/2022 (UN)"]
["Material",null,"FONTE","UNID","COEFICIENTE","PREÇO UNITÁRIO","TOTAL"]
["00000296","ANEL BORRACHA PARA TUBO ESGOTO PREDIAL, DN 50 MM (NBR 5688)","SINAPI","UN",{"v":3,"d":"3.00000000"},1.94,5.82]
["00003662","JUNCAO SIMPLES, PVC, 45 GRAUS, DN 50 X 50 MM, SERIE NORMAL PARA ESGOTO PREDIAL","SINAPI","UN",{"v":1,"d":"1.00000000"},{"v":9.4,"d":"9.40"},{"v":9.4,"d":"9.40"}]
["00020078","PASTA LUBRIFICANTE PARA TUBOS E CONEXOES COM JUNTA ELASTICA, EMBALAGEM DE *400* GR (USO EM PVC, ACO, POLIETILENO E OUTROS)","SINAPI","UN",{"v":0.075,"d":"0.07500000"},20.25,1.51]
[{"$nulls":4},"TOTAL Material:",null,16.73]
["Mão de Obra com Encargos Complementares",null,"FONTE","UNID","COEFICIENTE","PREÇO UNITÁRIO","TOTAL"]
["88248","AUXILIAR DE ENCANADOR OU BOMBEIRO HIDRÁULICO COM ENCARGOS COMPLEMENTARES","SINAPI","H",{"v":0.1839,"d":"0.18390000"},21.62,3.97]
["88267","ENCANADOR OU BOMBEIRO HIDRÁULICO COM ENCARGOS COMPLEMENTARES","SINAPI","H",{"v":0.1839,"d":"0.18390000"},26.19,4.81]
[{"$nulls":4},"TOTAL Mão de Obra com Encargos Complementares:",null,8.78]
[{"$nulls":4},"VALOR:",null,25.51]
[{"$nulls":4},"VALOR ENCARGOS*:",null,"INCLUSO"]
[{"$nulls":4},"VALOR BDI (22.88%):",null,5.84]
[{"$nulls":4},"VALOR COM BDI:",null,31.35]
[]
["2.4.12. 89753 LUVA SIMPLES, PVC, SERIE NORMAL, ESGOTO PREDIAL, DN 50 MM, JUNTA ELÁSTICA, FORNECIDO E INSTALADO EM RAMAL DE DESCARGA OU RAMAL DE ESGOTO SANITÁRIO. AF_08/2022 (UN)"]
["Material",null,"FONTE","UNID","COEFICIENTE","PREÇO UNITÁRIO","TOTAL"]
["00000122","ADESIVO PLASTICO PARA PVC, FRASCO COM *850* GR","SINAPI","UN",{"v":0.0073,"d":"0.00730000"},49.06,0.35]
["00038383","LIXA D'AGUA EM FOLHA, COR PRETA, GRAO 100","SINAPI","UN",{"v":0.039,"d":"0.03900000"},1.77,0.06]
["00003875","LUVA SIMPLES, PVC, SOLDAVEL, DN 50 MM, SERIE NORMAL, PARA ESGOTO PREDIAL","SINAPI","UN",{"v":1,"d":"1.00000000"},3.15,3.15]
["00020083","SOLUCAO PREPARADORA / LIMPADORA PARA PVC, FRASCO COM 1000 CM3","SINAPI","UN",{"v":0.011,"d":"0.01100000"},55.58,0.61]
[{"$nulls":4},"TOTAL Material:",null,4.17]
["Mão de Obra com Encargos Complementares",null,"FONTE","UNID","COEFICIENTE","PREÇO UNITÁRIO","TOTAL"]
["88248","AUXILIAR DE ENCANADOR OU BOMBEIRO HIDRÁULICO COM ENCARGOS COMPLEMENTARES","SINAPI","H",{"v":0.0919,"d":"0.09190000"},21.62,1.98]
["88267","ENCANADOR OU BOMBEIRO HIDRÁULICO COM ENCARGOS COMPLEMENTARES","SINAPI","H",{"v":0.0919,"d":"0.09190000"},26.19,{"v":2.4,"d":"2.40"}]
[{"$nulls":4},"TOTAL Mão de Obra com Encargos Complementares:",null,4.38]
[{"$nulls":4},"VALOR:",null,8.55]
[{"$nulls":4},"VALOR ENCARGOS*:",null,"INCLUSO"]
[{"$nulls":4},"VALOR BDI (22.88%):",null,1.96]
[{"$nulls":4},"VALOR COM BDI:",null,10.51]
[]
["2.4.13. 89778 LUVA SIMPLES, PVC, SERIE NORMAL, ESGOTO PREDIAL, DN 100 MM, JUNTA ELÁSTICA, FORNECIDO E INSTALADO EM RAMAL DE DESCARGA OU RAMAL DE ESGOTO SANITÁRIO. AF_08/2022 (UN)"]
["Material",null,"FONTE","UNID","COEFICIENTE","PREÇO UNITÁRIO","TOTAL"]
["00000122","ADESIVO PLASTICO PARA PVC, FRASCO COM *850* GR","SINAPI","UN",{"v":0.0245,"d":"0.02450000"},49.06,{"v":1.2,"d":"1.20"}]
["00038383","LIXA D'AGUA EM FOLHA, COR PRETA, GRAO 100","SINAPI","UN",{"v":0.0054,"d":"0.00540000"},1.77,{"v":0,"d":"0.00"}]
["00003899","LUVA SIMPLES, PVC, SOLDAVEL, DN 100 MM, SERIE NORMAL, PARA ESGOTO PREDIAL","SINAPI","UN",{"v":1,"d":"1.00000000"},6.25,6.25]
["00020083","SOLUCAO PREPARADORA / LIMPADORA PARA PVC, FRASCO COM 1000 CM3","SINAPI","UN",{"v":0.04,"d":"0.04000000"},55.58,2.22]
[{"$nulls":4},"TOTAL Material:",null,9.67]
["Mão de Obra com Encargos Complementares",null,"FONTE","UNID","COEFICIENTE","PREÇO UNITÁRIO","TOTAL"]
["88248","AUXILIAR DE ENCANADOR OU BOMBEIRO HIDRÁULICO COM ENCARGOS COMPLEMENTARES","SINAPI","H",{"v":0.1284,"d":"0.12840000"},21.62,2.77]
["88267","ENCANADOR OU BOMBEIRO HIDRÁULICO COM ENCARGOS COMPLEMENTARES","SINAPI","H",{"v":0.1284,"d":"0.12840000"},26.19,3.36]
[{"$nulls":4},"TOTAL Mão de Obra com Encargos Complementares:",null,6.13]
[{"$nulls":4},"VALOR:",null,{"v":15.8,"d":"15.80"}]
[{"$nulls":4},"VALOR ENCARGOS*:",null,"INCLUSO"]
[{"$nulls":4},"VALOR BDI (22.88%):",null,3.62]
[{"$nulls":4},"VALOR COM BDI:",null,19.42]
[]
["2.4.14. 89711 TUBO PVC, SERIE NORMAL, ESGOTO PREDIAL, DN 40 MM, FORNECIDO E INSTALADO EM RAMAL DE DESCARGA OU RAMAL DE ESGOTO SANITÁRIO. AF_08/2022 (M)"]
["Material",null,"FONTE","UNID","COEFICIENTE","PREÇO UNITÁRIO","TOTAL"]
["00038383","LIXA D'AGUA EM FOLHA, COR PRETA, GRAO 100","SINAPI","UN",{"v":0.0163,"d":"0.01630000"},1.77,0.02]
["00009835","TUBO PVC SERIE NORMAL, DN 40 MM, PARA ESGOTO PREDIAL (NBR 5688)","SINAPI","M",{"v":1.0549,"d":"1.05490000"},6.21,6.55]
[{"$nulls":4},"TOTAL Material:",null,6.57]
["Mão de Obra com Encargos Complementares",null,"FONTE","UNID","COEFICIENTE","PREÇO UNITÁRIO","TOTAL"]
["88248","AUXILIAR DE ENCANADOR OU BOMBEIRO HIDRÁULICO COM ENCARGOS COMPLEMENTARES","SINAPI","H",{"v":0.293,"d":"0.29300000"},21.62,6.33]
["88267","ENCANADOR OU BOMBEIRO HIDRÁULICO COM ENCARGOS COMPLEMENTARES","SINAPI","H",{"v":0.293,"d":"0.29300000"},26.19,7.67]
[{"$nulls":4},"TOTAL Mão de Obra com Encargos Complementares:",null,{"v":14,"d":"14.00"}]
[{"$nulls":4},"VALOR:",null,20.57]
[{"$nulls":4},"VALOR ENCARGOS*:",null,"INCLUSO"]
[{"$nulls":4},"VALOR BDI (22.88%):",null,4.71]
[{"$nulls":4},"VALOR COM BDI:",null,25.28]
[]
["2.4.15. 89714 TUBO PVC, SERIE NORMAL, ESGOTO PREDIAL, DN 100 MM, FORNECIDO E INSTALADO EM RAMAL DE DESCARGA OU RAMAL DE ESGOTO SANITÁRIO. AF_08/2022 (M)"]
["Material",null,"FONTE","UNID","COEFICIENTE","PREÇO UNITÁRIO","TOTAL"]
["00038383","LIXA D'AGUA EM FOLHA, COR PRETA, GRAO 100","SINAPI","UN",{"v":0.0247,"d":"0.02470000"},1.77,0.04]
["00009836","TUBO PVC SERIE NORMAL, DN 100 MM, PARA ESGOTO PREDIAL (NBR 5688)","SINAPI","M",{"v":1.0549,"d":"1.05490000"},14.21,14.99]
[{"$nulls":4},"TOTAL Material:",null,15.03]
["Mão de Obra com Encargos Complementares",null,"FONTE","UNID","COEFICIENTE","PREÇO UNITÁRIO","TOTAL"]
["88248","AUXILIAR DE ENCANADOR OU BOMBEIRO HIDRÁULICO COM ENCARGOS COMPLEMENTARES","SINAPI","H",{"v":0.4444,"d":"0.44440000"},21.62,{"v":9.6,"d":"9.60"}]
["88267","ENCANADOR OU BOMBEIRO HIDRÁULICO COM ENCARGOS COMPLEMENTARES","SINAPI","H",{"v":0.4444,"d":"0.44440000"},26.19,11.63]
[{"$nulls":4},"TOTAL Mão de Obra com Encargos Complementares:",null,21.23]
[{"$nulls":4},"VALOR:",null,36.26]
[{"$nulls":4},"VALOR ENCARGOS*:",null,"INCLUSO"]
[{"$nulls":4},"VALOR BDI (22.88%):",null,{"v":8.3,"d":"8.30"}]
[{"$nulls":4},"VALOR COM BDI:",null,44.56]
[]
["2.4.16. 95472 VASO SANITARIO SIFONADO CONVENCIONAL PARA PCD SEM FURO FRONTAL COM LOUÇA BRANCA SEM ASSENTO, INCLUSO CONJUNTO DE LIGAÇÃO PARA BACIA SANITÁRIA AJUSTÁVEL - FORNECIMENTO E INSTALAÇÃO. AF_01/2020 (UN)"]
["Material",null,"FONTE","UNID","COEFICIENTE","PREÇO UNITÁRIO","TOTAL"]
["00006142","CONJUNTO DE LIGACAO AJUSTAVEL, PARA VASO / BACIA SANITARIA, EM PLASTICO BRANCO, COM TUBO, CANOPLA E ESPUDE","SINAPI","UN",{"v":1,"d":"1.00000000"},9.28,9.28]
[{"$nulls":4},"TOTAL Material:",null,9.28]
["Serviço",null,"FONTE","UNID","COEFICIENTE","PREÇO UNITÁRIO","TOTAL"]
["95471","VASO SANITARIO SIFONADO CONVENCIONAL PARA PCD SEM FURO FRONTAL COM LOUÇA BRANCA SEM ASSENTO - FORNECIMENTO E INSTALAÇÃO. AF_01/2020","SINAPI","UN",{"v":1,"d":"1.00000000"},786.27,786.27]
[{"$nulls":4},"TOTAL Serviço:",null,786.27]
[{"$nulls":4},"VALOR:",null,795.55]
[{"$nulls":4},"VALOR ENCARGOS*:",null,"INCLUSO"]
[{"$nulls":4},"VALOR BDI (22.88%):",null,182.02]
[{"$nulls":4},"VALOR COM BDI:",null,977.57]
[]
["2.4.17. 86941 LAVATÓRIO LOUÇA BRANCA COM COLUNA, 45 X 55CM OU EQUIVALENTE, PADRÃO MÉDIO, INCLUSO SIFÃO TIPO GARRAFA, VÁLVULA E ENGATE FLEXÍVEL DE 40CM EM METAL CROMADO, COM TORNEIRA CROMADA DE MESA, PADRÃO MÉDIO - FORNECIMENTO EBAINRSRTAADLAEÇAÃPOO.IOAFR_E0T1A/,2E0M20ACO INOX POLIDO, COMPRIMENTO 80 (UN)"]
["Serviço",null,"FONTE","UNID","COEFICIENTE","PREÇO UNITÁRIO","TOTAL"]
["86887","ENGATE FLEXÍVEL EM INOX, 1/2 X 40CM - FORNECIMENTO E INSTALAÇÃO. AF_01/2020","SINAPI","UN",{"v":1,"d":"1.00000000"},54.05,54.05]
["86903","LAVATÓRIO LOUÇA BRANCA COM COLUNA, 45 X 55CM OU EQUIVALENTE, PADRÃO MÉDIO - FORNECIMENTO E INSTALAÇÃO. AF_01/2020","SINAPI","UN",{"v":1,"d":"1.00000000"},346.35,346.35]
["86881","SIFÃO DO TIPO GARRAFA EM METAL CROMADO 1 X 1.1/2\" - FORNECIMENTO E INSTALAÇÃO. AF_01/2020","SINAPI","UN",{"v":1,"d":"1.00000000"},204.27,204.27]
["86915","TORNEIRA CROMADA DE MESA, 1/2\" OU 3/4\", PARA LAVATÓRIO, PADRÃO MÉDIO - FORNECIMENTO E INSTALAÇÃO. AF_01/2020","SINAPI","UN",{"v":1,"d":"1.00000000"},154.58,154.58]
["86877","VÁLVULA EM METAL CROMADO 1.1/2\" X 1.1/2\" PARA TANQUE OU LAVATÓRIO, COM OU SEM LADRÃO - FORNECIMENTO E INSTALAÇÃO. AF_01/2020","SINAPI","UN",{"v":1,"d":"1.00000000"},67.21,67.21]
[{"$nulls":4},"TOTAL Serviço:",null,826.46]
[{"$nulls":4},"VALOR:",null,826.46]
[{"$nulls":4},"VALOR ENCARGOS*:",null,"INCLUSO"]
[{"$nulls":4},"VALOR BDI (22.88%):",null,189.09]
[{"$nulls":4},"VALOR COM BDI:",null,{"v":1015.55,"d":"1,015.55"}]
[]
["2.4.18. 100868 CM, FIXADA NA PAREDE - FORNECIMENTO E INSTALAÇÃO. (UN)"]
["Material",null,"FONTE","UNID","COEFICIENTE","PREÇO UNITÁRIO","TOTAL"]
["00036081","BARRA DE APOIO RETA, EM ACO INOX POLIDO, COMPRIMENTO 80CM, DIAMETRO MINIMO 3 CM","SINAPI","UN",{"v":1,"d":"1.00000000"},199.58,199.58]
["00004351","PARAFUSO NIQUELADO 3 1/2\" COM ACABAMENTO CROMADO PARA FIXAR PECA SANITARIA, INCLUI PORCA CEGA, ARRUELA E BUCHA DE NYLON TAMANHO S-8","SINAPI","UN",{"v":6,"d":"6.00000000"},15.11,90.66]
[{"$nulls":4},"TOTAL Material:",null,290.24]
["Mão de Obra com Encargos Complementares",null,"FONTE","UNID","COEFICIENTE","PREÇO UNITÁRIO","TOTAL"]
["88267","ENCANADOR OU BOMBEIRO HIDRÁULICO COM ENCARGOS COMPLEMENTARES","SINAPI","H",{"v":0.9485,"d":"0.94850000"},26.19,24.84]
["88316","SERVENTE COM ENCARGOS COMPLEMENTARES","SINAPI","H",{"v":0.2988,"d":"0.29880000"},21.32,6.37]
[{"$nulls":4},"TOTAL Mão de Obra com Encargos Complementares:",null,31.21]
[{"$nulls":4},"VALOR:",null,321.45]
[{"$nulls":4},"VALOR ENCARGOS*:",null,"INCLUSO"]
[{"$nulls":4},"VALOR BDI (22.88%):",null,73.55]
[{"$nulls":4},"VALOR COM BDI:",null,{"v":395,"d":"395.00"}]
[]
["2.5.1. 90844 KIT DE PORTA DE MADEIRA PARA PINTURA, SEMI-OCA (LEVE OU MÉDIA), PADRÃO MÉDIO, 90X210CM, ESPESSURA DE 3,5CM, ITENS INCLUSOS: DOBRADIÇAS, MONTAGEM E INSTALAÇÃO DO BATENTE, FECHADURA COM EXECUÇÃO DO FURO - FORNECIMENTO E (UN)"]
["Serviço",null,"FONTE","UNID","COEFICIENTE","PREÇO UNITÁRIO","TOTAL"]
["100659","ALIZAR DE 5X1,5CM PARA PORTA FIXADO COM PREGOS, PADRÃO MÉDIO - FORNECIMENTO E INSTALAÇÃO. AF_12/2019","SINAPI","M",{"v":10.2,"d":"10.20000000"},10.88,110.97]
["90806","BATENTE PARA PORTA DE MADEIRA, FIXAÇÃO COM ARGAMASSA, PADRÃO MÉDIO - FORNECIMENTO E INSTALAÇÃO. AF_12/2019","SINAPI","UN",{"v":1,"d":"1.00000000"},388.76,388.76]
["90830","FECHADURA DE EMBUTIR COM CILINDRO, EXTERNA, COMPLETA, ACABAMENTO PADRÃO MÉDIO, INCLUSO EXECUÇÃO DE FURO - FORNECIMENTO E INSTALAÇÃO. AF_12/2019","SINAPI","UN",{"v":1,"d":"1.00000000"},158.98,158.98]
["90823","PORTA DE MADEIRA PARA PINTURA, SEMI-OCA (LEVE OU MÉDIA), 90X210CM, ESPESSURA DE 3,5CM, INCLUSO DOBRADIÇAS - FORNECIMENTO E INSTALAÇÃO. AF_12/2019","SINAPI","UN",{"v":1,"d":"1.00000000"},475.84,475.84]
[{"$nulls":4},"TOTAL Serviço:",null,{"v":1134.55,"d":"1,134.55"}]
[{"$nulls":4},"VALOR:",null,{"v":1134.55,"d":"1,134.55"}]
[{"$nulls":4},"VALOR ENCARGOS*:",null,"INCLUSO"]
[{"$nulls":4},"VALOR BDI (22.88%):",null,259.59]
[{"$nulls":4},"VALOR COM BDI:",null,{"v":1394.14,"d":"1,394.14"}]
[]
["2.5.2. 100874 PUXADOR PARA PCD, FIXADO NA PORTA - FORNECIMENTO E INSTALAÇÃO. AF_01/2020 (UN)"]
["Material",null,"FONTE","UNID","COEFICIENTE","PREÇO UNITÁRIO","TOTAL"]
["00036204","BARRA DE APOIO RETA, EM ACO INOX POLIDO, COMPRIMENTO 60CM, DIAMETRO MINIMO 3 CM","SINAPI","UN",{"v":1,"d":"1.00000000"},168.55,168.55]
["00004351","PARAFUSO NIQUELADO 3 1/2\" COM ACABAMENTO CROMADO PARA FIXAR PECA SANITARIA, INCLUI PORCA CEGA, ARRUELA E BUCHA DE NYLON TAMANHO S-8","SINAPI","UN",{"v":6,"d":"6.00000000"},15.11,90.66]
[{"$nulls":4},"TOTAL Material:",null,259.21]
["Mão de Obra com Encargos Complementares",null,"FONTE","UNID","COEFICIENTE","PREÇO UNITÁRIO","TOTAL"]
["88267","ENCANADOR OU BOMBEIRO HIDRÁULICO COM ENCARGOS COMPLEMENTARES","SINAPI","H",{"v":0.9485,"d":"0.94850000"},26.19,24.84]
["88316","SERVENTE COM ENCARGOS COMPLEMENTARES","SINAPI","H",{"v":0.2988,"d":"0.29880000"},21.32,6.37]
[{"$nulls":4},"TOTAL Mão de Obra com Encargos Complementares:",null,31.21]
[{"$nulls":4},"VALOR:",null,290.42]
[{"$nulls":4},"VALOR ENCARGOS*:",null,"INCLUSO"]
[{"$nulls":4},"VALOR BDI (22.88%):",null,66.45]
[{"$nulls":4},"VALOR COM BDI:",null,356.87]
[]
["2.5.3. 94573 JANELA DE ALUMÍNIO DE CORRER COM 4 FOLHAS PARA VIDROS, COM VIDROS, BATENTE, ACABAMENTO COM ACETATO OU BRILHANTE E FERRAGENS. EXCLUSIVE ALIZAR E CONTRAMARCO. FORNECIMENTO E INSTALAÇÃO. AF_12/2019 (M2)"]
["Material",null,"FONTE","UNID","COEFICIENTE","PREÇO UNITÁRIO","TOTAL"]
["00034364","JANELA DE CORRER, EM ALUMINIO PERFIL 25, 120 X 150 CM (A X L), 4 FLS, BANDEIRA COM BASCULA, ACABAMENTO BRANCO OU BRILHANTE, BATENTE/REQUADRO DE 6 A 14 CM, COM VIDRO 4 MM, SEM GUARNICAO/ALIZAR","SINAPI","UN",{"v":0.556,"d":"0.55600000"},631.37,351.04]
["00004377","PARAFUSO DE ACO ZINCADO COM ROSCA SOBERBA, CABECA CHATA E FENDA SIMPLES, DIAMETRO 4,2 MM, COMPRIMENTO * 32 * MM","SINAPI","UN",{"v":7.3,"d":"7.30000000"},0.17,1.24]
["00039961","SILICONE ACETICO USO GERAL INCOLOR 280 G","SINAPI","UN",{"v":0.6010714,"d":"0.60107140"},27.95,16.79]
[{"$nulls":4},"TOTAL Material:",null,369.07]
["Mão de Obra com Encargos Complementares",null,"FONTE","UNID","COEFICIENTE","PREÇO UNITÁRIO","TOTAL"]
["88309","PEDREIRO COM ENCARGOS COMPLEMENTARES","SINAPI","H",{"v":0.3118773,"d":"0.31187730"},{"v":26.9,"d":"26.90"},8.38]
["88316","SERVENTE COM ENCARGOS COMPLEMENTARES","SINAPI","H",{"v":0.1559386,"d":"0.15593860"},21.32,3.32]
[{"$nulls":4},"TOTAL Mão de Obra com Encargos Complementares:",null,{"v":11.7,"d":"11.70"}]
[{"$nulls":4},"VALOR:",null,380.77]
[{"$nulls":4},"VALOR ENCARGOS*:",null,"INCLUSO"]
[{"$nulls":4},"VALOR BDI (22.88%):",null,87.12]
[{"$nulls":4},"VALOR COM BDI:",null,467.89]
[]
["2.6.1. 96113 FORRO EM PLACAS DE GESSO, PARA AMBIENTES COMERCIAIS. AF_05/2017_P (M2)"]
["Material",null,"FONTE","UNID","COEFICIENTE","PREÇO UNITÁRIO","TOTAL"]
["00000345","ARAME GALVANIZADO 18 BWG, D = 1,24MM (0,009 KG/M)","SINAPI","KG",{"v":0.0217,"d":"0.02170000"},33.58,0.72]
["00003315","GESSO EM PO PARA REVESTIMENTOS/MOLDURAS/SANCAS E USO GERAL","SINAPI","KG",{"v":1.8127,"d":"1.81270000"},0.81,1.46]
["00040547","PARAFUSO ZINCADO, AUTOBROCANTE, FLANGEADO, 4,2 MM X 19 MM","SINAPI","CENTO",{"v":0.0293,"d":"0.02930000"},24.77,0.72]
["00004812","PLACA DE GESSO PARA FORRO, *60 X 60* CM, ESPESSURA DE 12 MM (SEM COLOCACAO)","SINAPI","M2",{"v":1.0414,"d":"1.04140000"},11.42,11.89]
["00020250","SISAL EM FIBRA / ESTOPA SISAL PARA GESSO","SINAPI","KG",{"v":0.0078,"d":"0.00780000"},25.37,0.19]
[{"$nulls":4},"TOTAL Material:",null,14.98]
["Mão de Obra com Encargos Complementares",null,"FONTE","UNID","COEFICIENTE","PREÇO UNITÁRIO","TOTAL"]
["88269","GESSEIRO COM ENCARGOS COMPLEMENTARES","SINAPI","H",{"v":0.7867,"d":"0.78670000"},{"v":26.7,"d":"26.70"},{"v":21,"d":"21.00"}]
["88316","SERVENTE COM ENCARGOS COMPLEMENTARES","SINAPI","H",{"v":0.4522,"d":"0.45220000"},21.32,9.64]
[{"$nulls":4},"TOTAL Mão de Obra com Encargos Complementares:",null,30.64]
[{"$nulls":4},"VALOR:",null,45.62]
[{"$nulls":4},"VALOR ENCARGOS*:",null,"INCLUSO"]
[{"$nulls":4},"VALOR BDI (22.88%):",null,10.44]
[{"$nulls":4},"VALOR COM BDI:",null,56.06]
[]
["3.1.1. 97622 DEMOLIÇÃO DE ALVENARIA DE BLOCO FURADO, DE FORMA MANUAL, SEM REAPROVEITAMENTO. AF_09/2023 (M3)"]
["Mão de Obra com Encargos Complementares",null,"FONTE","UNID","COEFICIENTE","PREÇO UNITÁRIO","TOTAL"]
["88309","PEDREIRO COM ENCARGOS COMPLEMENTARES","SINAPI","H",{"v":0.3541,"d":"0.35410000"},{"v":26.9,"d":"26.90"},9.52]
["88316","SERVENTE COM ENCARGOS COMPLEMENTARES","SINAPI","H",{"v":2.1957,"d":"2.19570000"},21.32,46.81]
[{"$nulls":4},"TOTAL Mão de Obra com Encargos Complementares:",null,56.33]
[{"$nulls":4},"VALOR:",null,56.33]
[{"$nulls":4},"VALOR ENCARGOS*:",null,"INCLUSO"]
[{"$nulls":4},"VALOR BDI (22.88%):",null,12.89]
[{"$nulls":4},"VALOR COM BDI:",null,69.22]
[]
["3.1.2. 97644 REMOÇÃO DE PORTAS, DE FORMA MANUAL, SEM REAPROVEITAMENTO. AF_09/2023 (M2)"]
["Mão de Obra com Encargos Complementares",null,"FONTE","UNID","COEFICIENTE","PREÇO UNITÁRIO","TOTAL"]
["88309","PEDREIRO COM ENCARGOS COMPLEMENTARES","SINAPI","H",{"v":0.1087,"d":"0.10870000"},{"v":26.9,"d":"26.90"},2.92]
["88316","SERVENTE COM ENCARGOS COMPLEMENTARES","SINAPI","H",{"v":0.3075,"d":"0.30750000"},21.32,6.55]
[{"$nulls":4},"TOTAL Mão de Obra com Encargos Complementares:",null,9.47]
[{"$nulls":4},"VALOR:",null,9.47]
[{"$nulls":4},"VALOR ENCARGOS*:",null,"INCLUSO"]
[{"$nulls":4},"VALOR BDI (22.88%):",null,2.17]
[{"$nulls":4},"VALOR COM BDI:",null,11.64]
[]
["3.1.3. 97634 DEMOLIÇÃO DE REVESTIMENTO CERÂMICO, DE FORMA MECANIZADA COM MARTELETE, SEM REAPROVEITAMENTO. (M2)"]
["Equipamento Custo Horário",null,"FONTE","UNID","COEFICIENTE","PREÇO UNITÁRIO","TOTAL"]
["102274","MARTELO DEMOLIDOR ELÉTRICO, COM POTÊNCIA DE 2.000 W, 1.000 IMPACTOS POR MINUTO, PESO DE 30 KG - CHI DIURNO. AF_01/2021","SINAPI","CHI",{"v":0.0603,"d":"0.06030000"},18.92,1.14]
["102275","MARTELO DEMOLIDOR ELÉTRICO, COM POTÊNCIA DE 2.000 W, 1.000 IMPACTOS POR MINUTO, PESO DE 30 KG - CHP DIURNO. AF_01/2021","SINAPI","CHP",{"v":0.0788,"d":"0.07880000"},{"v":21.3,"d":"21.30"},1.67]
[{"$nulls":4},"TOTAL Equipamento Custo Horário:",null,2.81]
["Mão de Obra com Encargos Complementares",null,"FONTE","UNID","COEFICIENTE","PREÇO UNITÁRIO","TOTAL"]
["88256","AZULEJISTA OU LADRILHEIRO COM ENCARGOS COMPLEMENTARES","SINAPI","H",{"v":0.0323,"d":"0.03230000"},26.77,0.86]
["88316","SERVENTE COM ENCARGOS COMPLEMENTARES","SINAPI","H",{"v":0.1085,"d":"0.10850000"},21.32,2.31]
[{"$nulls":4},"TOTAL Mão de Obra com Encargos Complementares:",null,3.17]
[{"$nulls":4},"VALOR:",null,5.98]
[{"$nulls":4},"VALOR ENCARGOS*:",null,"INCLUSO"]
[{"$nulls":4},"VALOR BDI (22.88%):",null,1.37]
[{"$nulls":4},"VALOR COM BDI:",null,7.35]
[]
["3.2.1. 95957_ATT COMPOSIÇÃO REPRESENTATIVA) EXECUÇÃO DE ESTRUTURAS DE CONCRETO ARMADO, PARA EDIFICAÇÃO INSTITUCIONAL TÉRREA, FCK = 25 MPA. (M3)"]
["Material",null,"FONTE","UNID","COEFICIENTE","PREÇO UNITÁRIO","TOTAL"]
["95957_ATT.","(COMPOSIÇÃO REPRESENTATIVA) EXECUÇÃO DE ESTRUTURAS DE CONCRETO ARMADO, PARA EDIFICAÇÃO INSTITUCIONAL TÉRREA, FCK = 25 MPA.","Composições ","M3",{"v":1,"d":"1.00000000"},{"v":2952.79,"d":"2,952.79"},{"v":2952.79,"d":"2,952.79"}]
[{"$nulls":4},"TOTAL Material:",null,{"v":2952.79,"d":"2,952.79"}]
[{"$nulls":4},"VALOR:",null,{"v":2952.79,"d":"2,952.79"}]
[{"$nulls":4},"VALOR ENCARGOS*:",null,"INCLUSO"]
[{"$nulls":4},"VALOR BDI (22.88%):",null,{"v":675.6,"d":"675.60"}]
[{"$nulls":4},"VALOR COM BDI:",null,{"v":3628.39,"d":"3,628.39"}]
[]
["3.2.2. 105023 VERGA MOLDADA IN LOCO EM CONCRETO, ESPESSURA DE *15* CM. AF_03/2024 (M)"]
["Material",null,"FONTE","UNID","COEFICIENTE","PREÇO UNITÁRIO","TOTAL"]
["00002692","DESMOLDANTE PROTETOR PARA FORMAS DE MADEIRA, DE BASE OLEOSA EMULSIONADA EM AGUA","SINAPI","L",{"v":0.009,"d":"0.00900000"},8.48,0.07]
["00039017","ESPACADOR / DISTANCIADOR CIRCULAR COM ENTRADA LATERAL, EM PLASTICO, PARA VERGALHAO *4,2 A 12,5* MM, COBRIMENTO 20 MM","SINAPI","UN",{"v":6,"d":"6.00000000"},0.22,1.32]
["00004491","PONTALETE *7,5 X 7,5* CM EM PINUS, MISTA OU EQUIVALENTE DA REGIAO - BRUTA","SINAPI","M",{"v":0.203,"d":"0.20300000"},11.54,2.34]
[{"$nulls":4},"TOTAL Material:",null,3.73]
["Mão de Obra com Encargos Complementares",null,"FONTE","UNID","COEFICIENTE","PREÇO UNITÁRIO","TOTAL"]
["88309","PEDREIRO COM ENCARGOS COMPLEMENTARES","SINAPI","H",{"v":0.501,"d":"0.50100000"},{"v":26.9,"d":"26.90"},13.47]
["88316","SERVENTE COM ENCARGOS COMPLEMENTARES","SINAPI","H",{"v":0.251,"d":"0.25100000"},21.32,5.35]
[{"$nulls":4},"TOTAL Mão de Obra com Encargos Complementares:",null,18.82]
["Serviço",null,"FONTE","UNID","COEFICIENTE","PREÇO UNITÁRIO","TOTAL"]
["94964","CONCRETO FCK = 20MPA, TRAÇO 1:2,7:3 (EM MASSA SECA DE CIMENTO/ AREIA MÉDIA/ BRITA 1) - PREPARO MECÂNICO COM BETONEIRA 400 L. AF_05/2021","SINAPI","M3",{"v":0.032,"d":"0.03200000"},{"v":479.3,"d":"479.30"},15.33]
["92802","CORTE E DOBRA DE AÇO CA-50, DIÂMETRO DE 8,0 MM. AF_06/2022","SINAPI","KG",{"v":0.79,"d":"0.79000000"},8.54,6.74]
["92270","FABRICAÇÃO DE FÔRMA PARA VIGAS, COM MADEIRA SERRADA, E = 25 MM. AF_09/2020","SINAPI","M2",{"v":0.104,"d":"0.10400000"},154.88,{"v":16.1,"d":"16.10"}]
[{"$nulls":4},"TOTAL Serviço:",null,38.17]
[{"$nulls":4},"VALOR:",null,60.72]
[{"$nulls":4},"VALOR ENCARGOS*:",null,"INCLUSO"]
[{"$nulls":4},"VALOR BDI (22.88%):",null,13.89]
[{"$nulls":4},"VALOR COM BDI:",null,74.61]
[]
["3.2.3. 105031 CONTRAVERGA MOLDADA IN LOCO COM UTILIZAÇÃO DE BLOCOS CANALETA, ESPESSURA DE *15* CM. AF_03/2024 (M)"]
["Material",null,"FONTE","UNID","COEFICIENTE","PREÇO UNITÁRIO","TOTAL"]
["00000659","CANALETA DE CONCRETO 14 X 19 X 19 CM (CLASSE C - NBR 6136)","SINAPI","UN",{"v":5.34,"d":"5.34000000"},3.31,17.67]
[{"$nulls":4},"TOTAL Material:",null,17.67]
["Mão de Obra com Encargos Complementares",null,"FONTE","UNID","COEFICIENTE","PREÇO UNITÁRIO","TOTAL"]
["88309","PEDREIRO COM ENCARGOS COMPLEMENTARES","SINAPI","H",{"v":0.111,"d":"0.11100000"},{"v":26.9,"d":"26.90"},2.98]
["88316","SERVENTE COM ENCARGOS COMPLEMENTARES","SINAPI","H",{"v":0.056,"d":"0.05600000"},21.32,1.19]
[{"$nulls":4},"TOTAL Mão de Obra com Encargos Complementares:",null,4.17]
["Serviço",null,"FONTE","UNID","COEFICIENTE","PREÇO UNITÁRIO","TOTAL"]
["87294","ARGAMASSA TRAÇO 1:2:9 (EM VOLUME DE CIMENTO, CAL E AREIA MÉDIA ÚMIDA) PARA EMBOÇO/MASSA ÚNICA/ASSENTAMENTO DE ALVENARIA DE VEDAÇÃO, PREPARO MECÂNICO COM BETONEIRA 600 L. AF_08/2019","SINAPI","M3",{"v":0.0015,"d":"0.00150000"},556.31,0.83]
["92802","CORTE E DOBRA DE AÇO CA-50, DIÂMETRO DE 8,0 MM. AF_06/2022","SINAPI","KG",{"v":0.79,"d":"0.79000000"},8.54,6.74]
["89994","GRAUTEAMENTO DE CINTA INTERMEDIÁRIA OU DE CONTRAVERGA EM ALVENARIA ESTRUTURAL. AF_09/2021","SINAPI","M3",{"v":0.021,"d":"0.02100000"},870.12,18.27]
[{"$nulls":4},"TOTAL Serviço:",null,25.84]
[{"$nulls":4},"VALOR:",null,47.68]
[{"$nulls":4},"VALOR ENCARGOS*:",null,"INCLUSO"]
[{"$nulls":4},"VALOR BDI (22.88%):",null,10.91]
[{"$nulls":4},"VALOR COM BDI:",null,58.59]
[]
["3.2.4. 87879 CHAPISCO APLICADO EM ALVENARIAS E ESTRUTURAS DE CONCRETO INTERNAS, COM COLHER DE PEDREIRO. ARGAMASSA TRAÇO 1:3 COM PREPARO EM BETONEIRA 400L. AF_06/2014 (M2)"]
["Mão de Obra com Encargos Complementares",null,"FONTE","UNID","COEFICIENTE","PREÇO UNITÁRIO","TOTAL"]
["88309","PEDREIRO COM ENCARGOS COMPLEMENTARES","SINAPI","H",{"v":0.0681,"d":"0.06810000"},{"v":26.9,"d":"26.90"},1.83]
["88316","SERVENTE COM ENCARGOS COMPLEMENTARES","SINAPI","H",{"v":0.0255,"d":"0.02550000"},21.32,0.54]
[{"$nulls":4},"TOTAL Mão de Obra com Encargos Complementares:",null,2.37]
["Serviço",null,"FONTE","UNID","COEFICIENTE","PREÇO UNITÁRIO","TOTAL"]
["87313","ARGAMASSA TRAÇO 1:3 (EM VOLUME DE CIMENTO E AREIA GROSSA ÚMIDA) PARA CHAPISCO CONVENCIONAL, PREPARO MECÂNICO COM BETONEIRA 400 L. AF_08/2019","SINAPI","M3",{"v":0.0037,"d":"0.00370000"},522.14,1.93]
[{"$nulls":4},"TOTAL Serviço:",null,1.93]
[{"$nulls":4},"VALOR:",null,{"v":4.3,"d":"4.30"}]
[{"$nulls":4},"VALOR ENCARGOS*:",null,"INCLUSO"]
[{"$nulls":4},"VALOR BDI (22.88%):",null,0.98]
[{"$nulls":4},"VALOR COM BDI:",null,5.28]
[]
["3.2.5. 87547 MASSA ÚNICA, PARA RECEBIMENTO DE PINTURA, EM ARGAMASSA TRAÇO 1:2:8, PREPARO MECÂNICO COM BETONEIRA 400L, APLICADA MANUALMENTE EM FACES INTERNAS DE PAREDES, ESPESSURA DE 10MM, COM EXECUÇÃO DE TALISCAS. AF_06/2014 (M2)"]
["Mão de Obra com Encargos Complementares",null,"FONTE","UNID","COEFICIENTE","PREÇO UNITÁRIO","TOTAL"]
["88309","PEDREIRO COM ENCARGOS COMPLEMENTARES","SINAPI","H",{"v":0.3789,"d":"0.37890000"},{"v":26.9,"d":"26.90"},10.19]
["88316","SERVENTE COM ENCARGOS COMPLEMENTARES","SINAPI","H",{"v":0.1894,"d":"0.18940000"},21.32,4.03]
[{"$nulls":4},"TOTAL Mão de Obra com Encargos Complementares:",null,14.22]
["Serviço",null,"FONTE","UNID","COEFICIENTE","PREÇO UNITÁRIO","TOTAL"]
["87292","ARGAMASSA TRAÇO 1:2:8 (EM VOLUME DE CIMENTO, CAL E AREIA MÉDIA ÚMIDA) PARA EMBOÇO/MASSA ÚNICA/ASSENTAMENTO DE ALVENARIA DE VEDAÇÃO, PREPARO MECÂNICO COM BETONEIRA 400 L. AF_08/2019","SINAPI","M3",{"v":0.0194,"d":"0.01940000"},577.98,11.21]
[{"$nulls":4},"TOTAL Serviço:",null,11.21]
[{"$nulls":4},"VALOR:",null,25.43]
[{"$nulls":4},"VALOR ENCARGOS*:",null,"INCLUSO"]
[{"$nulls":4},"VALOR BDI (22.88%):",null,5.82]
[{"$nulls":4},"VALOR COM BDI:",null,31.25]
[]
["3.2.6. 104611 REVESTIMENTO CERÂMICO PARA PAREDES INTERNAS COM PLACAS TIPO ESMALTADA DE DIMENSÕES 60X60 CM APLICADAS NA ALTURA INTEIRA DAS PAREDES. AF_02/2023_PE (M2)"]
["Material",null,"FONTE","UNID","COEFICIENTE","PREÇO UNITÁRIO","TOTAL"]
["00001381","ARGAMASSA COLANTE AC I PARA CERAMICAS","SINAPI","KG",{"v":6.85,"d":"6.85000000"},0.84,5.75]
["00034357","REJUNTE CIMENTICIO, QUALQUER COR","SINAPI","KG",{"v":0.141,"d":"0.14100000"},4.95,0.69]
["00010515","REVESTIMENTO EM CERAMICA ESMALTADA, FORMATO MAIOR A 2025 CM2","SINAPI","M2",{"v":1.0864,"d":"1.08640000"},68.62,74.54]
[{"$nulls":4},"TOTAL Material:",null,80.98]
["Mão de Obra com Encargos Complementares",null,"FONTE","UNID","COEFICIENTE","PREÇO UNITÁRIO","TOTAL"]
["88256","AZULEJISTA OU LADRILHEIRO COM ENCARGOS COMPLEMENTARES","SINAPI","H",{"v":0.7407,"d":"0.74070000"},26.77,19.82]
["88316","SERVENTE COM ENCARGOS COMPLEMENTARES","SINAPI","H",{"v":0.3259,"d":"0.32590000"},21.32,6.94]
[{"$nulls":4},"TOTAL Mão de Obra com Encargos Complementares:",null,26.76]
[{"$nulls":4},"VALOR:",null,107.74]
[{"$nulls":4},"VALOR ENCARGOS*:",null,"INCLUSO"]
[{"$nulls":4},"VALOR BDI (22.88%):",null,24.65]
[{"$nulls":4},"VALOR COM BDI:",null,132.39]
[]
["3.2.7. S02266 Soleira em granito cinza andorinha, l = 15 cm, e = 2 cm (m)"]
["Encargos Complementares",null,"FONTE","UNID","COEFICIENTE","PREÇO UNITÁRIO","TOTAL"]
["S10550","Encargos Complementares - Pedreiro","ORSE","h",{"v":0.6,"d":"0.60000000"},3.87,2.32]
[{"$nulls":4},"TOTAL Encargos Complementares:",null,2.32]
["Material",null,"FONTE","UNID","COEFICIENTE","PREÇO UNITÁRIO","TOTAL"]
["I02030","Soleira granito polido cinza andorinha 15 x 2cm","ORSE","m",{"v":1,"d":"1.00000000"},75.44,75.44]
[{"$nulls":4},"TOTAL Material:",null,75.44]
["Mão de Obra",null,"FONTE","UNID","COEFICIENTE","PREÇO UNITÁRIO","TOTAL"]
["I04750S","Pedreiro (horista)","ORSE","h",{"v":0.6,"d":"0.60000000"},20.44,12.26]
[{"$nulls":4},"TOTAL Mão de Obra:",null,12.26]
["Serviço",null,"FONTE","UNID","COEFICIENTE","PREÇO UNITÁRIO","TOTAL"]
["S01906","Argamassa cimento e areia traço t-4 (1:5) - 1 saco cimento 50kg / 5 padiolas areia dim. 0,35z0,45x0,23m - Confecção mecânica e transporte","ORSE","m3",{"v":0.002,"d":"0.00200000"},402.14,{"v":0.8,"d":"0.80"}]
[{"$nulls":4},"TOTAL Serviço:",null,{"v":0.8,"d":"0.80"}]
[{"$nulls":4},"VALOR:",null,90.82]
[{"$nulls":4},"VALOR ENCARGOS*:",null,"INCLUSO"]
[{"$nulls":4},"VALOR BDI (22.88%):",null,20.78]
[{"$nulls":4},"VALOR COM BDI:",null,{"v":111.6,"d":"111.60"}]
[]
["3.2.8. 87257 REVESTIMENTO CERÂMICO PARA PISO COM PLACAS TIPO ESMALTADA DE DIMENSÕES 60X60 CM APLICADA EM AMBIENTES DE ÁREA MAIOR QUE 10 M2. AF_02/2023_PE (M2)"]
["Material",null,"FONTE","UNID","COEFICIENTE","PREÇO UNITÁRIO","TOTAL"]
["00001381","ARGAMASSA COLANTE AC I PARA CERAMICAS","SINAPI","KG",{"v":9.13,"d":"9.13000000"},0.84,7.66]
["00001292","PISO EM CERAMICA ESMALTADA, COR LISA, PEI MAIOR OU IGUAL A 4, FORMATO MAIOR QUE 2025 CM2","SINAPI","M2",{"v":1.0691,"d":"1.06910000"},{"v":51.9,"d":"51.90"},55.48]
["00034357","REJUNTE CIMENTICIO, QUALQUER COR","SINAPI","KG",{"v":0.141,"d":"0.14100000"},4.95,0.69]
[{"$nulls":4},"TOTAL Material:",null,63.83]
["Mão de Obra com Encargos Complementares",null,"FONTE","UNID","COEFICIENTE","PREÇO UNITÁRIO","TOTAL"]
["88256","AZULEJISTA OU LADRILHEIRO COM ENCARGOS COMPLEMENTARES","SINAPI","H",{"v":0.2892,"d":"0.28920000"},26.77,7.74]
["88316","SERVENTE COM ENCARGOS COMPLEMENTARES","SINAPI","H",{"v":0.1356,"d":"0.13560000"},21.32,2.89]
[{"$nulls":4},"TOTAL Mão de Obra com Encargos Complementares:",null,10.63]
[{"$nulls":4},"VALOR:",null,74.46]
[{"$nulls":4},"VALOR ENCARGOS*:",null,"INCLUSO"]
[{"$nulls":4},"VALOR BDI (22.88%):",null,17.04]
[{"$nulls":4},"VALOR COM BDI:",null,{"v":91.5,"d":"91.50"}]
[]
["3.3.1. 91953 INTERRUPTOR SIMPLES (1 MÓDULO), 10A/250V, INCLUINDO SUPORTE E PLACA - FORNECIMENTO E INSTALAÇÃO. AF_12/2015 (UN)"]
["Serviço",null,"FONTE","UNID","COEFICIENTE","PREÇO UNITÁRIO","TOTAL"]
["91952","INTERRUPTOR SIMPLES (1 MÓDULO), 10A/250V, SEM SUPORTE E SEM PLACA - FORNECIMENTO E INSTALAÇÃO. AF_03/2023","SINAPI","UN",{"v":1,"d":"1.00000000"},{"v":17.8,"d":"17.80"},{"v":17.8,"d":"17.80"}]
["91946","SUPORTE PARAFUSADO COM PLACA DE ENCAIXE 4\" X 2\" MÉDIO (1,30 M DO PISO) PARA PONTO ELÉTRICO - FORNECIMENTO E INSTALAÇÃO. AF_03/2023","SINAPI","UN",{"v":1,"d":"1.00000000"},10.39,10.39]
[{"$nulls":4},"TOTAL Serviço:",null,28.19]
[{"$nulls":4},"VALOR:",null,28.19]
[{"$nulls":4},"VALOR ENCARGOS*:",null,"INCLUSO"]
[{"$nulls":4},"VALOR BDI (22.88%):",null,6.45]
[{"$nulls":4},"VALOR COM BDI:",null,34.64]
[]
["3.3.2. 92005 TOMADA MÉDIA DE EMBUTIR (2 MÓDULOS), 2P+T 20 A, INCLUINDO SUPORTE E PLACA - FORNECIMENTO E INSTALAÇÃO. AF_12/2015 (UN)"]
["Serviço",null,"FONTE","UNID","COEFICIENTE","PREÇO UNITÁRIO","TOTAL"]
["91946","SUPORTE PARAFUSADO COM PLACA DE ENCAIXE 4\" X 2\" MÉDIO (1,30 M DO PISO) PARA PONTO ELÉTRICO - FORNECIMENTO E INSTALAÇÃO. AF_03/2023","SINAPI","UN",{"v":1,"d":"1.00000000"},10.39,10.39]
["92003","TOMADA MÉDIA DE EMBUTIR (2 MÓDULOS), 2P+T 20 A, SEM SUPORTE E SEM PLACA - FORNECIMENTO E INSTALAÇÃO. AF_03/2023","SINAPI","UN",{"v":1,"d":"1.00000000"},46.67,46.67]
[{"$nulls":4},"TOTAL Serviço:",null,57.06]
[{"$nulls":4},"VALOR:",null,57.06]
[{"$nulls":4},"VALOR ENCARGOS*:",null,"INCLUSO"]
[{"$nulls":4},"VALOR BDI (22.88%):",null,13.06]
[{"$nulls":4},"VALOR COM BDI:",null,70.12]
[]
["3.3.3. 91992 TOMADA ALTA DE EMBUTIR (1 MÓDULO), 2P+T 10 A, INCLUINDO SUPORTE E PLACA - FORNECIMENTO E INSTALAÇÃO. AF_12/2015 (UN)"]
["Serviço",null,"FONTE","UNID","COEFICIENTE","PREÇO UNITÁRIO","TOTAL"]
["91946","SUPORTE PARAFUSADO COM PLACA DE ENCAIXE 4\" X 2\" MÉDIO (1,30 M DO PISO) PARA PONTO ELÉTRICO - FORNECIMENTO E INSTALAÇÃO. AF_03/2023","SINAPI","UN",{"v":1,"d":"1.00000000"},10.39,10.39]
["91990","TOMADA ALTA DE EMBUTIR (1 MÓDULO), 2P+T 10 A, SEM SUPORTE E SEM PLACA - FORNECIMENTO E INSTALAÇÃO. AF_03/2023","SINAPI","UN",{"v":1,"d":"1.00000000"},32.58,32.58]
[{"$nulls":4},"TOTAL Serviço:",null,42.97]
[{"$nulls":4},"VALOR:",null,42.97]
[{"$nulls":4},"VALOR ENCARGOS*:",null,"INCLUSO"]
[{"$nulls":4},"VALOR BDI (22.88%):",null,9.83]
[{"$nulls":4},"VALOR COM BDI:",null,{"v":52.8,"d":"52.80"}]
[]
["3.3.4. 92000 TOMADA BAIXA DE EMBUTIR (1 MÓDULO), 2P+T 10 A, INCLUINDO SUPORTE E PLACA - FORNECIMENTO E INSTALAÇÃO. AF_12/2015 (UN)"]
["Serviço",null,"FONTE","UNID","COEFICIENTE","PREÇO UNITÁRIO","TOTAL"]
["91946","SUPORTE PARAFUSADO COM PLACA DE ENCAIXE 4\" X 2\" MÉDIO (1,30 M DO PISO) PARA PONTO ELÉTRICO - FORNECIMENTO E INSTALAÇÃO. AF_03/2023","SINAPI","UN",{"v":1,"d":"1.00000000"},10.39,10.39]
["91998","TOMADA BAIXA DE EMBUTIR (1 MÓDULO), 2P+T 10 A, SEM SUPORTE E SEM PLACA - FORNECIMENTO E INSTALAÇÃO. AF_03/2023","SINAPI","UN",{"v":1,"d":"1.00000000"},19.15,19.15]
[{"$nulls":4},"TOTAL Serviço:",null,29.54]
[{"$nulls":4},"VALOR:",null,29.54]
[{"$nulls":4},"VALOR ENCARGOS*:",null,"INCLUSO"]
[{"$nulls":4},"VALOR BDI (22.88%):",null,6.76]
[{"$nulls":4},"VALOR COM BDI:",null,{"v":36.3,"d":"36.30"}]
[]
["3.3.5. 93653 DISJUNTOR MONOPOLAR TIPO DIN, CORRENTE NOMINAL DE 10A - FORNECIMENTO E INSTALAÇÃO. AF_10/2020 (UN)"]
["Material",null,"FONTE","UNID","COEFICIENTE","PREÇO UNITÁRIO","TOTAL"]
["00034653","DISJUNTOR TERMOMAGNETICO PARA TRILHO DIN (IEC), MONOPOLAR, 6 - 32 A","SINAPI","UN",{"v":1,"d":"1.00000000"},7.49,7.49]
["00001570","TERMINAL A COMPRESSAO EM COBRE ESTANHADO PARA CABO 2,5 MM2, 1 FURO E 1 COMPRESSAO, PARA PARAFUSO DE FIXACAO M5","SINAPI","UN",{"v":1,"d":"1.00000000"},0.91,0.91]
[{"$nulls":4},"TOTAL Material:",null,{"v":8.4,"d":"8.40"}]
["Mão de Obra com Encargos Complementares",null,"FONTE","UNID","COEFICIENTE","PREÇO UNITÁRIO","TOTAL"]
["88247","AUXILIAR DE ELETRICISTA COM ENCARGOS COMPLEMENTARES","SINAPI","H",{"v":0.035428,"d":"0.03542800"},22.63,{"v":0.8,"d":"0.80"}]
["88264","ELETRICISTA COM ENCARGOS COMPLEMENTARES","SINAPI","H",{"v":0.035428,"d":"0.03542800"},27.27,0.96]
[{"$nulls":4},"TOTAL Mão de Obra com Encargos Complementares:",null,1.76]
[{"$nulls":4},"VALOR:",null,10.16]
[{"$nulls":4},"VALOR ENCARGOS*:",null,"INCLUSO"]
[{"$nulls":4},"VALOR BDI (22.88%):",null,2.32]
[{"$nulls":4},"VALOR COM BDI:",null,12.48]
[]
["3.3.6. 91926 CABO DE COBRE FLEXÍVEL ISOLADO, 2,5 MM², ANTI-CHAMA 450/750 V, PARA CIRCUITOS TERMINAIS - FORNECIMENTO E INSTALAÇÃO. AF_12/2015 (M)"]
["Material",null,"FONTE","UNID","COEFICIENTE","PREÇO UNITÁRIO","TOTAL"]
["00001014","CABO DE COBRE, FLEXIVEL, CLASSE 4 OU 5, ISOLACAO EM PVC/A, ANTICHAMA BWF-B, 1 CONDUTOR, 450/750 V, SECAO NOMINAL 2,5 MM2","SINAPI","M",{"v":1.2434,"d":"1.24340000"},2.57,3.19]
["00021127","FITA ISOLANTE ADESIVA ANTICHAMA, USO ATE 750 V, EM ROLO DE 19 MM X 5 M","SINAPI","UN",{"v":0.0094,"d":"0.00940000"},3.15,0.02]
[{"$nulls":4},"TOTAL Material:",null,3.21]
["Mão de Obra com Encargos Complementares",null,"FONTE","UNID","COEFICIENTE","PREÇO UNITÁRIO","TOTAL"]
["88247","AUXILIAR DE ELETRICISTA COM ENCARGOS COMPLEMENTARES","SINAPI","H",{"v":0.029,"d":"0.02900000"},22.63,0.65]
["88264","ELETRICISTA COM ENCARGOS COMPLEMENTARES","SINAPI","H",{"v":0.029,"d":"0.02900000"},27.27,0.79]
[{"$nulls":4},"TOTAL Mão de Obra com Encargos Complementares:",null,1.44]
[{"$nulls":4},"VALOR:",null,4.65]
[{"$nulls":4},"VALOR ENCARGOS*:",null,"INCLUSO"]
[{"$nulls":4},"VALOR BDI (22.88%):",null,1.06]
[{"$nulls":4},"VALOR COM BDI:",null,5.71]
[]
["3.3.7. 91928 CABO DE COBRE FLEXÍVEL ISOLADO, 4 MM², ANTI-CHAMA 450/750 V, PARA CIRCUITOS TERMINAIS - FORNECIMENTO E INSTALAÇÃO. AF_12/2015 (M)"]
["Material",null,"FONTE","UNID","COEFICIENTE","PREÇO UNITÁRIO","TOTAL"]
["00000981","CABO DE COBRE, FLEXIVEL, CLASSE 4 OU 5, ISOLACAO EM PVC/A, ANTICHAMA BWF-B, 1 CONDUTOR, 450/750 V, SECAO NOMINAL 4 MM2","SINAPI","M",1.07637611,4.27,4.59]
["00021127","FITA ISOLANTE ADESIVA ANTICHAMA, USO ATE 750 V, EM ROLO DE 19 MM X 5 M","SINAPI","UN",0.00813731,3.15,0.02]
[{"$nulls":4},"TOTAL Material:",null,4.61]
["Mão de Obra com Encargos Complementares",null,"FONTE","UNID","COEFICIENTE","PREÇO UNITÁRIO","TOTAL"]
["88247","AUXILIAR DE ELETRICISTA COM ENCARGOS COMPLEMENTARES","SINAPI","H",0.03376119,22.63,0.76]
["88264","ELETRICISTA COM ENCARGOS COMPLEMENTARES","SINAPI","H",0.03376119,27.27,0.92]
[{"$nulls":4},"TOTAL Mão de Obra com Encargos Complementares:",null,1.68]
[{"$nulls":4},"VALOR:",null,6.29]
[{"$nulls":4},"VALOR ENCARGOS*:",null,"INCLUSO"]
[{"$nulls":4},"VALOR BDI (22.88%):",null,1.44]
[{"$nulls":4},"VALOR COM BDI:",null,7.73]
[]
["3.3.8. 60126 PLAFON PLAFON 25W LED SOBREPOR BRANCO NEUTRO (UND)"]
["Material",null,"FONTE","UNID","COEFICIENTE","PREÇO UNITÁRIO","TOTAL"]
["60126.","PLAFON PLAFON 25W LED SOBREPOR BRANCO NEUTRO","Composições ","und",{"v":1,"d":"1.00000000"},58.98,58.98]
[{"$nulls":4},"TOTAL Material:",null,58.98]
[{"$nulls":4},"VALOR:",null,58.98]
[{"$nulls":4},"VALOR ENCARGOS*:",null,"INCLUSO"]
[{"$nulls":4},"VALOR BDI (22.88%):",null,13.49]
[{"$nulls":4},"VALOR COM BDI:",null,72.47]
[]
["3.4.1. 100702 PORTA DE CORRER DE ALUMÍNIO, COM DUAS FOLHAS PARA VIDRO, INCLUSO VIDRO LISO INCOLOR, FECHADURA E PUXADOR, SEM ALIZAR. AF_12/2019 (M2)"]
["Material",null,"FONTE","UNID","COEFICIENTE","PREÇO UNITÁRIO","TOTAL"]
["00007568","BUCHA DE NYLON SEM ABA S10, COM PARAFUSO DE 6,10 X 65 MM EM ACO ZINCADO COM ROSCA SOBERBA, CABECA CHATA E FENDA PHILLIPS","SINAPI","UN",{"v":4.72,"d":"4.72000000"},0.66,3.11]
["00036888","GUARNICAO / MOLDURA / ARREMATE DE ACABAMENTO PARA ESQUADRIA, EM ALUMINIO PERFIL 25, ACABAMENTO ANODIZADO BRANCO OU BRILHANTE, PARA 1 FACE","SINAPI","M",{"v":2.202,"d":"2.20200000"},27.32,60.15]
["00004922","PORTA DE CORRER EM ALUMINIO, DUAS FOLHAS MOVEIS COM VIDRO, FECHADURA E PUXADOR EMBUTIDO, ACABAMENTO ANODIZADO NATURAL, SEM GUARNICAO/ALIZAR/VISTA","SINAPI","M2",{"v":1,"d":"1.00000000"},412.97,412.97]
["00000142","SELANTE ELASTICO MONOCOMPONENTE A BASE DE POLIURETANO (PU) PARA JUNTAS DIVERSAS","SINAPI","310ML",{"v":0.0637,"d":"0.06370000"},42.29,2.69]
[{"$nulls":4},"TOTAL Material:",null,478.92]
["Mão de Obra com Encargos Complementares",null,"FONTE","UNID","COEFICIENTE","PREÇO UNITÁRIO","TOTAL"]
["88309","PEDREIRO COM ENCARGOS COMPLEMENTARES","SINAPI","H",{"v":0.282,"d":"0.28200000"},{"v":26.9,"d":"26.90"},7.58]
["88316","SERVENTE COM ENCARGOS COMPLEMENTARES","SINAPI","H",{"v":0.141,"d":"0.14100000"},21.32,{"v":3,"d":"3.00"}]
[{"$nulls":4},"TOTAL Mão de Obra com Encargos Complementares:",null,10.58]
[{"$nulls":4},"VALOR:",null,{"v":489.5,"d":"489.50"}]
[{"$nulls":4},"VALOR ENCARGOS*:",null,"INCLUSO"]
[{"$nulls":4},"VALOR BDI (22.88%):",null,{"v":112,"d":"112.00"}]
[{"$nulls":4},"VALOR COM BDI:",null,{"v":601.5,"d":"601.50"}]
[]
["3.4.2. 90849 KIT DE PORTA DE MADEIRA PARA PINTURA, SEMI-OCA (LEVE OU MÉDIA), PADRÃO MÉDIO, 80X210CM, ESPESSURA DE 3,5CM, ITENS INCLUSOS: DOBRADIÇAS, MONTAGEM E INSTALAÇÃO DO BATENTE, SEM FECHADURA - FORNECIMENTO E INSTALAÇÃO. AF_12/2019 (UN)"]
["Serviço",null,"FONTE","UNID","COEFICIENTE","PREÇO UNITÁRIO","TOTAL"]
["100659","ALIZAR DE 5X1,5CM PARA PORTA FIXADO COM PREGOS, PADRÃO MÉDIO - FORNECIMENTO E INSTALAÇÃO. AF_12/2019","SINAPI","M",{"v":10,"d":"10.00000000"},10.88,{"v":108.8,"d":"108.80"}]
["90806","BATENTE PARA PORTA DE MADEIRA, FIXAÇÃO COM ARGAMASSA, PADRÃO MÉDIO - FORNECIMENTO E INSTALAÇÃO. AF_12/2019","SINAPI","UN",{"v":1,"d":"1.00000000"},388.76,388.76]
["90822","PORTA DE MADEIRA PARA PINTURA, SEMI-OCA (LEVE OU MÉDIA), 80X210CM, ESPESSURA DE 3,5CM, INCLUSO DOBRADIÇAS - FORNECIMENTO E INSTALAÇÃO. AF_12/2019","SINAPI","UN",{"v":1,"d":"1.00000000"},391.46,391.46]
[{"$nulls":4},"TOTAL Serviço:",null,889.02]
[{"$nulls":4},"VALOR:",null,889.02]
[{"$nulls":4},"VALOR ENCARGOS*:",null,"INCLUSO"]
[{"$nulls":4},"VALOR BDI (22.88%):",null,203.41]
[{"$nulls":4},"VALOR COM BDI:",null,{"v":1092.43,"d":"1,092.43"}]
[]
["3.4.3. 94573 JANELA DE ALUMÍNIO DE CORRER COM 4 FOLHAS PARA VIDROS, COM VIDROS, BATENTE, ACABAMENTO COM ACETATO OU BRILHANTE E FERRAGENS. EXCLUSIVE ALIZAR E CONTRAMARCO. FORNECIMENTO E INSTALAÇÃO. AF_12/2019 (M2)"]
["Material",null,"FONTE","UNID","COEFICIENTE","PREÇO UNITÁRIO","TOTAL"]
["00034364","JANELA DE CORRER, EM ALUMINIO PERFIL 25, 120 X 150 CM (A X L), 4 FLS, BANDEIRA COM BASCULA, ACABAMENTO BRANCO OU BRILHANTE, BATENTE/REQUADRO DE 6 A 14 CM, COM VIDRO 4 MM, SEM GUARNICAO/ALIZAR","SINAPI","UN",{"v":0.556,"d":"0.55600000"},631.37,351.04]
["00004377","PARAFUSO DE ACO ZINCADO COM ROSCA SOBERBA, CABECA CHATA E FENDA SIMPLES, DIAMETRO 4,2 MM, COMPRIMENTO * 32 * MM","SINAPI","UN",{"v":7.3,"d":"7.30000000"},0.17,1.24]
["00039961","SILICONE ACETICO USO GERAL INCOLOR 280 G","SINAPI","UN",{"v":0.6010714,"d":"0.60107140"},27.95,16.79]
[{"$nulls":4},"TOTAL Material:",null,369.07]
["Mão de Obra com Encargos Complementares",null,"FONTE","UNID","COEFICIENTE","PREÇO UNITÁRIO","TOTAL"]
["88309","PEDREIRO COM ENCARGOS COMPLEMENTARES","SINAPI","H",{"v":0.3118773,"d":"0.31187730"},{"v":26.9,"d":"26.90"},8.38]
["88316","SERVENTE COM ENCARGOS COMPLEMENTARES","SINAPI","H",{"v":0.1559386,"d":"0.15593860"},21.32,3.32]
[{"$nulls":4},"TOTAL Mão de Obra com Encargos Complementares:",null,{"v":11.7,"d":"11.70"}]
[{"$nulls":4},"VALOR:",null,380.77]
[{"$nulls":4},"VALOR ENCARGOS*:",null,"INCLUSO"]
[{"$nulls":4},"VALOR BDI (22.88%):",null,87.12]
[{"$nulls":4},"VALOR COM BDI:",null,467.89]
[]
["3.5.1. 92543 TRAMA DE MADEIRA COMPOSTA POR TERÇAS PARA TELHADOS DE ATÉ 2 ÁGUAS PARA TELHA ONDULADA DE FIBROCIMENTO, METÁLICA, PLÁSTICA OU TERMOACÚSTICA, INCLUSO TRANSPORTE VERTICAL. AF_07/2019 (M2)"]
["Equipamento Custo Horário",null,"FONTE","UNID","COEFICIENTE","PREÇO UNITÁRIO","TOTAL"]
["93282","GUINCHO ELÉTRICO DE COLUNA, CAPACIDADE 400 KG, COM MOTO FREIO, MOTOR TRIFÁSICO DE 1,25 CV - CHI DIURNO. AF_03/2016","SINAPI","CHI",0.00577049,23.06,0.13]
["93281","GUINCHO ELÉTRICO DE COLUNA, CAPACIDADE 400 KG, COM MOTO FREIO, MOTOR TRIFÁSICO DE 1,25 CV - CHP DIURNO. AF_03/2016","SINAPI","CHP",0.00414754,23.89,0.09]
[{"$nulls":4},"TOTAL Equipamento Custo Horário:",null,0.22]
["Material",null,"FONTE","UNID","COEFICIENTE","PREÇO UNITÁRIO","TOTAL"]
["00040568","PREGO DE ACO POLIDO COM CABECA 22 X 48 (4 1/4 X 5)","SINAPI","KG",0.02704918,21.11,0.57]
["00004425","VIGA NAO APARELHADA *6 X 12* CM, EM MACARANDUBA/MASSARANDUBA, ANGELIM OU EQUIVALENTE DA REGIAO - BRUTA","SINAPI","M",0.57163934,23.69,13.54]
[{"$nulls":4},"TOTAL Material:",null,14.11]
["Mão de Obra com Encargos Complementares",null,"FONTE","UNID","COEFICIENTE","PREÇO UNITÁRIO","TOTAL"]
["88239","AJUDANTE DE CARPINTEIRO COM ENCARGOS COMPLEMENTARES","SINAPI","H",0.05860655,{"v":22,"d":"22.00"},1.28]
["88262","CARPINTEIRO DE FORMAS COM ENCARGOS COMPLEMENTARES","SINAPI","H",0.10639344,26.48,2.81]
[{"$nulls":4},"TOTAL Mão de Obra com Encargos Complementares:",null,4.09]
[{"$nulls":4},"VALOR:",null,18.42]
[{"$nulls":4},"VALOR ENCARGOS*:",null,"INCLUSO"]
[{"$nulls":4},"VALOR BDI (22.88%):",null,4.21]
[{"$nulls":4},"VALOR COM BDI:",null,22.63]
[]
["3.5.2. 94210 TELHAMENTO COM TELHA ONDULADA DE FIBROCIMENTO E = 6 MM, COM RECOBRIMENTO LATERAL DE 1 1/4 DE ONDA PARA TELHADO COM INCLINAÇÃO MÁXIMA DE 10°, COM ATÉ 2 ÁGUAS, INCLUSO IÇAMENTO. AF_07/2019 (M2)"]
["Equipamento Custo Horário",null,"FONTE","UNID","COEFICIENTE","PREÇO UNITÁRIO","TOTAL"]
["93282","GUINCHO ELÉTRICO DE COLUNA, CAPACIDADE 400 KG, COM MOTO FREIO, MOTOR TRIFÁSICO DE 1,25 CV - CHI DIURNO. AF_03/2016","SINAPI","CHI",0.00689009,23.06,0.15]
["93281","GUINCHO ELÉTRICO DE COLUNA, CAPACIDADE 400 KG, COM MOTO FREIO, MOTOR TRIFÁSICO DE 1,25 CV - CHP DIURNO. AF_03/2016","SINAPI","CHP",0.00500239,23.89,0.11]
[{"$nulls":4},"TOTAL Equipamento Custo Horário:",null,0.26]
["Material",null,"FONTE","UNID","COEFICIENTE","PREÇO UNITÁRIO","TOTAL"]
["00001607","CONJUNTO ARRUELAS DE VEDACAO 5/16\" PARA TELHA FIBROCIMENTO (UMA ARRUELA METALICA E UMA ARRUELA PVC - CONICAS)","SINAPI","CJ",{"v":1.1892487,"d":"1.18924870"},0.32,0.38]
["00004302","PARAFUSO ZINCADO ROSCA SOBERBA, CABECA SEXTAVADA, 5/16\" X 250 MM, PARA FIXACAO DE TELHA EM MADEIRA","SINAPI","UN",{"v":1.1892487,"d":"1.18924870"},4.91,5.83]
["00007194","TELHA DE FIBROCIMENTO ONDULADA E = 6 MM, DE 2,44 X 1,10 M (SEM AMIANTO)","SINAPI","M2",1.28080198,36.45,46.68]
[{"$nulls":4},"TOTAL Material:",null,52.89]
["Mão de Obra com Encargos Complementares",null,"FONTE","UNID","COEFICIENTE","PREÇO UNITÁRIO","TOTAL"]
["88316","SERVENTE COM ENCARGOS COMPLEMENTARES","SINAPI","H",0.15667879,21.32,3.34]
["88323","TELHADISTA COM ENCARGOS COMPLEMENTARES","SINAPI","H",0.12081256,26.23,3.16]
[{"$nulls":4},"TOTAL Mão de Obra com Encargos Complementares:",null,{"v":6.5,"d":"6.50"}]
[{"$nulls":4},"VALOR:",null,59.65]
[{"$nulls":4},"VALOR ENCARGOS*:",null,"INCLUSO"]
[{"$nulls":4},"VALOR BDI (22.88%):",null,13.65]
[{"$nulls":4},"VALOR COM BDI:",null,{"v":73.3,"d":"73.30"}]
[]
["3.5.3. 94229 CALHA EM CHAPA DE AÇO GALVANIZADO NÚMERO 24, DESENVOLVIMENTO DE 100 CM, INCLUSO TRANSPORTE VERTICAL. AF_07/2019 (M)"]
["Equipamento Custo Horário",null,"FONTE","UNID","COEFICIENTE","PREÇO UNITÁRIO","TOTAL"]
["93282","GUINCHO ELÉTRICO DE COLUNA, CAPACIDADE 400 KG, COM MOTO FREIO, MOTOR TRIFÁSICO DE 1,25 CV - CHI DIURNO. AF_03/2016","SINAPI","CHI",0.02198039,23.06,{"v":0.5,"d":"0.50"}]
["93281","GUINCHO ELÉTRICO DE COLUNA, CAPACIDADE 400 KG, COM MOTO FREIO, MOTOR TRIFÁSICO DE 1,25 CV - CHP DIURNO. AF_03/2016","SINAPI","CHP",0.01585471,23.89,0.37]
[{"$nulls":4},"TOTAL Equipamento Custo Horário:",null,0.87]
["Material",null,"FONTE","UNID","COEFICIENTE","PREÇO UNITÁRIO","TOTAL"]
["00040784","CALHA QUADRADA DE CHAPA DE ACO GALVANIZADA NUM 24, CORTE 100 CM","SINAPI","M",1.26117027,75.37,95.05]
["00005061","PREGO DE ACO POLIDO COM CABECA 18 X 27 (2 1/2 X 10)","SINAPI","KG",0.03002786,{"v":20.6,"d":"20.60"},0.61]
["00005104","REBITE DE REPUXO EM ALUMINIO VAZADO, DIAMETRO 3,2 X 8 MM DE COMPRIMENTO (1KG = 1025 UNIDADES)","SINAPI","KG",0.00588546,69.03,{"v":0.4,"d":"0.40"}]
["00000142","SELANTE ELASTICO MONOCOMPONENTE A BASE DE POLIURETANO (PU) PARA JUNTAS DIVERSAS","SINAPI","310ML",0.19337944,42.29,8.17]
["00013388","SOLDA EM BARRA DE ESTANHO-CHUMBO 50/50","SINAPI","KG",0.21620061,135.96,29.39]
[{"$nulls":4},"TOTAL Material:",null,133.62]
["Mão de Obra com Encargos Complementares",null,"FONTE","UNID","COEFICIENTE","PREÇO UNITÁRIO","TOTAL"]
["88316","SERVENTE COM ENCARGOS COMPLEMENTARES","SINAPI","H",0.76030551,21.32,{"v":16.2,"d":"16.20"}]
["88323","TELHADISTA COM ENCARGOS COMPLEMENTARES","SINAPI","H",0.64740074,26.23,16.98]
[{"$nulls":4},"TOTAL Mão de Obra com Encargos Complementares:",null,33.18]
[{"$nulls":4},"VALOR:",null,167.67]
[{"$nulls":4},"VALOR ENCARGOS*:",null,"INCLUSO"]
[{"$nulls":4},"VALOR BDI (22.88%):",null,38.36]
[{"$nulls":4},"VALOR COM BDI:",null,206.03]
[]
["3.6.1. 96113 FORRO EM PLACAS DE GESSO, PARA AMBIENTES COMERCIAIS. AF_05/2017_P (M2)"]
["Material",null,"FONTE","UNID","COEFICIENTE","PREÇO UNITÁRIO","TOTAL"]
["00000345","ARAME GALVANIZADO 18 BWG, D = 1,24MM (0,009 KG/M)","SINAPI","KG",{"v":0.0217,"d":"0.02170000"},33.58,0.72]
["00003315","GESSO EM PO PARA REVESTIMENTOS/MOLDURAS/SANCAS E USO GERAL","SINAPI","KG",{"v":1.8127,"d":"1.81270000"},0.81,1.46]
["00040547","PARAFUSO ZINCADO, AUTOBROCANTE, FLANGEADO, 4,2 MM X 19 MM","SINAPI","CENTO",{"v":0.0293,"d":"0.02930000"},24.77,0.72]
["00004812","PLACA DE GESSO PARA FORRO, *60 X 60* CM, ESPESSURA DE 12 MM (SEM COLOCACAO)","SINAPI","M2",{"v":1.0414,"d":"1.04140000"},11.42,11.89]
["00020250","SISAL EM FIBRA / ESTOPA SISAL PARA GESSO","SINAPI","KG",{"v":0.0078,"d":"0.00780000"},25.37,0.19]
[{"$nulls":4},"TOTAL Material:",null,14.98]
["Mão de Obra com Encargos Complementares",null,"FONTE","UNID","COEFICIENTE","PREÇO UNITÁRIO","TOTAL"]
["88269","GESSEIRO COM ENCARGOS COMPLEMENTARES","SINAPI","H",{"v":0.7867,"d":"0.78670000"},{"v":26.7,"d":"26.70"},{"v":21,"d":"21.00"}]
["88316","SERVENTE COM ENCARGOS COMPLEMENTARES","SINAPI","H",{"v":0.4522,"d":"0.45220000"},21.32,9.64]
[{"$nulls":4},"TOTAL Mão de Obra com Encargos Complementares:",null,30.64]
[{"$nulls":4},"VALOR:",null,45.62]
[{"$nulls":4},"VALOR ENCARGOS*:",null,"INCLUSO"]
[{"$nulls":4},"VALOR BDI (22.88%):",null,10.44]
[{"$nulls":4},"VALOR COM BDI:",null,56.06]
[]
["4.1.1. 97622 DEMOLIÇÃO DE ALVENARIA DE BLOCO FURADO, DE FORMA MANUAL, SEM REAPROVEITAMENTO. AF_09/2023 (M3)"]
["Mão de Obra com Encargos Complementares",null,"FONTE","UNID","COEFICIENTE","PREÇO UNITÁRIO","TOTAL"]
["88309","PEDREIRO COM ENCARGOS COMPLEMENTARES","SINAPI","H",{"v":0.3541,"d":"0.35410000"},{"v":26.9,"d":"26.90"},9.52]
["88316","SERVENTE COM ENCARGOS COMPLEMENTARES","SINAPI","H",{"v":2.1957,"d":"2.19570000"},21.32,46.81]
[{"$nulls":4},"TOTAL Mão de Obra com Encargos Complementares:",null,56.33]
[{"$nulls":4},"VALOR:",null,56.33]
[{"$nulls":4},"VALOR ENCARGOS*:",null,"INCLUSO"]
[{"$nulls":4},"VALOR BDI (22.88%):",null,12.89]
[{"$nulls":4},"VALOR COM BDI:",null,69.22]
[]
["4.1.2. 22882 REMOCAO DE GRADE/GRADIL/ALAMBRADO FERRO PARAFUSADA S/REAPROV (M2)"]
["Material",null,"FONTE","UNID","COEFICIENTE","PREÇO UNITÁRIO","TOTAL"]
["22882","REMOCAO DE GRADE/GRADIL/ALAMBRADO FERRO PARAFUSADA S/REAPROV","Composições ","M2",{"v":1,"d":"1.00000000"},17.08,17.08]
[{"$nulls":4},"TOTAL Material:",null,17.08]
[{"$nulls":4},"VALOR:",null,17.08]
[{"$nulls":4},"VALOR ENCARGOS*:",null,"INCLUSO"]
[{"$nulls":4},"VALOR BDI (22.88%):",null,3.91]
[{"$nulls":4},"VALOR COM BDI:",null,20.99]
[]
["4.1.3. 97634 DEMOLIÇÃO DE REVESTIMENTO CERÂMICO, DE FORMA MECANIZADA COM MARTELETE, SEM REAPROVEITAMENTO. AF_09/2023 (M2)"]
["Equipamento Custo Horário",null,"FONTE","UNID","COEFICIENTE","PREÇO UNITÁRIO","TOTAL"]
["102274","MARTELO DEMOLIDOR ELÉTRICO, COM POTÊNCIA DE 2.000 W, 1.000 IMPACTOS POR MINUTO, PESO DE 30 KG - CHI DIURNO. AF_01/2021","SINAPI","CHI",{"v":0.0603,"d":"0.06030000"},18.92,1.14]
["102275","MARTELO DEMOLIDOR ELÉTRICO, COM POTÊNCIA DE 2.000 W, 1.000 IMPACTOS POR MINUTO, PESO DE 30 KG - CHP DIURNO. AF_01/2021","SINAPI","CHP",{"v":0.0788,"d":"0.07880000"},{"v":21.3,"d":"21.30"},1.67]
[{"$nulls":4},"TOTAL Equipamento Custo Horário:",null,2.81]
["Mão de Obra com Encargos Complementares",null,"FONTE","UNID","COEFICIENTE","PREÇO UNITÁRIO","TOTAL"]
["88256","AZULEJISTA OU LADRILHEIRO COM ENCARGOS COMPLEMENTARES","SINAPI","H",{"v":0.0323,"d":"0.03230000"},26.77,0.86]
["88316","SERVENTE COM ENCARGOS COMPLEMENTARES","SINAPI","H",{"v":0.1085,"d":"0.10850000"},21.32,2.31]
[{"$nulls":4},"TOTAL Mão de Obra com Encargos Complementares:",null,3.17]
[{"$nulls":4},"VALOR:",null,5.98]
[{"$nulls":4},"VALOR ENCARGOS*:",null,"INCLUSO"]
[{"$nulls":4},"VALOR BDI (22.88%):",null,1.37]
[{"$nulls":4},"VALOR COM BDI:",null,7.35]
[]
["4.1.4. 22749 RETIRADA CORRIMAO METALICO (M)"]
["Material",null,"FONTE","UNID","COEFICIENTE","PREÇO UNITÁRIO","TOTAL"]
["22749","RETIRADA CORRIMAO METALICO","Composições ","M",{"v":1,"d":"1.00000000"},9.06,9.06]
[{"$nulls":4},"TOTAL Material:",null,9.06]
[{"$nulls":4},"VALOR:",null,9.06]
[{"$nulls":4},"VALOR ENCARGOS*:",null,"INCLUSO"]
[{"$nulls":4},"VALOR BDI (22.88%):",null,2.07]
[{"$nulls":4},"VALOR COM BDI:",null,11.13]
[]
["4.1.5. S03240 Demolição de piso de alta resistência (m2)"]
["Encargos Complementares",null,"FONTE","UNID","COEFICIENTE","PREÇO UNITÁRIO","TOTAL"]
["S10550","Encargos Complementares - Pedreiro","ORSE","h",{"v":0.1,"d":"0.10000000"},3.87,0.38]
["S10549","Encargos Complementares - Servente","ORSE","h",{"v":1,"d":"1.00000000"},3.97,3.97]
[{"$nulls":4},"TOTAL Encargos Complementares:",null,4.35]
["Mão de Obra",null,"FONTE","UNID","COEFICIENTE","PREÇO UNITÁRIO","TOTAL"]
["I04750S","Pedreiro (horista)","ORSE","h",{"v":0.1,"d":"0.10000000"},20.44,2.04]
["I06111S","Servente de obras (horista)","ORSE","h",{"v":1,"d":"1.00000000"},14.58,14.58]
[{"$nulls":4},"TOTAL Mão de Obra:",null,16.62]
[{"$nulls":4},"VALOR:",null,20.96]
[{"$nulls":4},"VALOR ENCARGOS*:",null,"INCLUSO"]
[{"$nulls":4},"VALOR BDI (22.88%):",null,{"v":4.8,"d":"4.80"}]
[{"$nulls":4},"VALOR COM BDI:",null,25.76]
[]
["4.2.1. 95957_ATT. (COMPOSIÇÃO REPRESENTATIVA) EXECUÇÃO DE ESTRUTURAS DE CONCRETO ARMADO, PARA EDIFICAÇÃO INSTITUCIONAL TÉRREA, FCK = 25 MPA. (M3)"]
["Material",null,"FONTE","UNID","COEFICIENTE","PREÇO UNITÁRIO","TOTAL"]
["95957_ATT.","(COMPOSIÇÃO REPRESENTATIVA) EXECUÇÃO DE ESTRUTURAS DE CONCRETO ARMADO, PARA EDIFICAÇÃO INSTITUCIONAL TÉRREA, FCK = 25 MPA.","Composições ","M3",{"v":1,"d":"1.00000000"},{"v":2952.79,"d":"2,952.79"},{"v":2952.79,"d":"2,952.79"}]
[{"$nulls":4},"TOTAL Material:",null,{"v":2952.79,"d":"2,952.79"}]
[{"$nulls":4},"VALOR:",null,{"v":2952.79,"d":"2,952.79"}]
[{"$nulls":4},"VALOR ENCARGOS*:",null,"INCLUSO"]
[{"$nulls":4},"VALOR BDI (22.88%):",null,{"v":675.6,"d":"675.60"}]
[{"$nulls":4},"VALOR COM BDI:",null,{"v":3628.39,"d":"3,628.39"}]
[]
["4.2.2. 103329 ALVENARIA DE VEDAÇÃO DE BLOCOS CERÂMICOS FURADOS NA HORIZONTAL DE 9X19X19 CM (ESPESSURA 9 CM) E ARGAMASSA DE ASSENTAMENTO COM PREPARO MANUAL. AF_12/2021 (M2)"]
["Material",null,"FONTE","UNID","COEFICIENTE","PREÇO UNITÁRIO","TOTAL"]
["00007271","BLOCO CERAMICO / TIJOLO VAZADO PARA ALVENARIA DE VEDACAO, 8 FUROS NA HORIZONTAL DE 9 X 19 X 19 CM (L X A X C)","SINAPI","UN",{"v":28.31,"d":"28.31000000"},0.86,24.34]
["00037395","PINO DE ACO COM FURO, HASTE = 27 MM (ACAO DIRETA)","SINAPI","CENTO",{"v":0.005,"d":"0.00500000"},41.13,{"v":0.2,"d":"0.20"}]
["00034557","TELA DE ACO SOLDADA GALVANIZADA/ZINCADA PARA ALVENARIA, FIO D = *1,20 A 1,70* MM, MALHA 15 X 15 MM, (C X L) *50 X 7,5* CM","SINAPI","M",{"v":0.42,"d":"0.42000000"},1.92,{"v":0.8,"d":"0.80"}]
[{"$nulls":4},"TOTAL Material:",null,25.34]
["Mão de Obra com Encargos Complementares",null,"FONTE","UNID","COEFICIENTE","PREÇO UNITÁRIO","TOTAL"]
["88309","PEDREIRO COM ENCARGOS COMPLEMENTARES","SINAPI","H",{"v":1.61,"d":"1.61000000"},{"v":26.9,"d":"26.90"},{"v":43.3,"d":"43.30"}]
["88316","SERVENTE COM ENCARGOS COMPLEMENTARES","SINAPI","H",{"v":0.805,"d":"0.80500000"},21.32,17.16]
[{"$nulls":4},"TOTAL Mão de Obra com Encargos Complementares:",null,60.46]
["Serviço",null,"FONTE","UNID","COEFICIENTE","PREÇO UNITÁRIO","TOTAL"]
["87369","ARGAMASSA TRAÇO 1:2:8 (EM VOLUME DE CIMENTO, CAL E AREIA MÉDIA ÚMIDA) PARA EMBOÇO/MASSA ÚNICA/ASSENTAMENTO DE ALVENARIA DE VEDAÇÃO, PREPARO MANUAL. AF_08/2019","SINAPI","M3",{"v":0.0091,"d":"0.00910000"},720.31,6.55]
[{"$nulls":4},"TOTAL Serviço:",null,6.55]
[{"$nulls":4},"VALOR:",null,92.35]
[{"$nulls":4},"VALOR ENCARGOS*:",null,"INCLUSO"]
[{"$nulls":4},"VALOR BDI (22.88%):",null,21.13]
[{"$nulls":4},"VALOR COM BDI:",null,113.48]
[]
["4.2.3. 87879 CHAPISCO APLICADO EM ALVENARIAS E ESTRUTURAS DE CONCRETO INTERNAS, COM COLHER DE PEDREIRO. ARGAMASSA TRAÇO 1:3 COM PREPARO EM BETONEIRA 400L. AF_06/2014 (M2)"]
["Mão de Obra com Encargos Complementares",null,"FONTE","UNID","COEFICIENTE","PREÇO UNITÁRIO","TOTAL"]
["88309","PEDREIRO COM ENCARGOS COMPLEMENTARES","SINAPI","H",{"v":0.0681,"d":"0.06810000"},{"v":26.9,"d":"26.90"},1.83]
["88316","SERVENTE COM ENCARGOS COMPLEMENTARES","SINAPI","H",{"v":0.0255,"d":"0.02550000"},21.32,0.54]
[{"$nulls":4},"TOTAL Mão de Obra com Encargos Complementares:",null,2.37]
["Serviço",null,"FONTE","UNID","COEFICIENTE","PREÇO UNITÁRIO","TOTAL"]
["87313","ARGAMASSA TRAÇO 1:3 (EM VOLUME DE CIMENTO E AREIA GROSSA ÚMIDA) PARA CHAPISCO CONVENCIONAL, PREPARO MECÂNICO COM BETONEIRA 400 L. AF_08/2019","SINAPI","M3",{"v":0.0037,"d":"0.00370000"},522.14,1.93]
[{"$nulls":4},"TOTAL Serviço:",null,1.93]
[{"$nulls":4},"VALOR:",null,{"v":4.3,"d":"4.30"}]
[{"$nulls":4},"VALOR ENCARGOS*:",null,"INCLUSO"]
[{"$nulls":4},"VALOR BDI (22.88%):",null,0.98]
[{"$nulls":4},"VALOR COM BDI:",null,5.28]
[]
["4.2.4. 87547 MASSA ÚNICA, PARA RECEBIMENTO DE PINTURA, EM ARGAMASSA TRAÇO 1:2:8, PREPARO MECÂNICO COM BETONEIRA 400L, APLICADA MANUALMENTE EM FACES INTERNAS DE PAREDES, ESPESSURA DE 10MM, COM EXECUÇÃO DE TALISCAS. AF_06/2014 (M2)"]
["Mão de Obra com Encargos Complementares",null,"FONTE","UNID","COEFICIENTE","PREÇO UNITÁRIO","TOTAL"]
["88309","PEDREIRO COM ENCARGOS COMPLEMENTARES","SINAPI","H",{"v":0.3789,"d":"0.37890000"},{"v":26.9,"d":"26.90"},10.19]
["88316","SERVENTE COM ENCARGOS COMPLEMENTARES","SINAPI","H",{"v":0.1894,"d":"0.18940000"},21.32,4.03]
[{"$nulls":4},"TOTAL Mão de Obra com Encargos Complementares:",null,14.22]
["Serviço",null,"FONTE","UNID","COEFICIENTE","PREÇO UNITÁRIO","TOTAL"]
["87292","ARGAMASSA TRAÇO 1:2:8 (EM VOLUME DE CIMENTO, CAL E AREIA MÉDIA ÚMIDA) PARA EMBOÇO/MASSA ÚNICA/ASSENTAMENTO DE ALVENARIA DE VEDAÇÃO, PREPARO MECÂNICO COM BETONEIRA 400 L. AF_08/2019","SINAPI","M3",{"v":0.0194,"d":"0.01940000"},577.98,11.21]
[{"$nulls":4},"TOTAL Serviço:",null,11.21]
[{"$nulls":4},"VALOR:",null,25.43]
[{"$nulls":4},"VALOR ENCARGOS*:",null,"INCLUSO"]
[{"$nulls":4},"VALOR BDI (22.88%):",null,5.82]
[{"$nulls":4},"VALOR COM BDI:",null,31.25]
[]
["4.2.5. 94990 EXECUÇÃO DE PASSEIO (CALÇADA) OU PISO DE CONCRETO COM CONCRETO MOLDADO IN LOCO, FEITO EM OBRA, ACABAMENTO CONVENCIONAL, NÃO ARMADO. AF_08/2022 (M3)"]
["Material",null,"FONTE","UNID","COEFICIENTE","PREÇO UNITÁRIO","TOTAL"]
["00002692","DESMOLDANTE PROTETOR PARA FORMAS DE MADEIRA, DE BASE OLEOSA EMULSIONADA EM AGUA","SINAPI","L",{"v":0.0213,"d":"0.02130000"},8.48,0.18]
["00005068","PREGO DE ACO POLIDO COM CABECA 17 X 21 (2 X 11)","SINAPI","KG",{"v":0.2994,"d":"0.29940000"},20.95,6.27]
["00004509","SARRAFO *2,5 X 10* CM EM PINUS, MISTA OU EQUIVALENTE DA REGIAO - BRUTA","SINAPI","M",{"v":3.125,"d":"3.12500000"},5.86,18.31]
["00004517","SARRAFO *2,5 X 7,5* CM EM PINUS, MISTA OU EQUIVALENTE DA REGIAO - BRUTA","SINAPI","M",{"v":2.5,"d":"2.50000000"},4.03,10.07]
[{"$nulls":4},"TOTAL Material:",null,34.83]
["Mão de Obra com Encargos Complementares",null,"FONTE","UNID","COEFICIENTE","PREÇO UNITÁRIO","TOTAL"]
["88262","CARPINTEIRO DE FORMAS COM ENCARGOS COMPLEMENTARES","SINAPI","H",{"v":1.6268,"d":"1.62680000"},26.48,43.07]
["88309","PEDREIRO COM ENCARGOS COMPLEMENTARES","SINAPI","H",{"v":1.4149,"d":"1.41490000"},{"v":26.9,"d":"26.90"},38.06]
["88316","SERVENTE COM ENCARGOS COMPLEMENTARES","SINAPI","H",{"v":3.0417,"d":"3.04170000"},21.32,64.84]
[{"$nulls":4},"TOTAL Mão de Obra com Encargos Complementares:",null,145.97]
["Serviço",null,"FONTE","UNID","COEFICIENTE","PREÇO UNITÁRIO","TOTAL"]
["94964","CONCRETO FCK = 20MPA, TRAÇO 1:2,7:3 (EM MASSA SECA DE CIMENTO/ AREIA MÉDIA/ BRITA 1) - PREPARO MECÂNICO COM BETONEIRA 400 L. AF_05/2021","SINAPI","M3",{"v":1.2315,"d":"1.23150000"},{"v":479.3,"d":"479.30"},590.25]
[{"$nulls":4},"TOTAL Serviço:",null,590.25]
[{"$nulls":4},"VALOR:",null,771.05]
[{"$nulls":4},"VALOR ENCARGOS*:",null,"INCLUSO"]
[{"$nulls":4},"VALOR BDI (22.88%):",null,176.42]
[{"$nulls":4},"VALOR COM BDI:",null,947.47]
[]
["4.2.6. 001-PORCMA ADAP 170195) PORCELANATO 90x90cm MARMORIZADO ACETINADO BORDA RETA EXTERNO 90x90cm MIRAGE INCESA - FORNECIMENTO E ASSENTAMENTO (M2)"]
["Material",null,"FONTE","UNID","COEFICIENTE","PREÇO UNITÁRIO","TOTAL"]
["001-PORCMA","ADAP 170195) PORCELANATO 90x90cm MARMORIZADO ACETINADO BORDA RETA EXTERNO 90x90cm MIRAGE INCESA - FORNECIMENTO E ASSENTAMENTO","Composições ","M2",{"v":1,"d":"1.00000000"},316.29,316.29]
[{"$nulls":4},"TOTAL Material:",null,316.29]
[{"$nulls":4},"VALOR:",null,316.29]
[{"$nulls":4},"VALOR ENCARGOS*:",null,"INCLUSO"]
[{"$nulls":4},"VALOR BDI (22.88%):",null,72.37]
[{"$nulls":4},"VALOR COM BDI:",null,388.66]
[]
["4.2.7. REV30X90CM A (ADAP120249) - REVESTIMENTO Portobello Decor Canela Ripado MATE 30x90 cm - FORNECIMENTO E ASSENTAMENTO (M2)"]
["Material",null,"FONTE","UNID","COEFICIENTE","PREÇO UNITÁRIO","TOTAL"]
["REV30X90CM A","(ADAP120249) - REVESTIMENTO Portobello Decor Canela Ripado MATE 30x90 cm - FORNECIMENTO E ASSENTAMENTO","Composições ","M2",{"v":1,"d":"1.00000000"},192.19,192.19]
[{"$nulls":4},"TOTAL Material:",null,192.19]
[{"$nulls":4},"VALOR:",null,192.19]
[{"$nulls":4},"VALOR ENCARGOS*:",null,"INCLUSO"]
[{"$nulls":4},"VALOR BDI (22.88%):",null,43.97]
[{"$nulls":4},"VALOR COM BDI:",null,236.16]
[]
["4.3.1. 60208. PONTO DE LUZ-ARANDELA TUBULACAO EMB.CX/FIACAO (und)"]
["Material",null,"FONTE","UNID","COEFICIENTE","PREÇO UNITÁRIO","TOTAL"]
["60208.","PONTO DE LUZ-ARANDELA TUBULACAO EMB.CX/FIACAO","Composições ","und",{"v":1,"d":"1.00000000"},93.99,93.99]
[{"$nulls":4},"TOTAL Material:",null,93.99]
[{"$nulls":4},"VALOR:",null,93.99]
[{"$nulls":4},"VALOR ENCARGOS*:",null,"INCLUSO"]
[{"$nulls":4},"VALOR BDI (22.88%):",null,{"v":21.5,"d":"21.50"}]
[{"$nulls":4},"VALOR COM BDI:",null,115.49]
[]
["4.4.1. S12043 Letra em aço inox escovado/polido 20 x 20cm - instalado (un)"]
["Encargos Complementares",null,"FONTE","UNID","COEFICIENTE","PREÇO UNITÁRIO","TOTAL"]
["S10550","Encargos Complementares - Pedreiro","ORSE","h",{"v":0.25,"d":"0.25000000"},3.87,0.96]
[{"$nulls":4},"TOTAL Encargos Complementares:",null,0.96]
["Material",null,"FONTE","UNID","COEFICIENTE","PREÇO UNITÁRIO","TOTAL"]
["I04876","Letras aço inox 20 x 20cm","ORSE","un",{"v":1,"d":"1.00000000"},91.86,91.86]
[{"$nulls":4},"TOTAL Material:",null,91.86]
["Mão de Obra",null,"FONTE","UNID","COEFICIENTE","PREÇO UNITÁRIO","TOTAL"]
["I04750S","Pedreiro (horista)","ORSE","h",{"v":0.25,"d":"0.25000000"},20.44,5.11]
[{"$nulls":4},"TOTAL Mão de Obra:",null,5.11]
[{"$nulls":4},"VALOR:",null,97.93]
[{"$nulls":4},"VALOR ENCARGOS*:",null,"INCLUSO"]
[{"$nulls":4},"VALOR BDI (22.88%):",null,22.41]
[{"$nulls":4},"VALOR COM BDI:",null,120.34]
[]
["4.4.2. S04716 Grade em metalon (m2)"]
["Encargos Complementares",null,"FONTE","UNID","COEFICIENTE","PREÇO UNITÁRIO","TOTAL"]
["S10550","Encargos Complementares - Pedreiro","ORSE","h",{"v":1,"d":"1.00000000"},3.87,3.87]
["S10549","Encargos Complementares - Servente","ORSE","h",{"v":1,"d":"1.00000000"},3.97,3.97]
[{"$nulls":4},"TOTAL Encargos Complementares:",null,7.84]
["Material",null,"FONTE","UNID","COEFICIENTE","PREÇO UNITÁRIO","TOTAL"]
["I04406","Grade em metalon","ORSE","m2",{"v":1,"d":"1.00000000"},250.03,250.03]
[{"$nulls":4},"TOTAL Material:",null,250.03]
["Mão de Obra",null,"FONTE","UNID","COEFICIENTE","PREÇO UNITÁRIO","TOTAL"]
["I04750S","Pedreiro (horista)","ORSE","h",{"v":1,"d":"1.00000000"},20.44,20.44]
["I06111S","Servente de obras (horista)","ORSE","h",{"v":1,"d":"1.00000000"},14.58,14.58]
[{"$nulls":4},"TOTAL Mão de Obra:",null,35.02]
["Serviço",null,"FONTE","UNID","COEFICIENTE","PREÇO UNITÁRIO","TOTAL"]
["S01903","Argamassa cimento e areia traço t-1 (1:3) - 1 saco cimento 50kg / 3 padiolas areia dim. 0.35 x 0.45 x 0.23 m - Confecção mecânica e transporte","ORSE","m3",{"v":0.03,"d":"0.03000000"},514.76,15.44]
[{"$nulls":4},"TOTAL Serviço:",null,15.44]
[{"$nulls":4},"VALOR:",null,308.33]
[{"$nulls":4},"VALOR ENCARGOS*:",null,"INCLUSO"]
[{"$nulls":4},"VALOR BDI (22.88%):",null,70.55]
[{"$nulls":4},"VALOR COM BDI:",null,378.88]
[]
["4.4.3. 2001004045. PORTAO EM METALON - 1 FOLHA - PARA PEDESTRES, INCLUSIVE 2 BROCAS DE 25CM (0,80M), PINTURA EM FUNDO ANTICORROSIVO (2 DEMAOS) E ESMALTE EM 2 DEMAOS - ANEXO A-060 (S.C.) (M2)"]
["Material",null,"FONTE","UNID","COEFICIENTE","PREÇO UNITÁRIO","TOTAL"]
["2001004045.","PORTAO EM METALON - 1 FOLHA - PARA PEDESTRES, INCLUSIVE 2 BROCAS DE 25CM (0,80M), PINTURA EM FUNDO ANTICORROSIVO (2 DEMAOS) E ESMALTE EM 2 DEMAOS - ANEXO A-060 (S.C.)","Composições ","M2",{"v":1,"d":"1.00000000"},{"v":658.3,"d":"658.30"},{"v":658.3,"d":"658.30"}]
[{"$nulls":4},"TOTAL Material:",null,{"v":658.3,"d":"658.30"}]
[{"$nulls":4},"VALOR:",null,{"v":658.3,"d":"658.30"}]
[{"$nulls":4},"VALOR ENCARGOS*:",null,"INCLUSO"]
[{"$nulls":4},"VALOR BDI (22.88%):",null,150.62]
[{"$nulls":4},"VALOR COM BDI:",null,808.92]
[]
["4.4.4. 99859 CORRIMÃO DUPLO, DIÂMETRO EXTERNO = 1 1/2\", EM AÇO INOX. AF_04/2019 (M)"]
["Geral",null,"FONTE","UNID","COEFICIENTE","PREÇO UNITÁRIO","TOTAL"]
["00044188","SUPORTE PARA FIXACAO CORRIMAO TUBULAR NA PAREDE EM, ACO INOX POLIDO, PARA APOIO BARRA CURVA DE 1/2\" E BERCO, COM CANOPLA","SINAPI","UN",1.58516039,10.46,16.58]
["00044362","TUBO REDONDO DE ACO INOX 304, E = 1,50 MM, DIAMETRO = 1 1/2\"","SINAPI","M",1.49507795,{"v":5.2,"d":"5.20"},7.77]
[{"$nulls":4},"TOTAL Geral:",null,24.35]
["Material",null,"FONTE","UNID","COEFICIENTE","PREÇO UNITÁRIO","TOTAL"]
["00007568","BUCHA DE NYLON SEM ABA S10, COM PARAFUSO DE 6,10 X 65 MM EM ACO ZINCADO COM ROSCA SOBERBA, CABECA CHATA E FENDA PHILLIPS","SINAPI","UN",3.17032079,0.66,2.09]
["00011002","ELETRODO REVESTIDO AWS - E6013, DIAMETRO IGUAL A 2,50 MM","SINAPI","KG",{"v":7.2647E-4,"d":"0.00072647"},26.83,0.01]
["00005104","REBITE DE REPUXO EM ALUMINIO VAZADO, DIAMETRO 3,2 X 8 MM DE COMPRIMENTO (1KG = 1025 UNIDADES)","SINAPI","KG",0.00290588,69.03,{"v":0.2,"d":"0.20"}]
[{"$nulls":4},"TOTAL Material:",null,{"v":2.3,"d":"2.30"}]
["Mão de Obra com Encargos Complementares",null,"FONTE","UNID","COEFICIENTE","PREÇO UNITÁRIO","TOTAL"]
["88251","AUXILIAR DE SERRALHEIRO COM ENCARGOS COMPLEMENTARES","SINAPI","H",1.13983348,22.17,25.27]
["88315","SERRALHEIRO COM ENCARGOS COMPLEMENTARES","SINAPI","H",{"v":1.3875602,"d":"1.38756020"},{"v":26.7,"d":"26.70"},37.04]
[{"$nulls":4},"TOTAL Mão de Obra com Encargos Complementares:",null,62.31]
[{"$nulls":4},"VALOR:",null,88.96]
[{"$nulls":4},"VALOR ENCARGOS*:",null,"INCLUSO"]
[{"$nulls":4},"VALOR BDI (22.88%):",null,20.35]
[{"$nulls":4},"VALOR COM BDI:",null,109.31]
[]
["4.4.5. 98509 PLANTIO DE ARBUSTO OU CERCA VIVA. AF_07/2024 (UN)"]
["Material",null,"FONTE","UNID","COEFICIENTE","PREÇO UNITÁRIO","TOTAL"]
["00000365","MUDA DE ARBUSTO FOLHAGEM, SANSAO-DO-CAMPO OU EQUIVALENTE DA REGIAO, H= *50 A 70* CM","SINAPI","UN",{"v":1,"d":"1.00000000"},46.14,46.14]
[{"$nulls":4},"TOTAL Material:",null,46.14]
["Mão de Obra com Encargos Complementares",null,"FONTE","UNID","COEFICIENTE","PREÇO UNITÁRIO","TOTAL"]
["88441","JARDINEIRO COM ENCARGOS COMPLEMENTARES","SINAPI","H",{"v":0.0108,"d":"0.01080000"},22.29,0.24]
["88316","SERVENTE COM ENCARGOS COMPLEMENTARES","SINAPI","H",{"v":0.0542,"d":"0.05420000"},21.32,1.15]
[{"$nulls":4},"TOTAL Mão de Obra com Encargos Complementares:",null,1.39]
[{"$nulls":4},"VALOR:",null,47.53]
[{"$nulls":4},"VALOR ENCARGOS*:",null,"INCLUSO"]
[{"$nulls":4},"VALOR BDI (22.88%):",null,10.87]
[{"$nulls":4},"VALOR COM BDI:",null,{"v":58.4,"d":"58.40"}]
[]
["4.5.1. 88485 APLICAÇÃO DE FUNDO SELADOR ACRÍLICO EM PAREDES, UMA DEMÃO. AF_06/2014 (M2)"]
["Material",null,"FONTE","UNID","COEFICIENTE","PREÇO UNITÁRIO","TOTAL"]
["00006085","SELADOR ACRILICO OPACO PREMIUM INTERIOR/EXTERIOR","SINAPI","L",{"v":0.1666,"d":"0.16660000"},8.64,1.43]
[{"$nulls":4},"TOTAL Material:",null,1.43]
["Mão de Obra com Encargos Complementares",null,"FONTE","UNID","COEFICIENTE","PREÇO UNITÁRIO","TOTAL"]
["88310","PINTOR COM ENCARGOS COMPLEMENTARES","SINAPI","H",{"v":0.0666,"d":"0.06660000"},28.58,{"v":1.9,"d":"1.90"}]
["88316","SERVENTE COM ENCARGOS COMPLEMENTARES","SINAPI","H",{"v":0.0222,"d":"0.02220000"},21.32,0.47]
[{"$nulls":4},"TOTAL Mão de Obra com Encargos Complementares:",null,2.37]
[{"$nulls":4},"VALOR:",null,{"v":3.8,"d":"3.80"}]
[{"$nulls":4},"VALOR ENCARGOS*:",null,"INCLUSO"]
[{"$nulls":4},"VALOR BDI (22.88%):",null,0.87]
[{"$nulls":4},"VALOR COM BDI:",null,4.67]
[]
["4.5.2. 96135 APLICAÇÃO MANUAL DE MASSA ACRÍLICA EM PAREDES EXTERNAS DE CASAS, DUAS DEMÃOS. AF_03/2024 (M2)"]
["Material",null,"FONTE","UNID","COEFICIENTE","PREÇO UNITÁRIO","TOTAL"]
["00003767","LIXA EM FOLHA PARA PAREDE OU MADEIRA, NUMERO 120, COR VERMELHA","SINAPI","UN",{"v":0.08287,"d":"0.08287000"},{"v":0.9,"d":"0.90"},0.07]
["00043651","MASSA ACRILICA PARA SUPERFICIES INTERNAS E EXTERNAS","SINAPI","KG",{"v":1.38709,"d":"1.38709000"},{"v":4.8,"d":"4.80"},6.65]
[{"$nulls":4},"TOTAL Material:",null,6.72]
["Mão de Obra com Encargos Complementares",null,"FONTE","UNID","COEFICIENTE","PREÇO UNITÁRIO","TOTAL"]
["88310","PINTOR COM ENCARGOS COMPLEMENTARES","SINAPI","H",{"v":0.6344,"d":"0.63440000"},28.58,18.13]
["88316","SERVENTE COM ENCARGOS COMPLEMENTARES","SINAPI","H",{"v":0.1036,"d":"0.10360000"},21.32,{"v":2.2,"d":"2.20"}]
[{"$nulls":4},"TOTAL Mão de Obra com Encargos Complementares:",null,20.33]
[{"$nulls":4},"VALOR:",null,27.05]
[{"$nulls":4},"VALOR ENCARGOS*:",null,"INCLUSO"]
[{"$nulls":4},"VALOR BDI (22.88%):",null,6.19]
[{"$nulls":4},"VALOR COM BDI:",null,33.24]
[]
["4.5.3. 88489 APLICAÇÃO MANUAL DE PINTURA COM TINTA LÁTEX ACRÍLICA EM PAREDES, DUAS DEMÃOS. AF_06/2014 (M2)"]
["Material",null,"FONTE","UNID","COEFICIENTE","PREÇO UNITÁRIO","TOTAL"]
["00007356","TINTA LATEX ACRILICA PREMIUM, COR BRANCO FOSCO","SINAPI","L",{"v":0.2285,"d":"0.22850000"},29.39,6.71]
[{"$nulls":4},"TOTAL Material:",null,6.71]
["Mão de Obra com Encargos Complementares",null,"FONTE","UNID","COEFICIENTE","PREÇO UNITÁRIO","TOTAL"]
["88310","PINTOR COM ENCARGOS COMPLEMENTARES","SINAPI","H",{"v":0.1631,"d":"0.16310000"},28.58,4.66]
["88316","SERVENTE COM ENCARGOS COMPLEMENTARES","SINAPI","H",{"v":0.0544,"d":"0.05440000"},21.32,1.15]
[{"$nulls":4},"TOTAL Mão de Obra com Encargos Complementares:",null,5.81]
[{"$nulls":4},"VALOR:",null,12.52]
[{"$nulls":4},"VALOR ENCARGOS*:",null,"INCLUSO"]
[{"$nulls":4},"VALOR BDI (22.88%):",null,2.86]
[{"$nulls":4},"VALOR COM BDI:",null,15.38]

{"sheet":"CRONOGRAMA","index":3,"n_rows":12,"n_cols":7,"rows_kept":12,"merged":[[0,0,0,7],[2,0,3,0],[2,1,3,1],[2,2,3,2],[4,0,5,0],[4,1,5,1],[4,2,5,2],[6,0,7,0],[6,1,7,1],[6,2,7,2],[8,0,9,0],[8,1,9,1],[8,2,9,2],[10,2,11,2],[10,6,11,6]]}
[]
["ITEM","DESCRIÇÃO","VALOR (R$)","ETAPA 1","ETAPA 2","ETAPA 3","Total parcela"]
["1","SERVIÇOS PRELIMINARES - GLOBAL",{"v":11561.74,"d":"11,561.74"},{"v":1,"d":"100.00%"},null,null,{"v":1,"d":"100.00%"}]
[{"$nulls":3},{"v":11561.74,"d":"11,561.74"},null,null,{"v":11561.74,"d":"11,561.74"}]
["2","REFORMA - WCS ACESSÍVEIS",{"v":22512.28,"d":"22,512.28"},{"v":0.5,"d":"50.00%"},{"v":0.5,"d":"50.00%"},null,{"v":1,"d":"100.00%"}]
[{"$nulls":3},{"v":11256.14,"d":"11,256.14"},{"v":11256.14,"d":"11,256.14"},null,{"v":22512.28,"d":"22,512.28"}]
["3","REFORMA - SALA DE EXPOSIÇÕES",{"v":22852.79,"d":"22,852.79"},{"v":0.5,"d":"50.00%"},{"v":0.5,"d":"50.00%"},null,{"v":1,"d":"100.00%"}]
[{"$nulls":3},{"v":11426.4,"d":"11,426.40"},{"v":11426.39,"d":"11,426.39"},null,{"v":22852.79,"d":"22,852.79"}]
["4","REFORMA E REVITALIZAÇÃO DAS FACHADAS",{"v":42788.03,"d":"42,788.03"},null,{"v":0.5,"d":"50.00%"},{"v":0.5,"d":"50.00%"},{"v":1,"d":"100.00%"}]
[{"$nulls":4},{"v":21394.02,"d":"21,394.02"},{"v":21394.01,"d":"21,394.01"},{"v":42788.03,"d":"42,788.03"}]
[null,null,{"v":99714.84,"d":"99,714.84"},{"v":34244.28,"d":"34,244.28"},{"v":44076.55,"d":"44,076.55"},{"v":21394.01,"d":"21,394.01"},{"v":99714.84,"d":"99,714.84"}]
[{"$nulls":3},{"v":34244.28,"d":"34,244.28"},{"v":78320.83,"d":"78,320.83"},{"v":99714.84,"d":"99,714.84"}]

{"sheet":"BDI","index":4,"n_rows":24,"n_cols":3,"rows_kept":24,"merged":[[0,0,0,3],[1,1,1,3],[3,1,3,2],[8,1,8,2],[9,1,9,2],[15,1,15,2],[16,1,16,2],[22,1,22,2],[23,1,23,2],[24,1,24,2]]}
[]
[null,"\n"]
["COD","DESCRIÇÃO","%"]
[]
[null,"Benefício"]
["S + G","Garantia/seguros",{"v":0.8,"d":"0.80"}]
["L","Lucro",{"v":7.4,"d":"7.40"}]
[null,"TOTAL",{"v":8.200000000000001,"d":"8.20"}]
[null,"\n"]
[]
[null,"Despesas Indiretas"]
["AC","Administração central",{"v":4,"d":"4.00"}]
["DF","Despesas financeiras",1.23]
["R","Riscos",1.27]
[null,"TOTAL",{"v":6.5,"d":"6.50"}]
[null,"\n"]
[]
["I","Impostos"]
[null,"COFINS",{"v":3,"d":"3.00"}]
[null,"ISS",{"v":2.5,"d":"2.50"}]
[null,"PIS",0.65]
[null,"TOTAL",6.15]
[null,"\n"]
[null,"BDI = 22,88%"]

{"sheet":"ENCARGOS SOCIAIS","index":5,"n_rows":85,"n_cols":5,"rows_kept":85,"merged":[[0,0,0,6],[1,1,1,4],[2,2,2,3],[2,4,2,5],[3,1,3,2],[5,2,5,3],[5,4,5,5],[6,2,6,3],[6,4,6,5],[7,2,7,3],[7,4,7,5],[8,2,8,3],[8,4,8,5],[9,2,9,3],[9,4,9,5],[10,2,10,3],[10,4,10,5],[11,2,11,3],[11,4,11,5],[12,2,12,3],[12,4,12,5],[13,2,13,3],[13,4,13,5],[14,2,14,3],[14,4,14,5],[15,1,15,2],[17,2,17,3],[17,4,17,5],[18,2,18,3],[18,4,18,5],[19,2,19,3],[19,4,19,5],[20,2,20,3],[20,4,20,5],[21,2,21,3],[21,4,21,5],[22,2,22,3],[22,4,22,5],[23,2,23,3],[23,4,23,5],[24,2,24,3],[24,4,24,5],[25,2,25,3],[25,4,25,5],[26,2,26,3],[26,4,26,5],[27,2,27,3],[27,4,27,5],[28,1,28,2],[30,2,30,3],[30,4,30,5],[31,2,31,3],[31,4,31,5],[32,2,32,3],[32,4,32,5],[33,2,33,3],[33,4,33,5],[34,2,34,3],[34,4,34,5],[35,2,35,3],[35,4,35,5],[36,1,36,2],[38,2,38,3],[38,4,38,5],[39,2,39,3],[39,4,39,5],[40,2,40,3],[40,4,40,5],[41,1,41,3],[42,2,42,3],[42,4,42,5],[43,1,43,4],[44,2,44,3],[44,4,44,5],[45,1,45,2],[47,2,47,3],[47,4,47,5],[48,2,48,3],[48,4,48,5],[49,2,49,3],[49,4,49,5],[50,2,50,3],[50,4,50,5],[51,2,51,3],[51,4,51,5],[52,2,52,3],[52,4,52,5],[53,2,53,3],[53,4,53,5],[54,2,54,3],[54,4,54,5],[55,2,55,3],[55,4,55,5],[56,2,56,3],[56,4,56,5],[57,1,57,2],[59,2,59,3],[59,4,59,5],[60,2,60,3],[60,4,60,5],[61,2,61,3],[61,4,61,5],[62,2,62,3],[62,4,62,5],[63,2,63,3],[63,4,63,5],[64,2,64,3],[64,4,64,5],[65,2,65,3],[65,4,65,5],[66,2,66,3],[66,4,66,5],[67,2,67,3],[67,4,67,5],[68,2,68,3],[68,4,68,5],[69,2,69,3],[69,4,69,5],[70,1,70,2],[72,2,72,3],[72,4,72,5],[73,2,73,3],[73,4,73,5],[74,2,74,3],[74,4,74,5],[75,2,75,3],[75,4,75,5],[76,2,76,3],[76,4,76,5],[77,2,77,3],[77,4,77,5],[78,1,78,2],[80,2,80,3],[80,4,80,5],[81,2,81,3],[81,4,81,5],[82,2,82,3],[82,4,82,5],[83,1,83,3],[84,2,84,3],[84,4,84,5]]}
[]
[null,"\n"]
["COD","DESCRIÇÃO","HORISTA %",null,"MENSALISTA %"]
[null,"\n"]
["A","GRUPO A"]
["A1","INSS ",{"v":20,"d":"20.00"},null,{"v":20,"d":"20.00"}]
["A2","SESI ",{"v":1.5,"d":"1.50"},null,{"v":1.5,"d":"1.50"}]
["A3","SENAI ",{"v":1,"d":"1.00"},null,{"v":1,"d":"1.00"}]
["A4","INCRA ",{"v":0.2,"d":"0.20"},null,{"v":0.2,"d":"0.20"}]
["A5","SEBRAE ",{"v":0.6,"d":"0.60"},null,{"v":0.6,"d":"0.60"}]
["A6","Salário Educação ",{"v":2.5,"d":"2.50"},null,{"v":2.5,"d":"2.50"}]
["A7","Seguro Contra Acidentes de Trabalho ",{"v":3,"d":"3.00"},null,{"v":3,"d":"3.00"}]
["A8","FGTS ",{"v":8,"d":"8.00"},null,{"v":8,"d":"8.00"}]
["A9","SECONCI ",{"v":0,"d":"0.00"},null,{"v":0,"d":"0.00"}]
[null,"TOTAL",{"v":36.8,"d":"36.80"},null,{"v":36.8,"d":"36.80"}]
[null,"\n"]
["B","GRUPO B"]
["B1","Repouso Semanal Remunerado ",18.02,null,{"v":0,"d":"0.00"}]
["B2","Feriados ",4.31,null,{"v":0,"d":"0.00"}]
["B3","Auxílio - Enfermidade ",0.86,null,0.65]
["B4","13º Salário ",10.96,null,8.33]
["B5","Licença Paternidade ",0.07,null,0.05]
["B6","Faltas Justificadas ",0.73,null,0.56]
["B7","Dias de Chuvas ",2.04,null,{"v":0,"d":"0.00"}]
["B8","Auxílio Acidente de Trabalho ",{"v":0.1,"d":"0.10"},null,0.07]
["B9","Férias Gozadas ",9.76,null,7.42]
["B10","Salário Maternidade ",0.03,null,0.03]
[null,"TOTAL",{"v":46.879999999999995,"d":"46.88"},null,{"v":17.110000000000003,"d":"17.11"}]
[null,"\n"]
["C","GRUPO C"]
["C1","Aviso Prévio Indenizado ",4.53,null,3.45]
["C2","Aviso Prévio Trabalhado ",0.11,null,0.08]
["C3","Férias Indenizadas ",4.29,null,3.26]
["C4","Depósito Rescisão Sem Justa Causa ",2.96,null,2.25]
["C5","Indenização Adicional ",0.38,null,0.29]
[null,"TOTAL",{"v":12.270000000000001,"d":"12.27"},null,{"v":9.329999999999998,"d":"9.33"}]
[null,"\n"]
["D","GRUPO D"]
["D1","Reincidência de Grupo A sobre Grupo B ",17.25,null,{"v":6.3,"d":"6.30"}]
["D2","Reincidência de Grupo A sobre Aviso Prévio Trabalhado e Reincidência do FGTS sobre Aviso Prévio Indenizado ",{"v":0.4,"d":"0.40"},null,0.31]
[null,"TOTAL",17.65,null,{"v":6.609999999999999,"d":"6.61"}]
[null,"\n"]
[null,"A + B + C + D =",{"v":113.6,"d":"113.60"},null,69.85]
[null,"\n"]
["COD","DESCRIÇÃO","HORISTA %",null,"MENSALISTA %"]
[null,"\n"]
["A","GRUPO A"]
["A1","INSS ",{"v":20,"d":"20.00"},null,{"v":20,"d":"20.00"}]
["A2","SESI ",{"v":1.5,"d":"1.50"},null,{"v":1.5,"d":"1.50"}]
["A3","SENAI ",{"v":1,"d":"1.00"},null,{"v":1,"d":"1.00"}]
["A4","INCRA ",{"v":0.2,"d":"0.20"},null,{"v":0.2,"d":"0.20"}]
["A5","SEBRAE ",{"v":0.6,"d":"0.60"},null,{"v":0.6,"d":"0.60"}]
["A6","Salário Educação ",{"v":2.5,"d":"2.50"},null,{"v":2.5,"d":"2.50"}]
["A7","Seguro Contra Acidentes de Trabalho ",{"v":3,"d":"3.00"},null,{"v":3,"d":"3.00"}]
["A8","FGTS ",{"v":8,"d":"8.00"},null,{"v":8,"d":"8.00"}]
["A9","SECONCI ",{"v":0,"d":"0.00"},null,{"v":0,"d":"0.00"}]
[null,"TOTAL",{"v":36.8,"d":"36.80"},null,{"v":36.8,"d":"36.80"}]
[null,"\n"]
["B","GRUPO B"]
["B1","Repouso Semanal Remunerado ",17.86,null,{"v":0,"d":"0.00"}]
["B2","Feriados ",3.93,null,{"v":0,"d":"0.00"}]
["B3","Auxílio - Enfermidade ",0.84,null,0.65]
["B4","13º Salário ",{"v":10.8,"d":"10.80"},null,8.33]
["B5","Licença Paternidade ",0.06,null,0.05]
["B6","Faltas Justificadas ",0.72,null,0.56]
["B7","Dias de Chuvas ",1.48,null,{"v":0,"d":"0.00"}]
["B8","Auxílio Acidente de Trabalho ",0.09,null,0.07]
["B9","Férias Gozadas ",8.54,null,{"v":6.6,"d":"6.60"}]
["B10","Salário Maternidade ",0.03,null,0.03]
[null,"TOTAL",44.35,null,{"v":16.290000000000003,"d":"16.29"}]
[null,"\n"]
["C","GRUPO C"]
["C1","Aviso Prévio Indenizado ",4.75,null,3.67]
["C2","Aviso Prévio Trabalhado ",0.11,null,0.09]
["C3","Férias Indenizadas ",4.72,null,3.64]
["C4","Depósito Rescisão Sem Justa Causa ",3.49,null,{"v":2.7,"d":"2.70"}]
["C5","Indenização Adicional ",{"v":0.4,"d":"0.40"},null,0.31]
[null,"TOTAL",13.47,null,{"v":10.410000000000002,"d":"10.41"}]
[null,"\n"]
["D","GRUPO D"]
["D1","Reincidência de Grupo A sobre Grupo B ",16.32,null,5.99]
["D2","Reincidência de Grupo A sobre Aviso Prévio Trabalhado e Reincidência do FGTS sobre Aviso Prévio Indenizado ",0.42,null,0.33]
[null,"TOTAL",{"v":16.740000000000002,"d":"16.74"},null,6.32]
[null,"\n"]
[null,"A + B + C + D =",111.36,null,69.82]